Statistics for All Country First Level Subdivisions

Click here to take the quiz!

General Stats

  • This quiz has been taken 894 times
    (186 since last reset)
  • The average score is 355 of 3920

Answer Stats

CountrySubdivision% Correct
Pakistan
4 provinces
1 capital
1 self-administering state
1 self-administering territory
Gilgit-Baltistan
74%
Norway
11 fylker
2 integral overseas areas
1 dependency
Nordland
74%
Burkina Faso
13 régions | Cameroon
10 régions | Haiti
10 départements | +2 others
North
74%
Bahrain
4 muhāfazāt | Fiji
4 provinces
1 dependency | Ghana
16 regions | +8 others
Northern
74%
Saudi Arabia
13 manaţiq
Northern Borders
74%
Denmark
5 regioner
2 self-governing territories
North Jutland
74%
New Zealand
11 non-unitary regions
5 unitary authorities
2 states in free-association
1 self-administering territory
1 special territorial authority
2 outlying islands
Northland
74%
Papua New Guinea
20 provinces
1 autonomous region
1 capital
Oro / Northern
74%
Eritrea
6 zoba
Debub / Southern
73%
Estonia
15 maakonnad
Lääne / Western
73%
Panama
10 provincias
4 comarcas indígenas
Panamá West
73%
Cameroon
10 régions | Haiti
10 départements | Lebanon
8 muhāfazāt
South
73%
Bahrain
4 muhāfazāt | Botswana
10 rural districts
7 urban districts | Israel
6 mehozot | +6 others
Southern
73%
Denmark
5 regioner
2 self-governing territories
Southern Denmark
73%
New Zealand
11 non-unitary regions
5 unitary authorities
2 states in free-association
1 self-administering territory
1 special territorial authority
2 outlying islands
Southland
73%
Kazakhstan
14 oblys
4 qala
Turkistan
73%
Norway
11 fylker
2 integral overseas areas
1 dependency
Vestland
73%
Cameroon
10 régions | Haiti
10 départements | Kazakhstan
14 oblys
4 qala
West
73%
New Zealand
11 non-unitary regions
5 unitary authorities
2 states in free-association
1 self-administering territory
1 special territorial authority
2 outlying islands
West Coast
73%
Fiji
4 provinces
1 dependency | Gambia
5 regions
1 city | Ghana
16 regions | +6 others
Western
73%
Papua New Guinea
20 provinces
1 autonomous region
1 capital
Western / Fly
73%
Mongolia
21 aimags
1 khot
Dornod
71%
Burkina Faso
13 régions | Cameroon
10 régions | Kazakhstan
14 oblys
4 qala
East
71%
Fiji
4 provinces
1 dependency | Ghana
16 regions | Rwanda
5 intara | +3 others
Eastern
71%
Morocco
12 regions
Oriental / Eastern
71%
Myanmar
7 daysamyarr
7 pyinaalmyarr
1 union territory
5 self-administered zones
1 self-administered division
Wa
68%
Haiti
10 départements
Center
61%
Seychelles
26 districts
Au Cap
59%
Botswana
10 rural districts
7 urban districts | Burkina Faso
13 régions | Cameroon
10 régions | +14 others
Central
58%
United Kingdom
4 constituent countries
3 crown dependencies
12 non-Antarctic civilian overseas territories
2 sovereign base areas
Isle of Man
58%
Jordan
12 muhāfazāt
Ma'an
58%
Eritrea
6 zoba
Maekel / Central
58%
Denmark
5 regioner
2 self-governing territories
Mid Jutland
58%
Turkey
81 il
Muş
58%
India
28 states
8 union territories
National Capital Territory of Delhi
57%
Kenya
47 kaunti
Tana River
56%
Brazil
26 estados
1 federal district
Federal District
54%
Myanmar
7 daysamyarr
7 pyinaalmyarr
1 union territory
5 self-administered zones
1 self-administered division
Mon
53%
Colombia
32 departamentos
1 capital
Capital District
52%
Philippines
16 rehiyong pampangasiwaan
1 awtonomong rehiyon
National Capital
52%
United States
50 states
1 federal district
1 incorporated territory
4 unincorporated organized territories
1 unincorporated unorganized self-governing territory
8 unincorporated unorganized territories
California
51%
Denmark
5 regioner
2 self-governing territories
Capital
51%
Paraguay
17 departamentos
1 capital
Distrito Capital
51%
Pakistan
4 provinces
1 capital
1 self-administering state
1 self-administering territory
Khyber Pakhtunkhwa
51%
Dominican Republic
31 provincias
1 distrito nacional
National District
51%
Cameroon
10 régions | Canada
10 provinces
3 territories
Northwest
51%
Haiti
10 départements
North-West
51%
Sierra Leone
4 provinces
1 area | Singapore
5 districts | South Africa
9 provinces
North West
51%
Zambia
10 provinces
North-Western
51%
Sri Lanka
9 provinces
North Western
51%
Ghana
16 regions
Upper West
51%
Ghana
16 regions
Western North
51%
Nigeria
36 states
1 federal capital territory
Abuja
50%
Samoa
11 itūmālō
Aiga-i-le-Tai
50%
Venezuela
23 estados
2 special status areas
Capital District
50%
Equatorial Guinea
8 provincias
Kié-Ntem
50%
Cuba
16 provincias
Pinar del Río
50%
Papua New Guinea
20 provinces
1 autonomous region
1 capital
National Capital
49%
Solomon Islands
9 provinces
1 capital
Capital Territory
48%
Afghanistan
34 velaya'at
Kabul
48%
United States
50 states
1 federal district
1 incorporated territory
4 unincorporated organized territories
1 unincorporated unorganized self-governing territory
8 unincorporated unorganized territories
Texas
48%
Bahrain
4 muhāfazāt
Capital
47%
Finland
18 maakuntaa
1 itsehallinnollinen maakunta
Southwest
47%
United Kingdom
4 constituent countries
3 crown dependencies
12 non-Antarctic civilian overseas territories
2 sovereign base areas
Wales
47%
Equatorial Guinea
8 provincias
Wele-Nzas
47%
United States
50 states
1 federal district
1 incorporated territory
4 unincorporated organized territories
1 unincorporated unorganized self-governing territory
8 unincorporated unorganized territories
Alaska
46%
Germany
16 Länder
Berlin
46%
Democratic Republic of the Congo
26 provinces
Mai-Ndombe
46%
Burkina Faso
13 régions | Cameroon
10 régions
Southwest
46%
Singapore
5 districts
South West
46%
United States
50 states
1 federal district
1 incorporated territory
4 unincorporated organized territories
1 unincorporated unorganized self-governing territory
8 unincorporated unorganized territories
Washington DC
46%
United Kingdom
4 constituent countries
3 crown dependencies
12 non-Antarctic civilian overseas territories
2 sovereign base areas
England
45%
United States
50 states
1 federal district
1 incorporated territory
4 unincorporated organized territories
1 unincorporated unorganized self-governing territory
8 unincorporated unorganized territories
New Hampshire
45%
United States
50 states
1 federal district
1 incorporated territory
4 unincorporated organized territories
1 unincorporated unorganized self-governing territory
8 unincorporated unorganized territories
Washington
45%
Ecuador
24 provincias
El Oro
44%
United States
50 states
1 federal district
1 incorporated territory
4 unincorporated organized territories
1 unincorporated unorganized self-governing territory
8 unincorporated unorganized territories
New York
44%
Cape Verde
22 concelhos
Sal
44%
United Kingdom
4 constituent countries
3 crown dependencies
12 non-Antarctic civilian overseas territories
2 sovereign base areas
Scotland
44%
Bahamas
31 districts
1 capital area
Cat Island
43%
France
13 régions
5 régions d'outre-mer
5 collectivités d'outre-mer
1 collectivité sui generis
1 territoire d'outre-mer
French Guiana
43%
Mexico
31 estados
1 distrito federal
México
43%
Mexico
31 estados
1 distrito federal
Mexico City
43%
Ghana
16 regions | Singapore
5 districts
North East
43%
Botswana
10 rural districts
7 urban districts | Haiti
10 départements
North-East
43%
Australia
6 states
3 territories
6 external territories
Queensland
43%
Brazil
26 estados
1 federal district
Rio de Janeiro
43%
Singapore
5 districts
South East
43%
Botswana
10 rural districts
7 urban districts | Haiti
10 départements
South-East
43%
Malta
5 reġjuni
South Eastern
43%
Ghana
16 regions
Upper East
43%
India
28 states
8 union territories
Uttar Pradesh
43%
Madagascar
22 faritra
Amoron'i Mania
42%
United States
50 states
1 federal district
1 incorporated territory
4 unincorporated organized territories
1 unincorporated unorganized self-governing territory
8 unincorporated unorganized territories | Uruguay
19 departamentos
Florida
42%
United States
50 states
1 federal district
1 incorporated territory
4 unincorporated organized territories
1 unincorporated unorganized self-governing territory
8 unincorporated unorganized territories
Hawaii
42%
Turkmenistan
5 welaýatlar
1 capital
Mary
42%
Russia
46 oblasts
22 republics
4 autonomous okrugs
9 krais
1 autonomous oblast
3 federal cities
Moscow
42%
United States
50 states
1 federal district
1 incorporated territory
4 unincorporated organized territories
1 unincorporated unorganized self-governing territory
8 unincorporated unorganized territories
New Mexico
42%
Canada
10 provinces
3 territories
Quebec
42%
Morocco
12 regions
Rabat-Salé-Kéntira
42%
Australia
6 states
3 territories
6 external territories
Tasmania
42%
United States
50 states
1 federal district
1 incorporated territory
4 unincorporated organized territories
1 unincorporated unorganized self-governing territory
8 unincorporated unorganized territories
Alabama
41%
Montenegro
22 opštine
1 prijestonica
1 glavni grad
Bar
41%
Ireland
26 counties
3 cities
2 cities and counties
Dublin
41%
United Kingdom
4 constituent countries
3 crown dependencies
12 non-Antarctic civilian overseas territories
2 sovereign base areas
Northern Ireland
41%
Italy
15 regioni
5 regioni autonome
Sardinia
41%
New Zealand
11 non-unitary regions
5 unitary authorities
2 states in free-association
1 self-administering territory
1 special territorial authority
2 outlying islands
Tasman
41%
Japan
47 todōfuken
Tokyo
41%
Australia
6 states
3 territories
6 external territories
Victoria
41%
Austria
9 Bundesländer
Vienna
41%
Australia
6 states
3 territories
6 external territories
Western Australia
41%
Gabon
9 provinces
Woleu-Ntem
41%
Canada
10 provinces
3 territories
Alberta
40%
Mexico
31 estados
1 distrito federal
Baja California
40%
France
13 régions
5 régions d'outre-mer
5 collectivités d'outre-mer
1 collectivité sui generis
1 territoire d'outre-mer
Brittany
40%
United States
50 states
1 federal district
1 incorporated territory
4 unincorporated organized territories
1 unincorporated unorganized self-governing territory
8 unincorporated unorganized territories
Georgia
40%
Austria
9 Bundesländer
Lower Austria
40%
Australia
6 states
3 territories
6 external territories
New South Wales
40%
Canada
10 provinces
3 territories
Ontario
40%
Cape Verde
22 concelhos
Ribeira Grande
40%
Dominican Republic
31 provincias
1 distrito nacional
Santiago Rodríguez
40%
Liechtenstein
11 Gemeinden
Schaan
40%
Italy
15 regioni
5 regioni autonome
Sicily
40%
Canada
10 provinces
3 territories
British Columbia
39%
Belgium
3 regions
Brussels
39%
Spain
17 comunidades autónomas
2 ciudades autónomas
3 plazas menores de soberanía
Castille and Léon
39%
France
13 régions
5 régions d'outre-mer
5 collectivités d'outre-mer
1 collectivité sui generis
1 territoire d'outre-mer
Corsica
39%
Honduras
18 departamentos
Islas de la Bahía
39%
Bulgaria
28 oblasti | United States
50 states
1 federal district
1 incorporated territory
4 unincorporated organized territories
1 unincorporated unorganized self-governing territory
8 unincorporated unorganized territories
Montana
39%
Ecuador
24 provincias
Morona Santiago
39%
France
13 régions
5 régions d'outre-mer
5 collectivités d'outre-mer
1 collectivité sui generis
1 territoire d'outre-mer
Normandy
39%
United States
50 states
1 federal district
1 incorporated territory
4 unincorporated organized territories
1 unincorporated unorganized self-governing territory
8 unincorporated unorganized territories
Oregon
39%
Chile
16 regiones | Dominican Republic
31 provincias
1 distrito nacional
Santiago
39%
Cuba
16 provincias
Santiago de Cuba
39%
Argentina
23 provinces
1 autonomous city
Santiago del Estero
39%
United States
50 states
1 federal district
1 incorporated territory
4 unincorporated organized territories
1 unincorporated unorganized self-governing territory
8 unincorporated unorganized territories
South Carolina
39%
Canada
10 provinces
3 territories
Yukon
39%
United States
50 states
1 federal district
1 incorporated territory
4 unincorporated organized territories
1 unincorporated unorganized self-governing territory
8 unincorporated unorganized territories
Arkansas
38%
Azerbaijan
66 rayonlar
12 cities
Baku
38%
China
22 shěng
5 zìzhìqū
4 zhíxiáshì
2 tèbiéxíngzhèngqū
Beijing
38%
Argentina
23 provinces
1 autonomous city
Buenos Aires
38%
Argentina
23 provinces
1 autonomous city
Ciudad de Buenos Aires
38%
Togo
5 régions
Kara
38%
Spain
17 comunidades autónomas
2 ciudades autónomas
3 plazas menores de soberanía
Madrid
38%
United States
50 states
1 federal district
1 incorporated territory
4 unincorporated organized territories
1 unincorporated unorganized self-governing territory
8 unincorporated unorganized territories
Michigan
38%
Canada
10 provinces
3 territories
Newfoundland and Labrador
38%
United States
50 states
1 federal district
1 incorporated territory
4 unincorporated organized territories
1 unincorporated unorganized self-governing territory
8 unincorporated unorganized territories
New Jersey
38%
United States
50 states
1 federal district
1 incorporated territory
4 unincorporated organized territories
1 unincorporated unorganized self-governing territory
8 unincorporated unorganized territories
North Carolina
38%
Australia
6 states
3 territories
6 external territories
Northern Territory
38%
United States
50 states
1 federal district
1 incorporated territory
4 unincorporated organized territories
1 unincorporated unorganized self-governing territory
8 unincorporated unorganized territories
Ohio
38%
Norway
11 fylker
2 integral overseas areas
1 dependency
Oslo
38%
Canada
10 provinces
3 territories
Prince Edward Island
38%
Antigua and Barbuda
6 parishes
2 dependencies | Barbados
11 parishes | Dominica
10 parishes
Saint Peter
38%
South Korea
8 do
6 gwangyeoksi
1 teukbyeol jachido
1 teukbyeol jachisi
1 teukbyeolsi
Seoul
38%
Morocco
12 regions
Souss-Massa
38%
Albania
12 qarqe
Tiranë
38%
United States
50 states
1 federal district
1 incorporated territory
4 unincorporated organized territories
1 unincorporated unorganized self-governing territory
8 unincorporated unorganized territories
Wyoming
38%
Bosnia and Herzegovina
2 entities
1 distrikt
Bosnia and Herzegovina
37%
Belgium
3 regions
Flanders
37%
Germany
16 Länder
Hamburg
37%
China
22 shěng
5 zìzhìqū
4 zhíxiáshì
2 tèbiéxíngzhèngqū
Hong Kong
37%
France
13 régions
5 régions d'outre-mer
5 collectivités d'outre-mer
1 collectivité sui generis
1 territoire d'outre-mer
Île-de-France
37%
Cambodia
24 khêt
1 autonomous municipality
Koh Kong
37%
Finland
18 maakuntaa
1 itsehallinnollinen maakunta
Lapland
37%
Belarus
6 voblastsi
1 capital
Minsk
37%
United States
50 states
1 federal district
1 incorporated territory
4 unincorporated organized territories
1 unincorporated unorganized self-governing territory
8 unincorporated unorganized territories
Mississippi
37%
Norway
11 fylker
2 integral overseas areas
1 dependency
Møre og Romsdal
37%
Myanmar
7 daysamyarr
7 pyinaalmyarr
1 union territory
5 self-administered zones
1 self-administered division
Naga
37%
Netherlands
4 landen
Netherlands
37%
Slovenia
212 občine
Nova
37%
Suriname
10 districten
Para
37%
Brazil
26 estados
1 federal district
Pará
37%
Portugal
18 distritos
2 regiões autónomas
Porto
37%
United States
50 states
1 federal district
1 incorporated territory
4 unincorporated organized territories
1 unincorporated unorganized self-governing territory
8 unincorporated unorganized territories
Rhode Island
37%
Myanmar
7 daysamyarr
7 pyinaalmyarr
1 union territory
5 self-administered zones
1 self-administered division
Shan
37%
China
22 shěng
5 zìzhìqū
4 zhíxiáshì
2 tèbiéxíngzhèngqū
Shanghai
37%
United States
50 states
1 federal district
1 incorporated territory
4 unincorporated organized territories
1 unincorporated unorganized self-governing territory
8 unincorporated unorganized territories
South Dakota
37%
Iran
31 ostanha
Tehran
37%
Iraq
19 muhāfazāt
Baghdad
36%
Germany
16 Länder
Bavaria
36%
North Macedonia
80 opštini
Čair
36%
United States
50 states
1 federal district
1 incorporated territory
4 unincorporated organized territories
1 unincorporated unorganized self-governing territory
8 unincorporated unorganized territories
Colorado
36%
United States
50 states
1 federal district
1 incorporated territory
4 unincorporated organized territories
1 unincorporated unorganized self-governing territory
8 unincorporated unorganized territories
Idaho
36%
United States
50 states
1 federal district
1 incorporated territory
4 unincorporated organized territories
1 unincorporated unorganized self-governing territory
8 unincorporated unorganized territories
Iowa
36%
Turkey
81 il
Istanbul
36%
United States
50 states
1 federal district
1 incorporated territory
4 unincorporated organized territories
1 unincorporated unorganized self-governing territory
8 unincorporated unorganized territories
Kansas
36%
United States
50 states
1 federal district
1 incorporated territory
4 unincorporated organized territories
1 unincorporated unorganized self-governing territory
8 unincorporated unorganized territories
Louisiana
36%
United States
50 states
1 federal district
1 incorporated territory
4 unincorporated organized territories
1 unincorporated unorganized self-governing territory
8 unincorporated unorganized territories
Maine
36%
Liberia
15 counties | United States
50 states
1 federal district
1 incorporated territory
4 unincorporated organized territories
1 unincorporated unorganized self-governing territory
8 unincorporated unorganized territories
Maryland
36%
United States
50 states
1 federal district
1 incorporated territory
4 unincorporated organized territories
1 unincorporated unorganized self-governing territory
8 unincorporated unorganized territories
North Dakota
36%
United States
50 states
1 federal district
1 incorporated territory
4 unincorporated organized territories
1 unincorporated unorganized self-governing territory
8 unincorporated unorganized territories
Oklahoma
36%
Iceland
72 sveitarfélög
Reykjavík
36%
Brazil
26 estados
1 federal district
São Paulo
36%
Sweden
21 län
Stockholm
36%
United States
50 states
1 federal district
1 incorporated territory
4 unincorporated organized territories
1 unincorporated unorganized self-governing territory
8 unincorporated unorganized territories
Utah
36%
Honduras
18 departamentos
Valle
36%
United States
50 states
1 federal district
1 incorporated territory
4 unincorporated organized territories
1 unincorporated unorganized self-governing territory
8 unincorporated unorganized territories
Vermont
36%
United States
50 states
1 federal district
1 incorporated territory
4 unincorporated organized territories
1 unincorporated unorganized self-governing territory
8 unincorporated unorganized territories
Wisconsin
36%
Armenia
10 marzer
1 autonomous city
Yerevan
36%
Turkmenistan
5 welaýatlar
1 capital
Ahal
35%
Algeria
58 wilayas
Algiers
35%
Hungary
19 megye
1 capital
Budapest
35%
United States
50 states
1 federal district
1 incorporated territory
4 unincorporated organized territories
1 unincorporated unorganized self-governing territory
8 unincorporated unorganized territories
Delaware
35%
Ukraine
24 oblasti
1 misto zi spetsial'nym statusom
Kiev
35%
Chile
16 regiones
Los Lagos
35%
Luxembourg
12 cantons
Luxembourg
35%
United States
50 states
1 federal district
1 incorporated territory
4 unincorporated organized territories
1 unincorporated unorganized self-governing territory
8 unincorporated unorganized territories
Nebraska
35%
United States
50 states
1 federal district
1 incorporated territory
4 unincorporated organized territories
1 unincorporated unorganized self-governing territory
8 unincorporated unorganized territories
Nevada
35%
Antigua and Barbuda
6 parishes
2 dependencies | Barbados
11 parishes | Dominica
10 parishes | +2 others
Saint George
35%
Brazil
26 estados
1 federal district | Colombia
32 departamentos
1 capital | Peru
25 regiones
1 provincia | Venezuela
23 estados
2 special status areas
Amazonas
34%
Turkey
81 il
Ankara
34%
United States
50 states
1 federal district
1 incorporated territory
4 unincorporated organized territories
1 unincorporated unorganized self-governing territory
8 unincorporated unorganized territories
Arizona
34%
Brunei
4 daerah
Brunei-Muara
34%
Ireland
26 counties
3 cities
2 cities and counties
Cork
34%
Portugal
18 distritos
2 regiões autónomas
Faro
34%
United States
50 states
1 federal district
1 incorporated territory
4 unincorporated organized territories
1 unincorporated unorganized self-governing territory
8 unincorporated unorganized territories
Guam
34%
United States
50 states
1 federal district
1 incorporated territory
4 unincorporated organized territories
1 unincorporated unorganized self-governing territory
8 unincorporated unorganized territories
Illinois
34%
Israel
6 mehozot
Jerusalem
34%
Nigeria
36 states
1 federal capital territory
Lagos
34%
Bolivia
9 departamentos | El Salvador
14 departamentos | Honduras
18 departamentos
La Paz
34%
Peru
25 regiones
1 provincia
Lima
34%
Portugal
18 distritos
2 regiões autónomas
Lisbon
34%
United States
50 states
1 federal district
1 incorporated territory
4 unincorporated organized territories
1 unincorporated unorganized self-governing territory
8 unincorporated unorganized territories
Minnesota
34%
United States
50 states
1 federal district
1 incorporated territory
4 unincorporated organized territories
1 unincorporated unorganized self-governing territory
8 unincorporated unorganized territories
Missouri
34%
Canada
10 provinces
3 territories
Nova Scotia
34%
Canada
10 provinces
3 territories
Nunavut
34%
United States
50 states
1 federal district
1 incorporated territory
4 unincorporated organized territories
1 unincorporated unorganized self-governing territory
8 unincorporated unorganized territories
Pennsylvania
34%
Czechia
13 krajů
1 capital
Prague
34%
United States
50 states
1 federal district
1 incorporated territory
4 unincorporated organized territories
1 unincorporated unorganized self-governing territory
8 unincorporated unorganized territories
Puerto Rico
34%
Netherlands
4 landen
Saint Maarten
34%
France
13 régions
5 régions d'outre-mer
5 collectivités d'outre-mer
1 collectivité sui generis
1 territoire d'outre-mer
Saint-Martin
34%
Germany
16 Länder
Saxony
34%
Bulgaria
28 oblasti | Madagascar
22 faritra
Sofia
34%
Bulgaria
28 oblasti
Sofia province
34%
Australia
6 states
3 territories
6 external territories
South Australia
34%
United States
50 states
1 federal district
1 incorporated territory
4 unincorporated organized territories
1 unincorporated unorganized self-governing territory
8 unincorporated unorganized territories
United States Virgin Islands
34%
United States
50 states
1 federal district
1 incorporated territory
4 unincorporated organized territories
1 unincorporated unorganized self-governing territory
8 unincorporated unorganized territories
Virginia
34%
United Arab Emirates
7 imarat
Abu Dhabi
33%
Yemen
21 muhāfazāt
1 city
Al Mahrah
33%
Andorra
7 parishes
Andorra la Vella
33%
Switzerland
26 cantons
Basel
33%
Spain
17 comunidades autónomas
2 ciudades autónomas
3 plazas menores de soberanía
Basque
33%
Germany
16 Länder
Bremen
33%
Spain
17 comunidades autónomas
2 ciudades autónomas
3 plazas menores de soberanía
Catalonia
33%
France
13 régions
5 régions d'outre-mer
5 collectivités d'outre-mer
1 collectivité sui generis
1 territoire d'outre-mer
Centre-Val de Loire
33%
Greece
13 peripheries
1 aftonomi monastiki politeia
Crete
33%
Syria
14 muhāfazāt
Deir ez-Zor
33%
Bangladesh
8 bibhag
Dhaka
33%
United Arab Emirates
7 imarat
Dubai
33%
Saudi Arabia
13 manaţiq
Eastern
33%
Cuba
16 provincias
Havana
33%
United States
50 states
1 federal district
1 incorporated territory
4 unincorporated organized territories
1 unincorporated unorganized self-governing territory
8 unincorporated unorganized territories
Indiana
33%
Indonesia
34 provinsi
Jakarta
33%
Czechia
13 krajů
1 capital
Karlovy Vary
33%
United States
50 states
1 federal district
1 incorporated territory
4 unincorporated organized territories
1 unincorporated unorganized self-governing territory
8 unincorporated unorganized territories
Kentucky
33%
Angola
18 províncias
Luanda
33%
China
22 shěng
5 zìzhìqū
4 zhíxiáshì
2 tèbiéxíngzhèngqū
Macau
33%
Canada
10 provinces
3 territories
Manitoba
33%
Ireland
26 counties
3 cities
2 cities and counties
Mayo
33%
Monaco
10 quartiers
Monaco-Ville
33%
Canada
10 provinces
3 territories
New Brunswick
33%
Mexico
31 estados
1 distrito federal
Nuevo León
33%
Japan
47 todōfuken
Osaka
33%
Panama
10 provincias
4 comarcas indígenas
Panamá
33%
North Korea
9 do
1 chikhalsi
2 t'ŭkpyŏlsi
1 t'ŭkkŭpsi
Pyongyang
33%
Latvia
110 novadi
9 republikas pilsētas
Riga
33%
Vanuatu
6 provinces
Sanma
33%
Canada
10 provinces
3 territories
Saskatchewan
33%
Israel
6 mehozot
Tel Aviv
33%
United States
50 states
1 federal district
1 incorporated territory
4 unincorporated organized territories
1 unincorporated unorganized self-governing territory
8 unincorporated unorganized territories
Tennessee
33%
China
22 shěng
5 zìzhìqū
4 zhíxiáshì
2 tèbiéxíngzhèngqū
Tibet
33%
Mongolia
21 aimags
1 khot
Ulaanbaatar
33%
Austria
9 Bundesländer
Upper Austria
33%
Belgium
3 regions
Wallonia
33%
Germany
16 Länder
Baden-Württemberg
32%
Thailand
76 changwat
1 capital
Bangkok
32%
Switzerland
26 cantons
Bern
32%
France
13 régions
5 régions d'outre-mer
5 collectivités d'outre-mer
1 collectivité sui generis
1 territoire d'outre-mer
Bourgogne-Franche-Comté
32%
United Kingdom
4 constituent countries
3 crown dependencies
12 non-Antarctic civilian overseas territories
2 sovereign base areas
British Virgin Islands
32%
Egypt
27 muhāfazāt
Cairo
32%
El Salvador
14 departamentos
La Unión
32%
Taiwan
6 zhíxiáshì
13 xiàn
3 shì
New Taipei
32%
Costa Rica
7 provincias | Uruguay
19 departamentos
San José
32%
Dominican Republic
31 provincias
1 distrito nacional
San José de Ocoa
32%
Taiwan
6 zhíxiáshì
13 xiàn
3 shì
Taipei
32%
United States
50 states
1 federal district
1 incorporated territory
4 unincorporated organized territories
1 unincorporated unorganized self-governing territory
8 unincorporated unorganized territories
West Virginia
32%
Romania
41 județe
1 capital
Bucharest
31%
United States
50 states
1 federal district
1 incorporated territory
4 unincorporated organized territories
1 unincorporated unorganized self-governing territory
8 unincorporated unorganized territories
Connecticut
31%
Tanzania
31 mkoa
Dar es Salaam
31%
Spain
17 comunidades autónomas
2 ciudades autónomas
3 plazas menores de soberanía
Galicia
31%
Denmark
5 regioner
2 self-governing territories
Greenland
31%
France
13 régions
5 régions d'outre-mer
5 collectivités d'outre-mer
1 collectivité sui generis
1 territoire d'outre-mer
Guadeloupe
31%
Democratic Republic of the Congo
26 provinces
Kinshasa
31%
Japan
47 todōfuken
Kyoto
31%
Italy
15 regioni
5 regioni autonome
Lombardy
31%
Germany
16 Länder
Lower Saxony
31%
United States
50 states
1 federal district
1 incorporated territory
4 unincorporated organized territories
1 unincorporated unorganized self-governing territory
8 unincorporated unorganized territories
Massachusetts
31%
Germany
16 Länder
Mecklenburg-Vorpommern
31%
France
13 régions
5 régions d'outre-mer
5 collectivités d'outre-mer
1 collectivité sui generis
1 territoire d'outre-mer
Provence-Alpes-Côte d'Azur
31%
India
28 states
8 union territories | Pakistan
4 provinces
1 capital
1 self-administering state
1 self-administering territory
Punjab
31%
France
13 régions
5 régions d'outre-mer
5 collectivités d'outre-mer
1 collectivité sui generis
1 territoire d'outre-mer
Réunion
31%
Germany
16 Länder
Saarland
31%
Antigua and Barbuda
6 parishes
2 dependencies | Barbados
11 parishes | Dominica
10 parishes | Grenada
6 parishes
1 dependency
Saint John
31%
Russia
46 oblasts
22 republics
4 autonomous okrugs
9 krais
1 autonomous oblast
3 federal cities
Saint Petersburg
31%
Italy
15 regioni
5 regioni autonome
Tuscany
31%
Qatar
8 baladiya'at
Ad Dawhah / Doha
30%
Egypt
27 muhāfazāt
Alexandria
30%
Jordan
12 muhāfazāt
Amman
30%
Central African Republic
16 préfectures
1 capital
Bangui
30%
Kyrgyzstan
7 oblasttar
2 šaarlar
Bishkek
30%
Ecuador
24 provincias
Cañar
30%
Mexico
31 estados
1 distrito federal
Chihuahua
30%
South Korea
8 do
6 gwangyeoksi
1 teukbyeol jachido
1 teukbyeol jachisi
1 teukbyeolsi
Daegu
30%
Guatemala
22 departamentos
Guatemala
30%
Seychelles
26 districts
La Digue and Inner Islands
30%
France
13 régions
5 régions d'outre-mer
5 collectivités d'outre-mer
1 collectivité sui generis
1 territoire d'outre-mer
Martinique
30%
Kenya
47 kaunti
Nairobi
30%
France
13 régions
5 régions d'outre-mer
5 collectivités d'outre-mer
1 collectivité sui generis
1 territoire d'outre-mer
New Caledonia
30%
Austria
9 Bundesländer
Salzburg
30%
Libya
22 sha'biyat
Tripoli
30%
Tunisia
24 wilaya'at
Tunis
30%
Lithuania
10 apskritys
Vilnius
30%
Mexico
31 estados
1 distrito federal
Yucatán
30%
Croatia
20 županije
1 capital
Zagreb
30%
Croatia
20 županije
1 capital
Zagreb City
30%
Ethiopia
10 kililoch
2 astedader akababiwach
Addis Ababa
29%
Qatar
8 baladiya'at
Al Khor
29%
Netherlands
4 landen
Aruba
29%
Kazakhstan
14 oblys
4 qala
Astana / Nur-Sultan
29%
Germany
16 Länder
Brandenburg
29%
Slovakia
8 kraje
Bratislava
29%
Australia
6 states
3 territories
6 external territories
Christmas Island
29%
Djibouti
5 régions
1 city
Djibouti
29%
India
28 states
8 union territories
Goa
29%
France
13 régions
5 régions d'outre-mer
5 collectivités d'outre-mer
1 collectivité sui generis
1 territoire d'outre-mer
Grand Est
29%
Japan
47 todōfuken
Hokkaido
29%
Jamaica
14 parishes
Kingston
29%
France
13 régions
5 régions d'outre-mer
5 collectivités d'outre-mer
1 collectivité sui generis
1 territoire d'outre-mer
Mayotte
29%
Germany
16 Länder
North Rhine-Westphalia
29%
Kosovo
7 rajone
Pristina
29%
Bahamas
31 districts
1 capital area | El Salvador
14 departamentos
San Salvador
29%
Colombia
32 departamentos
1 capital | Venezuela
23 estados
2 special status areas
Sucre
29%
China
22 shěng
5 zìzhìqū
4 zhíxiáshì
2 tèbiéxíngzhèngqū
Tianjin
29%
Austria
9 Bundesländer
Tyrol
29%
Liechtenstein
11 Gemeinden
Vaduz
29%
Spain
17 comunidades autónomas
2 ciudades autónomas
3 plazas menores de soberanía
Andalusia
28%
Belize
6 districts
Belize
28%
Guinea-Bissau
8 regiões
1 sector autónomo
Bissau
28%
Serbia
24 okruzi
1 grad
Bor
28%
Spain
17 comunidades autónomas
2 ciudades autónomas
3 plazas menores de soberanía
Canary Islands
28%
Spain
17 comunidades autónomas
2 ciudades autónomas
3 plazas menores de soberanía
Castilla-La Mancha
28%
Moldova
32 raioane
3 municipiu
1 unitate teritorială autonomă
1 unitatea teritorială
Chișinău
28%
Syria
14 muhāfazāt
Damascus
28%
Denmark
5 regioner
2 self-governing territories
Faroe Islands
28%
Botswana
10 rural districts
7 urban districts
Gaborone
28%
Germany
16 Länder
Hessen
28%
China
22 shěng
5 zìzhìqū
4 zhíxiáshì
2 tèbiéxíngzhèngqū
Inner Mongolia
28%
United Kingdom
4 constituent countries
3 crown dependencies
12 non-Antarctic civilian overseas territories
2 sovereign base areas
Jersey
28%
Italy
15 regioni
5 regioni autonome
Lazio
28%
Mozambique
10 provincias
1 cidade
Maputo
28%
Oman
11 muhāfazāt
Muscat
28%
Cambodia
24 khêt
1 autonomous municipality
Phnom Penh
28%
Germany
16 Länder
Rhineland-Palatinate
28%
San Marino
9 castelli
San Marino
28%
Dominican Republic
31 provincias
1 distrito nacional
Santo Domingo
28%
Ecuador
24 provincias
Santo Domingo de los Tsáchilas
28%
Georgia
9 mkhare
2 avt'onomiuri resp'ublik'a
1 city
Tbilisi
28%
Trinidad and Tobago
9 regions
1 island
3 boroughs
2 cities
Tobago
28%
Kenya
47 kaunti
Trans-Nzoia
28%
Italy
15 regioni
5 regioni autonome
Trentino-South Tyrol
28%
Spain
17 comunidades autónomas
2 ciudades autónomas
3 plazas menores de soberanía
Valencia
28%
Switzerland
26 cantons
Zürich
28%
Spain
17 comunidades autónomas
2 ciudades autónomas
3 plazas menores de soberanía
Aragon
27%
Turkmenistan
5 welaýatlar
1 capital
Ashgabat
27%
Pakistan
4 provinces
1 capital
1 self-administering state
1 self-administering territory
Azad Jammu and Kashmir
27%
Lebanon
8 muhāfazāt
Beirut
27%
Serbia
24 okruzi
1 grad
Belgrade
27%
France
13 régions
5 régions d'outre-mer
5 collectivités d'outre-mer
1 collectivité sui generis
1 territoire d'outre-mer
French Polynesia
27%
Vietnam
58 tỉnh
5 thành phố trực thuộc trung ương
Hà Nội
27%
India
28 states
8 union territories
Jammu and Kashmir
27%
Slovenia
212 občine
Ljubljana
27%
Saint Kitts and Nevis
2 islands
Nevis
27%
Algeria
58 wilayas
Oran
27%
Saudi Arabia
13 manaţiq
Riyadh
27%
Italy
15 regioni
5 regioni autonome
Veneto
27%
United States
50 states
1 federal district
1 incorporated territory
4 unincorporated organized territories
1 unincorporated unorganized self-governing territory
8 unincorporated unorganized territories
American Samoa
26%
Russia
46 oblasts
22 republics
4 autonomous okrugs
9 krais
1 autonomous oblast
3 federal cities
Amur
26%
Portugal
18 distritos
2 regiões autónomas
Azores
26%
Gambia
5 regions
1 city
Banjul
26%
Republic of the Congo
12 departments
Brazzaville
26%
Myanmar
7 daysamyarr
7 pyinaalmyarr
1 union territory
5 self-administered zones
1 self-administered division
Chin
26%
Senegal
14 régions
Dakar
26%
East Timor
12 municipalities
1 special administrative region
Dili
26%
Japan
47 todōfuken
Hiroshima
26%
Marshall Islands
24 municipalities
Lib Island
26%
Spain
17 comunidades autónomas
2 ciudades autónomas
3 plazas menores de soberanía
Murcia
26%
Niger
7 régions
1 Communauté urbaine
Niamey
26%
Cyprus
6 eparchies
Nicosia
26%
France
13 régions
5 régions d'outre-mer
5 collectivités d'outre-mer
1 collectivité sui generis
1 territoire d'outre-mer
Pays de la Loire
26%
Saint Kitts and Nevis
2 islands
Saint Kitts
26%
France
13 régions
5 régions d'outre-mer
5 collectivités d'outre-mer
1 collectivité sui generis
1 territoire d'outre-mer
Saint-Pierre and Miquelon
26%
Bhutan
20 dzongkhag
Thimphu
26%
Germany
16 Länder
Thuringia
26%
China
22 shěng
5 zìzhìqū
4 zhíxiáshì
2 tèbiéxíngzhèngqū
Xinjiang
26%
Brazil
26 estados
1 federal district
Acre
25%
Spain
17 comunidades autónomas
2 ciudades autónomas
3 plazas menores de soberanía
Balearic Islands
25%
Indonesia
34 provinsi
Bali
25%
Antigua and Barbuda
6 parishes
2 dependencies
Barbuda
25%
South Korea
8 do
6 gwangyeoksi
1 teukbyeol jachido
1 teukbyeol jachisi
1 teukbyeolsi
Busan
25%
Spain
17 comunidades autónomas
2 ciudades autónomas
3 plazas menores de soberanía
Ceuta
25%
Bangladesh
8 bibhag
Chittagong
25%
Argentina
23 provinces
1 autonomous city | Colombia
32 departamentos
1 capital
Córdoba
25%
United Kingdom
4 constituent countries
3 crown dependencies
12 non-Antarctic civilian overseas territories
2 sovereign base areas
Guernsey
25%
Slovenia
212 občine
Ivančna Gorica
25%
Malaysia
13 negeri
3 wilayah persekutuan
Kuala Lumpur
25%
Saudi Arabia
13 manaţiq
Makkah / Mecca
25%
Uruguay
19 departamentos
Montevideo
25%
Japan
47 todōfuken
Nagasaki
25%
Chad
23 régions
N'Djamena
25%
France
13 régions
5 régions d'outre-mer
5 collectivités d'outre-mer
1 collectivité sui generis
1 territoire d'outre-mer
Nouvelle-Aquitaine
25%
Slovenia
212 občine
Nova Gorica
25%
Japan
47 todōfuken
Okinawa
25%
Mexico
31 estados
1 distrito federal
Quintana Roo
25%
Croatia
20 županije
1 capital
Split-Dalmatia
25%
Laos
17 khoueng
1 nakhon louang
Vientiane
25%
New Zealand
11 non-unitary regions
5 unitary authorities
2 states in free-association
1 self-administering territory
1 special territorial authority
2 outlying islands
Wellington
25%
Denmark
5 regioner
2 self-governing territories
Zealand
25%
Kazakhstan
14 oblys
4 qala
Almaty
24%
New Zealand
11 non-unitary regions
5 unitary authorities
2 states in free-association
1 self-administering territory
1 special territorial authority
2 outlying islands
Auckland
24%
Mexico
31 estados
1 distrito federal
Baja California Sur
24%
Mali
10 régions
1 capital
Bamako
24%
Iraq
19 muhāfazāt
Basra
24%
Somalia
18 gobolada
Bay
24%
Russia
46 oblasts
22 republics
4 autonomous okrugs
9 krais
1 autonomous oblast
3 federal cities
Chechnya
24%
Guinea
8 régions
Conakry
24%
Russia
46 oblasts
22 republics
4 autonomous okrugs
9 krais
1 autonomous oblast
3 federal cities
Crimea
24%
Netherlands
4 landen
Curaçao
24%
Tanzania
31 mkoa
Dodoma
24%
Morocco
12 regions
Fès-Meknès
24%
Switzerland
26 cantons
Geneva
24%
China
22 shěng
5 zìzhìqū
4 zhíxiáshì
2 tèbiéxíngzhèngqū
Hainan
24%
France
13 régions
5 régions d'outre-mer
5 collectivités d'outre-mer
1 collectivité sui generis
1 territoire d'outre-mer
Hauts-de-France
24%
Afghanistan
34 velaya'at
Herat
24%
Pakistan
4 provinces
1 capital
1 self-administering state
1 self-administering territory
Islamabad
24%
Maldives
17 atolls
4 cities
Malé
24%
Spain
17 comunidades autónomas
2 ciudades autónomas
3 plazas menores de soberanía
Mellilla
24%
Ukraine
24 oblasti
1 misto zi spetsial'nym statusom
Odessa
24%
Cape Verde
22 concelhos
Porto Novo
24%
São Tomé and Principe
6 distritos
1 autonomous region
Principe / Pagué
24%
Yemen
21 muhāfazāt
1 city
Sana'a
24%
Germany
16 Länder
Schleswig-Holstein
24%
Uzbekistan
12 viloyatlar
1 respublika
1 capital
Tashkent
24%
Italy
15 regioni
5 regioni autonome
Umbria
24%
Côte d'Ivoire
12 districts
2 districts autonomes
Abidjan
23%
India
28 states
8 union territories
Assam
23%
Australia
6 states
3 territories
6 external territories
Australian Capital Territory
23%
Italy
15 regioni
5 regioni autonome
Calabria
23%
Morocco
12 regions
Casablanca-Settat
23%
New Zealand
11 non-unitary regions
5 unitary authorities
2 states in free-association
1 self-administering territory
1 special territorial authority
2 outlying islands
Cook Islands
23%
Slovenia
212 občine
Dolpri Ljubljani
23%
United Kingdom
4 constituent countries
3 crown dependencies
12 non-Antarctic civilian overseas territories
2 sovereign base areas
Falkland Islands
23%
Ghana
16 regions
Greater Accra
23%
Vietnam
58 tỉnh
5 thành phố trực thuộc trung ương
Hồ Chí Minh City
23%
Turkey
81 il
İzmir
23%
Uganda
135 districts
1 capital
Kampala
23%
Afghanistan
34 velaya'at
Kandahar
23%
Sudan
18 wilaya'at
Khartoum
23%
Spain
17 comunidades autónomas
2 ciudades autónomas
3 plazas menores de soberanía
La Rioja
23%
Italy
15 regioni
5 regioni autonome
Liguria
23%
Ireland
26 counties
3 cities
2 cities and counties
Limerick
23%
Slovenia
212 občine
Log-Dragomer
23%
Nicaragua
15 departamentos
2 regiones autónomas
Managua
23%
Central African Republic
16 préfectures
1 capital
Nana-Grébizi
23%
Central African Republic
16 préfectures
1 capital
Nana-Mambéré
23%
Spain
17 comunidades autónomas
2 ciudades autónomas
3 plazas menores de soberanía
Navarre
23%
New Zealand
11 non-unitary regions
5 unitary authorities
2 states in free-association
1 self-administering territory
1 special territorial authority
2 outlying islands
Niue
23%
Mexico
31 estados
1 distrito federal
Oaxaca
23%
France
13 régions
5 régions d'outre-mer
5 collectivités d'outre-mer
1 collectivité sui generis
1 territoire d'outre-mer
Occitanie
23%
Italy
15 regioni
5 regioni autonome
Piedmont
23%
Montenegro
22 opštine
1 prijestonica
1 glavni grad
Podgorica
23%
Cape Verde
22 concelhos
Praia
23%
Argentina
23 provinces
1 autonomous city
San Luis
23%
Argentina
23 provinces
1 autonomous city | Bolivia
9 departamentos | Cape Verde
22 concelhos
Santa Cruz
23%
North Macedonia
80 opštini
Saraj
23%
Germany
16 Länder
Saxony-Anhalt
23%
India
28 states
8 union territories
Tamil Nadu
23%
India
28 states
8 union territories
West Bengal
23%
Finland
18 maakuntaa
1 itsehallinnollinen maakunta
Åland Islands
22%
France
13 régions
5 régions d'outre-mer
5 collectivités d'outre-mer
1 collectivité sui generis
1 territoire d'outre-mer
Auvergne-Rhône-Alpes
22%
Brazil
26 estados
1 federal district
Bahia
22%
Australia
6 states
3 territories
6 external territories
Cocos Islands
22%
Tajikistan
3 viloyatho
1 viloyat mukhtor
1 capital
Dushanbe
22%
Italy
15 regioni
5 regioni autonome
Emilia-Romagna
22%
Ireland
26 counties
3 cities
2 cities and counties
Galway
22%
United Kingdom
4 constituent countries
3 crown dependencies
12 non-Antarctic civilian overseas territories
2 sovereign base areas
Gibraltar
22%
Nicaragua
15 departamentos
2 regiones autónomas
León
22%
Saudi Arabia
13 manaţiq
Madinah / Medina
22%
Tanzania
31 mkoa
Mara
22%
Brazil
26 estados
1 federal district
Rio Grande do Sul
22%
Nicaragua
15 departamentos
2 regiones autónomas
Río San Juan
22%
Argentina
23 provinces
1 autonomous city | Dominican Republic
31 provincias
1 distrito nacional
San Juan
22%
Trinidad and Tobago
9 regions
1 island
3 boroughs
2 cities
San Juan-Laventille
22%
Ethiopia
10 kililoch
2 astedader akababiwach
Somali
22%
Norway
11 fylker
2 integral overseas areas
1 dependency
Svalbard
22%
Bulgaria
28 oblasti
Varna
22%
Nauru
14 districts
Yaren
22%
Spain
17 comunidades autónomas
2 ciudades autónomas
3 plazas menores de soberanía
Asturias
21%
Belarus
6 voblastsi
1 capital
Brest
21%
Italy
15 regioni
5 regioni autonome
Campania
21%
Ukraine
24 oblasti
1 misto zi spetsial'nym statusom
Donetsk
21%
Albania
12 qarqe
Durrës
21%
Greece
13 peripheries
1 aftonomi monastiki politeia
Eastern Macedonia and Thrace
21%
India
28 states
8 union territories
Gujarat
21%
China
22 shěng
5 zìzhìqū
4 zhíxiáshì
2 tèbiéxíngzhèngqū
Hubei
21%
Albania
12 qarqe
Lezhë
21%
Zambia
10 provinces
Lusaka
21%
Egypt
27 muhāfazāt
Luxor
21%
Japan
47 todōfuken
Mie
21%
Thailand
76 changwat
1 capital
Prachuap Khiri Khan
21%
Mexico
31 estados
1 distrito federal
Puebla
21%
Russia
46 oblasts
22 republics
4 autonomous okrugs
9 krais
1 autonomous oblast
3 federal cities
Sakha / Yakutia
21%
Bosnia and Herzegovina
2 entities
1 distrikt
Srpska
21%
Lesotho
10 districts
Thaba-Tseka
21%
Syria
14 muhāfazāt
Aleppo
20%
India
28 states
8 union territories
Andaman and Nicobar Islands
20%
Libya
22 sha'biyat
Benghazi
20%
Bolivia
9 departamentos
Beni
20%
India
28 states
8 union territories
Dadra and Nagar Haveli and Daman and Diu
20%
Mozambique
10 provincias
1 cidade
Gaza
20%
Afghanistan
34 velaya'at
Ghor
20%
Burundi
18 provinces
Gitega
20%
Israel
6 mehozot
Haifa
20%
Zimbabwe
8 provinces
2 cities
Harare
20%
Nigeria
36 states
1 federal capital territory
Kano
20%
India
28 states
8 union territories
Kerala
20%
Iran
31 ostanha
Kurdistan
20%
Ukraine
24 oblasti
1 misto zi spetsial'nym statusom
Lviv
20%
Brazil
26 estados
1 federal district
Mato Grosso
20%
Antigua and Barbuda
6 parishes
2 dependencies | Dominica
10 parishes
Saint Paul
20%
India
28 states
8 union territories
Sikkim
20%
Mexico
31 estados
1 distrito federal
Sonora
20%
Russia
46 oblasts
22 republics
4 autonomous okrugs
9 krais
1 autonomous oblast
3 federal cities
Volgograd
20%
Myanmar
7 daysamyarr
7 pyinaalmyarr
1 union territory
5 self-administered zones
1 self-administered division
Yangon
20%
Italy
15 regioni
5 regioni autonome
Apulia / Puglia
19%
Burundi
18 provinces
Bujumbura
19%
Burundi
18 provinces
Bujumbura Rural
19%
Mexico
31 estados
1 distrito federal
Chiapas
19%
Russia
46 oblasts
22 republics
4 autonomous okrugs
9 krais
1 autonomous oblast
3 federal cities
Dagestan
19%
Croatia
20 županije
1 capital
Dubrovnik-Neretva
19%
Japan
47 todōfuken
Fukuoka
19%
Egypt
27 muhāfazāt
Giza
19%
Tajikistan
3 viloyatho
1 viloyat mukhtor
1 capital
Gorno-Badakhshan
19%
Sweden
21 län
Gotland
19%
China
22 shěng
5 zìzhìqū
4 zhíxiáshì
2 tèbiéxíngzhèngqū
Hebei
19%
Rwanda
5 intara
Kigali
19%
India
28 states
8 union territories
Madhya Pradesh
19%
Jordan
12 muhāfazāt
Mafraq
19%
Lesotho
10 districts
Maseru
19%
Mauritius
4 islands
Mauritius
19%
Monaco
10 quartiers
Monte Carlo / Spélugues
19%
Russia
46 oblasts
22 republics
4 autonomous okrugs
9 krais
1 autonomous oblast
3 federal cities
Murmansk
19%
Suriname
10 districten
Paramaribo
19%
India
28 states
8 union territories
Rajasthan
19%
Russia
46 oblasts
22 republics
4 autonomous okrugs
9 krais
1 autonomous oblast
3 federal cities
Sevastopol
19%
China
22 shěng
5 zìzhìqū
4 zhíxiáshì
2 tèbiéxíngzhèngqū
Shaanxi
19%
China
22 shěng
5 zìzhìqū
4 zhíxiáshì
2 tèbiéxíngzhèngqū
Shanxi
19%
Norway
11 fylker
2 integral overseas areas
1 dependency
Troms og Finnmark
19%
Turkey
81 il
Van
19%
Côte d'Ivoire
12 districts
2 districts autonomes
Yamoussoukro
19%
Italy
15 regioni
5 regioni autonome
Abruzzo
18%
Mexico
31 estados
1 distrito federal
Aguascalientes
18%
Paraguay
17 departamentos
1 capital
Alto Paraná
18%
India
28 states
8 union territories
Andhra Pradesh
18%
United Kingdom
4 constituent countries
3 crown dependencies
12 non-Antarctic civilian overseas territories
2 sovereign base areas
Anguilla
18%
Italy
15 regioni
5 regioni autonome
Aosta Valley
18%
United Kingdom
4 constituent countries
3 crown dependencies
12 non-Antarctic civilian overseas territories
2 sovereign base areas
Bermuda
18%
Romania
41 județe
1 capital
Bihor
18%
Spain
17 comunidades autónomas
2 ciudades autónomas
3 plazas menores de soberanía
Cantabria
18%
Austria
9 Bundesländer
Carinthia
18%
United Kingdom
4 constituent countries
3 crown dependencies
12 non-Antarctic civilian overseas territories
2 sovereign base areas
Cayman Islands
18%
Barbados
11 parishes
Christ Church
18%
Mexico
31 estados
1 distrito federal
Coahuila
18%
South Africa
9 provinces
Eastern Cape
18%
Indonesia
34 provinsi
East Java
18%
Iraq
19 muhāfazāt
Erbil
18%
Spain
17 comunidades autónomas
2 ciudades autónomas
3 plazas menores de soberanía
Extremadura
18%
China
22 shěng
5 zìzhìqū
4 zhíxiáshì
2 tèbiéxíngzhèngqū
Fujian
18%
China
22 shěng
5 zìzhìqū
4 zhíxiáshì
2 tèbiéxíngzhèngqū
Guangdong
18%
Hungary
19 megye
1 capital
Hajdú-Bihar
18%
Iran
31 ostanha
Isfahan
18%
Mexico
31 estados
1 distrito federal
Jalisco
18%
Russia
46 oblasts
22 republics
4 autonomous okrugs
9 krais
1 autonomous oblast
3 federal cities
Jewish
18%
China
22 shěng
5 zìzhìqū
4 zhíxiáshì
2 tèbiéxíngzhèngqū
Jilin
18%
Russia
46 oblasts
22 republics
4 autonomous okrugs
9 krais
1 autonomous oblast
3 federal cities
Kamchatka
18%
Russia
46 oblasts
22 republics
4 autonomous okrugs
9 krais
1 autonomous oblast
3 federal cities
Karelia
18%
Ukraine
24 oblasti
1 misto zi spetsial'nym statusom
Kharkiv
18%
Poland
16 województwa
Kujawy-Pomerania
18%
Poland
16 województwa
Łódź
18%
Ukraine
24 oblasti
1 misto zi spetsial'nym statusom
Luhansk
18%
Portugal
18 distritos
2 regiões autónomas
Madeira
18%
Kenya
47 kaunti
Mombasa
18%
Australia
6 states
3 territories
6 external territories
Norfolk Island
18%
United States
50 states
1 federal district
1 incorporated territory
4 unincorporated organized territories
1 unincorporated unorganized self-governing territory
8 unincorporated unorganized territories
Northern Mariana Islands
18%
Russia
46 oblasts
22 republics
4 autonomous okrugs
9 krais
1 autonomous oblast
3 federal cities
North Ossetia-Alania
18%
Brazil
26 estados
1 federal district
Paraná
18%
Trinidad and Tobago
9 regions
1 island
3 boroughs
2 cities
Port of Spain
18%
Iran
31 ostanha
Qom
18%
Brazil
26 estados
1 federal district
Rio Grande do Norte
18%
Russia
46 oblasts
22 republics
4 autonomous okrugs
9 krais
1 autonomous oblast
3 federal cities
Rostov
18%
France
13 régions
5 régions d'outre-mer
5 collectivités d'outre-mer
1 collectivité sui generis
1 territoire d'outre-mer
Saint-Barthélemy
18%
United Kingdom
4 constituent countries
3 crown dependencies
12 non-Antarctic civilian overseas territories
2 sovereign base areas
Saint Helena, Ascension and Tristan da Cunha
18%
Russia
46 oblasts
22 republics
4 autonomous okrugs
9 krais
1 autonomous oblast
3 federal cities
Samara
18%
Poland
16 województwa
Silesia
18%
Austria
9 Bundesländer
Styria
18%
Mongolia
21 aimags
1 khot
Töv
18%
Moldova
32 raioane
3 municipiu
1 unitate teritorială autonomă
1 unitatea teritorială
Transnistria
18%
Mexico
31 estados
1 distrito federal
Veracruz
18%
France
13 régions
5 régions d'outre-mer
5 collectivités d'outre-mer
1 collectivité sui generis
1 territoire d'outre-mer
Wallis and Futuna
18%
Greece
13 peripheries
1 aftonomi monastiki politeia
Western Macedonia
18%
Indonesia
34 provinsi
West Java
18%
Brazil
26 estados
1 federal district
Amapá
17%
India
28 states
8 union territories
Arunachal Pradesh
17%
China
22 shěng
5 zìzhìqū
4 zhíxiáshì
2 tèbiéxíngzhèngqū
Chongqing
17%
Brazil
26 estados
1 federal district
Goiás
17%
China
22 shěng
5 zìzhìqū
4 zhíxiáshì
2 tèbiéxíngzhèngqū
Henan
17%
Greece
13 peripheries
1 aftonomi monastiki politeia
Ionian Islands
17%
South Korea
8 do
6 gwangyeoksi
1 teukbyeol jachido
1 teukbyeol jachisi
1 teukbyeolsi
Jeju
17%
Lithuania
10 apskritys
Kaunas
17%
Italy
15 regioni
5 regioni autonome
Marche
17%
Brazil
26 estados
1 federal district
Mato Grosso do Sul
17%
Italy
15 regioni
5 regioni autonome
Molise
17%
Russia
46 oblasts
22 republics
4 autonomous okrugs
9 krais
1 autonomous oblast
3 federal cities
Nizhny Novgorod
17%
Russia
46 oblasts
22 republics
4 autonomous okrugs
9 krais
1 autonomous oblast
3 federal cities
Omsk
17%
Poland
16 województwa
Pomerania
17%
Estonia
15 maakonnad
Saare
17%
China
22 shěng
5 zìzhìqū
4 zhíxiáshì
2 tèbiéxíngzhèngqū
Shandong
17%
Egypt
27 muhāfazāt
Suez
17%
Mexico
31 estados
1 distrito federal
Tabasco
17%
Argentina
23 provinces
1 autonomous city
Tierra del Fuego
17%
Chile
16 regiones
Valparaíso
17%
Albania
12 qarqe
Vlorë
17%
China
22 shěng
5 zìzhìqū
4 zhíxiáshì
2 tèbiéxíngzhèngqū
Yunnan
17%
Georgia
9 mkhare
2 avt'onomiuri resp'ublik'a
1 city
Abkhazia
16%
Egypt
27 muhāfazāt
Aswan
16%
Pakistan
4 provinces
1 capital
1 self-administering state
1 self-administering territory
Balochistan
16%
Italy
15 regioni
5 regioni autonome
Basilicata
16%
India
28 states
8 union territories
Bihar
16%
Angola
18 províncias
Cabinda
16%
North Macedonia
80 opštini
Centar
16%
North Macedonia
80 opštini
Centar Župa
16%
Greece
13 peripheries
1 aftonomi monastiki politeia
Central Macedonia
16%
Honduras
18 departamentos
El Paraíso
16%
Poland
16 województwa
Greater Poland
16%
China
22 shěng
5 zìzhìqū
4 zhíxiáshì
2 tèbiéxíngzhèngqū
Guangxi
16%
Mexico
31 estados
1 distrito federal
Guerrero
16%
India
28 states
8 union territories
Haryana
16%
China
22 shěng
5 zìzhìqū
4 zhíxiáshì
2 tèbiéxíngzhèngqū
Heilongjiang
16%
Russia
46 oblasts
22 republics
4 autonomous okrugs
9 krais
1 autonomous oblast
3 federal cities
Irkutsk
16%
Argentina
23 provinces
1 autonomous city
La Rioja
16%
India
28 states
8 union territories
Maharashtra
16%
Dominican Republic
31 provincias
1 distrito nacional
María Trinidad Sánchez
16%
South Africa
9 provinces
Northern Cape
16%
Russia
46 oblasts
22 republics
4 autonomous okrugs
9 krais
1 autonomous oblast
3 federal cities
Novgorod
16%
Argentina
23 provinces
1 autonomous city | Uruguay
19 departamentos
Río Negro
16%
Barbados
11 parishes | Jamaica
14 parishes
Saint James
16%
China
22 shěng
5 zìzhìqū
4 zhíxiáshì
2 tèbiéxíngzhèngqū
Sichuan
16%
Mexico
31 estados
1 distrito federal
Sinaloa
16%
Iran
31 ostanha
Sistan and Baluchestan
16%
South Africa
9 provinces
Western Cape
16%
Indonesia
34 provinsi
West Papua
16%
Turkey
81 il
Antalya
15%
Greece
13 peripheries
1 aftonomi monastiki politeia
Attica
15%
Saint Lucia
10 quartiers
Castries
15%
Romania
41 județe
1 capital
Cluj
15%
Peru
25 regiones
1 provincia
Cusco
15%
Mongolia
21 aimags
1 khot
Govi-Altai
15%
Nicaragua
15 departamentos
2 regiones autónomas
Granada
15%
China
22 shěng
5 zìzhìqū
4 zhíxiáshì
2 tèbiéxíngzhèngqū
Hunan
15%
Russia
46 oblasts
22 republics
4 autonomous okrugs
9 krais
1 autonomous oblast
3 federal cities
Kaliningrad
15%
Myanmar
7 daysamyarr
7 pyinaalmyarr
1 union territory
5 self-administered zones
1 self-administered division
Mandalay
15%
India
28 states
8 union territories
Nagaland
15%
Thailand
76 changwat
1 capital
Nan
15%
Myanmar
7 daysamyarr
7 pyinaalmyarr
1 union territory
5 self-administered zones
1 self-administered division
Naypyidaw
15%
Finland
18 maakuntaa
1 itsehallinnollinen maakunta
North Karelia
15%
Russia
46 oblasts
22 republics
4 autonomous okrugs
9 krais
1 autonomous oblast
3 federal cities
Novosibirsk
15%
India
28 states
8 union territories
Odisha
15%
Indonesia
34 provinsi
Papua
15%
Brazil
26 estados
1 federal district
Paraíba
15%
Russia
46 oblasts
22 republics
4 autonomous okrugs
9 krais
1 autonomous oblast
3 federal cities
Perm
15%
Bulgaria
28 oblasti
Plovdiv
15%
India
28 states
8 union territories
Puducherry
15%
Cuba
16 provincias
Sancti Spíritus
15%
Brazil
26 estados
1 federal district | Cape Verde
22 concelhos
Santa Catarina
15%
Cape Verde
22 concelhos
Santa Catarina do Fogo
15%
Finland
18 maakuntaa
1 itsehallinnollinen maakunta
South Karelia
15%
Russia
46 oblasts
22 republics
4 autonomous okrugs
9 krais
1 autonomous oblast
3 federal cities
Tatarstan
15%
United Kingdom
4 constituent countries
3 crown dependencies
12 non-Antarctic civilian overseas territories
2 sovereign base areas
Turks and Caicos Islands
15%
Sweden
21 län
Uppsala
15%
China
22 shěng
5 zìzhìqū
4 zhíxiáshì
2 tèbiéxíngzhèngqū
Anhui
14%
United Kingdom
4 constituent countries
3 crown dependencies
12 non-Antarctic civilian overseas territories
2 sovereign base areas
British Indian Ocean Territory
14%
Austria
9 Bundesländer
Burgenland
14%
Mexico
31 estados
1 distrito federal
Campeche
14%
Indonesia
34 provinsi
Central Java
14%
Mexico
31 estados
1 distrito federal
Durango
14%
Japan
47 todōfuken
Fukushima
14%
Ecuador
24 provincias
Galápagos
14%
India
28 states
8 union territories
Karnataka
14%
Afghanistan
34 velaya'at
Khost
14%
Lithuania
10 apskritys
Klaipėda
14%
Russia
46 oblasts
22 republics
4 autonomous okrugs
9 krais
1 autonomous oblast
3 federal cities
Krasnodar
14%
Russia
46 oblasts
22 republics
4 autonomous okrugs
9 krais
1 autonomous oblast
3 federal cities
Leningrad
14%
Marshall Islands
24 municipalities
Majuro
14%
Indonesia
34 provinsi
North Sumatra
14%
Finland
18 maakuntaa
1 itsehallinnollinen maakunta
Ostrobothnia
14%
Greece
13 peripheries
1 aftonomi monastiki politeia
Peloponnese
14%
Egypt
27 muhāfazāt | Sudan
18 wilaya'at
Red Sea
14%
Brazil
26 estados
1 federal district
Rondônia
14%
Brazil
26 estados
1 federal district
Roraima
14%
Russia
46 oblasts
22 republics
4 autonomous okrugs
9 krais
1 autonomous oblast
3 federal cities
Sakhalin
14%
Indonesia
34 provinsi
South Sumatra
14%
Mexico
31 estados
1 distrito federal
Tamaulipas
14%
India
28 states
8 union territories
Telangana
14%
Greece
13 peripheries
1 aftonomi monastiki politeia
Thessaly
14%
Brazil
26 estados
1 federal district
Tocantins
14%
Russia
46 oblasts
22 republics
4 autonomous okrugs
9 krais
1 autonomous oblast
3 federal cities
Tuva
14%
Hungary
19 megye
1 capital
Vas
14%
Russia
46 oblasts
22 republics
4 autonomous okrugs
9 krais
1 autonomous oblast
3 federal cities
Vladimir
14%
Mexico
31 estados
1 distrito federal
Zacatecas
14%
Indonesia
34 provinsi
Aceh
13%
Yemen
21 muhāfazāt
1 city
Aden
13%
Brazil
26 estados
1 federal district
Alagoas
13%
Russia
46 oblasts
22 republics
4 autonomous okrugs
9 krais
1 autonomous oblast
3 federal cities
Altai
13%
Russia
46 oblasts
22 republics
4 autonomous okrugs
9 krais
1 autonomous oblast
3 federal cities
Arkhangelsk
13%
Russia
46 oblasts
22 republics
4 autonomous okrugs
9 krais
1 autonomous oblast
3 federal cities
Astrakhan
13%
Chile
16 regiones
Atacama
13%
Somalia
18 gobolada
Bari
13%
Turkey
81 il
Batman
13%
Portugal
18 distritos
2 regiões autónomas
Braga
13%
India
28 states
8 union territories
Chandigarh
13%
Russia
46 oblasts
22 republics
4 autonomous okrugs
9 krais
1 autonomous oblast
3 federal cities
Chelyabinsk
13%
Mexico
31 estados
1 distrito federal
Colima
13%
Romania
41 județe
1 capital
Constanța
13%
Albania
12 qarqe
Elbasan
13%
Greece
13 peripheries
1 aftonomi monastiki politeia
Epirus
13%
Tuvalu
9 municipalities
Funafuti
13%
China
22 shěng
5 zìzhìqū
4 zhíxiáshì
2 tèbiéxíngzhèngqū
Gansu
13%
Belarus
6 voblastsi
1 capital
Gomel
13%
Saint Vincent and the Grenadines
6 parishes
Grenadines
13%
Mexico
31 estados
1 distrito federal
Guanajuato
13%
Australia
6 states
3 territories
6 external territories
Heard and McDonald Islands
13%
India
28 states
8 union territories
Himachal Pradesh
13%
Syria
14 muhāfazāt
Homs
13%
Peru
25 regiones
1 provincia
Ica
13%
South Korea
8 do
6 gwangyeoksi
1 teukbyeol jachido
1 teukbyeol jachisi
1 teukbyeolsi
Incheon
13%
Cambodia
24 khêt
1 autonomous municipality
Kampong Thom
13%
Ireland
26 counties
3 cities
2 cities and counties
Kerry
13%
Ireland
26 counties
3 cities
2 cities and counties
Kilkenny
13%
Russia
46 oblasts
22 republics
4 autonomous okrugs
9 krais
1 autonomous oblast
3 federal cities
Komi
13%
Russia
46 oblasts
22 republics
4 autonomous okrugs
9 krais
1 autonomous oblast
3 federal cities
Krasnoyarsk
13%
India
28 states
8 union territories
Ladakh
13%
Poland
16 województwa
Lesser Poland
13%
China
22 shěng
5 zìzhìqū
4 zhíxiáshì
2 tèbiéxíngzhèngqū
Liaoning
13%
Poland
16 województwa
Lublin
13%
Russia
46 oblasts
22 republics
4 autonomous okrugs
9 krais
1 autonomous oblast
3 federal cities
Magadan
13%
India
28 states
8 union territories
Manipur
13%
India
28 states
8 union territories
Meghalaya
13%
Argentina
23 provinces
1 autonomous city
Mendoza
13%
Mexico
31 estados
1 distrito federal
Michoacán
13%
India
28 states
8 union territories
Mizoram
13%
United Kingdom
4 constituent countries
3 crown dependencies
12 non-Antarctic civilian overseas territories
2 sovereign base areas
Montserrat
13%
Greece
13 peripheries
1 aftonomi monastiki politeia
Mount Athos
13%
Japan
47 todōfuken
Nara
13%
Mexico
31 estados
1 distrito federal
Nayarit
13%
China
22 shěng
5 zìzhìqū
4 zhíxiáshì
2 tèbiéxíngzhèngqū
Ningxia
13%
Finland
18 maakuntaa
1 itsehallinnollinen maakunta
North Ostrobothnia
13%
Indonesia
34 provinsi
North Sulawesi
13%
Brazil
26 estados
1 federal district
Pernambuco
13%
Thailand
76 changwat
1 capital
Phuket
13%
Bolivia
9 departamentos
Potosí
13%
Russia
46 oblasts
22 republics
4 autonomous okrugs
9 krais
1 autonomous oblast
3 federal cities
Pskov
13%
Slovenia
212 občine
Rače - Fram
13%
Sudan
18 wilaya'at
River Nile
13%
Barbados
11 parishes | Dominica
10 parishes | Grenada
6 parishes
1 dependency | +2 others
Saint Andrew
13%
Senegal
14 régions
Saint-Louis
13%
Seychelles
26 districts
Saint Louis
13%
Dominica
10 parishes
Saint Luke
13%
Antigua and Barbuda
6 parishes
2 dependencies | Jamaica
14 parishes
Saint Mary
13%
Barbados
11 parishes
Saint Michael
13%
Argentina
23 provinces
1 autonomous city
Salta
13%
Uzbekistan
12 viloyatlar
1 respublika
1 capital
Samarqand
13%
Mexico
31 estados
1 distrito federal
San Luis Potosí
13%
Paraguay
17 departamentos
1 capital
San Pedro
13%
Dominican Republic
31 provincias
1 distrito nacional
San Pedro de Macorís
13%
Argentina
23 provinces
1 autonomous city
Santa Fe
13%
Russia
46 oblasts
22 republics
4 autonomous okrugs
9 krais
1 autonomous oblast
3 federal cities
Saratov
13%
Brazil
26 estados
1 federal district
Sergipe
13%
Finland
18 maakuntaa
1 itsehallinnollinen maakunta
South Ostrobothnia
13%
Indonesia
34 provinsi
South Sulawesi
13%
Russia
46 oblasts
22 republics
4 autonomous okrugs
9 krais
1 autonomous oblast
3 federal cities
Tomsk
13%
India
28 states
8 union territories
Tripura
13%
Austria
9 Bundesländer
Vorarlberg
13%
Ireland
26 counties
3 cities
2 cities and counties
Waterford
13%
Russia
46 oblasts
22 republics
4 autonomous okrugs
9 krais
1 autonomous oblast
3 federal cities
Yamalo-Nenets
13%
Benin
12 départements
Atlantique
12%
Afghanistan
34 velaya'at
Badakhshan
12%
Afghanistan
34 velaya'at
Bamyan
12%
Russia
46 oblasts
22 republics
4 autonomous okrugs
9 krais
1 autonomous oblast
3 federal cities
Buryatia
12%
Brazil
26 estados
1 federal district
Ceará
12%
India
28 states
8 union territories
Chhattisgarh
12%
Bolivia
9 departamentos
Cochabamba
12%
Algeria
58 wilayas
Constantine
12%
Ukraine
24 oblasti
1 misto zi spetsial'nym statusom
Dnipropetrovsk
12%
Brazil
26 estados
1 federal district
Espírito Santo
12%
Solomon Islands
9 provinces
1 capital
Guadalcanal
12%
Cuba
16 provincias
Guantánamo
12%
China
22 shěng
5 zìzhìqū
4 zhíxiáshì
2 tèbiéxíngzhèngqū
Guizhou
12%
Mexico
31 estados
1 distrito federal
Hidalgo
12%
China
22 shěng
5 zìzhìqū
4 zhíxiáshì
2 tèbiéxíngzhèngqū
Jiangsu
12%
Jordan
12 muhāfazāt
Karak
12%
Iraq
19 muhāfazāt
Kirkuk
12%
South Africa
9 provinces
KwaZulu-Natal
12%
Benin
12 départements | Cameroon
10 régions
Littoral
12%
Thailand
76 changwat
1 capital
Loei
12%
Brazil
26 estados
1 federal district
Minas Gerais
12%
Russia
46 oblasts
22 republics
4 autonomous okrugs
9 krais
1 autonomous oblast
3 federal cities
Nenets
12%
United Kingdom
4 constituent countries
3 crown dependencies
12 non-Antarctic civilian overseas territories
2 sovereign base areas
Pitcairn Islands
12%
Nepal
7 pradesh
Province 2 / 2
12%
Dominica
10 parishes | Grenada
6 parishes
1 dependency
Saint Mark
12%
Barbados
11 parishes | Jamaica
14 parishes
Saint Thomas
12%
El Salvador
14 departamentos
San Miguel
12%
Albania
12 qarqe
Shkodër
12%
Pakistan
4 provinces
1 capital
1 self-administering state
1 self-administering territory
Sindh
12%
Argentina
23 provinces
1 autonomous city
Tucumán
12%
Russia
46 oblasts
22 republics
4 autonomous okrugs
9 krais
1 autonomous oblast
3 federal cities
Tver
12%
Finland
18 maakuntaa
1 itsehallinnollinen maakunta
Uusimaa
12%
Russia
46 oblasts
22 republics
4 autonomous okrugs
9 krais
1 autonomous oblast
3 federal cities
Voronezh
12%
Croatia
20 županije
1 capital
Zadar
12%
China
22 shěng
5 zìzhìqū
4 zhíxiáshì
2 tèbiéxíngzhèngqū
Zhejiang
12%
Russia
46 oblasts
22 republics
4 autonomous okrugs
9 krais
1 autonomous oblast
3 federal cities
Adygea
11%
Algeria
58 wilayas
Bordj Badji Mokhtar
11%
Algeria
58 wilayas
Bordj Bou Arréridj
11%
Bulgaria
28 oblasti
Burgas
11%
Finland
18 maakuntaa
1 itsehallinnollinen maakunta
Central Ostrobothnia
11%
Micronesia FS
4 states
Chuuk
11%
Ireland
26 counties
3 cities
2 cities and counties
Clare
11%
Ireland
26 counties
3 cities
2 cities and counties
Donegal
11%
Indonesia
34 provinsi
East Kalimantan
11%
Luxembourg
12 cantons
Esch-sur-Alzette
11%
Malta
5 reġjuni
Gozo
11%
Afghanistan
34 velaya'at
Helmand
11%
Russia
46 oblasts
22 republics
4 autonomous okrugs
9 krais
1 autonomous oblast
3 federal cities
Ingushetia
11%
Taiwan
6 zhíxiáshì
13 xiàn
3 shì
Kaohsiung
11%
Uzbekistan
12 viloyatlar
1 respublika
1 capital
Karakalpakstan
11%
Marshall Islands
24 municipalities
Kili/Bikini/Ejit
11%
Slovakia
8 kraje
Košice
11%
Afghanistan
34 velaya'at
Kunduz
11%
Brazil
26 estados
1 federal district
Maranhão
11%
Morocco
12 regions
Marrakesh-Safi
11%
Mexico
31 estados
1 distrito federal
Morelos
11%
Indonesia
34 provinsi
North Kalimantan
11%
Ethiopia
10 kililoch
2 astedader akababiwach
Oromia
11%
Egypt
27 muhāfazāt
Port Said
11%
Nepal
7 pradesh
Province 1 / 1
11%
Mexico
31 estados
1 distrito federal
Querétaro
11%
Jamaica
14 parishes
Saint Ann
11%
Sweden
21 län
Skåne
11%
Thailand
76 changwat
1 capital
Tak
11%
Ethiopia
10 kililoch
2 astedader akababiwach
Tigray
11%
New Zealand
11 non-unitary regions
5 unitary authorities
2 states in free-association
1 self-administering territory
1 special territorial authority
2 outlying islands
Tokelau
11%
Indonesia
34 provinsi
West Kalimantan
11%
Indonesia
34 provinsi
West Sumatra
11%
Ireland
26 counties
3 cities
2 cities and counties
Wexford
11%
Honduras
18 departamentos
Atlántida
10%
Afghanistan
34 velaya'at
Balkh
10%
Japan
47 todōfuken
Chiba
10%
Vietnam
58 tỉnh
5 thành phố trực thuộc trung ương
Đà Nẵng
10%
Latvia
110 novadi
9 republikas pilsētas
Daugavpils
10%
Nigeria
36 states
1 federal capital territory
Delta
10%
Iran
31 ostanha
East Azerbaijan
10%
Albania
12 qarqe
Fier
10%
Italy
15 regioni
5 regioni autonome
Friuli-Venezia Giulia
10%
Azerbaijan
66 rayonlar
12 cities
Ganja
10%
South Africa
9 provinces
Gauteng
10%
Belarus
6 voblastsi
1 capital
Grodno
10%
Ukraine
24 oblasti
1 misto zi spetsial'nym statusom
Ivano-Frankivsk
10%
China
22 shěng
5 zìzhìqū
4 zhíxiáshì
2 tèbiéxíngzhèngqū
Jiangxi
10%
Argentina
23 provinces
1 autonomous city
Jujuy
10%
Russia
46 oblasts
22 republics
4 autonomous okrugs
9 krais
1 autonomous oblast
3 federal cities
Kalmykia
10%
Cyprus
6 eparchies
Limassol
10%
Bahamas
31 districts
1 capital area
Long Island
10%
Ecuador
24 provincias
Los Ríos
10%
Yemen
21 muhāfazāt
1 city
Ma'rib
10%
Japan
47 todōfuken
Niigata
10%
Greece
13 peripheries
1 aftonomi monastiki politeia
North Aegean
10%
Russia
46 oblasts
22 republics
4 autonomous okrugs
9 krais
1 autonomous oblast
3 federal cities
Orenburg
10%
Kyrgyzstan
7 oblasttar
2 šaarlar
Osh
10%
Seychelles
26 districts
Outer Islands
10%
Hungary
19 megye
1 capital
Pest
10%
Brazil
26 estados
1 federal district
Piauí
10%
Russia
46 oblasts
22 republics
4 autonomous okrugs
9 krais
1 autonomous oblast
3 federal cities
Primorsky
10%
China
22 shěng
5 zìzhìqū
4 zhíxiáshì
2 tèbiéxíngzhèngqū
Qinghai
10%
Russia
46 oblasts
22 republics
4 autonomous okrugs
9 krais
1 autonomous oblast
3 federal cities
Ryazan
10%
Barbados
11 parishes | Dominica
10 parishes
Saint Joseph
10%
Finland
18 maakuntaa
1 itsehallinnollinen maakunta
Satakunta
10%
Tunisia
24 wilaya'at
Sfax
10%
Greece
13 peripheries
1 aftonomi monastiki politeia
South Aegean
10%
Indonesia
34 provinsi
South Kalimantan
10%
Russia
46 oblasts
22 republics
4 autonomous okrugs
9 krais
1 autonomous oblast
3 federal cities
Tula
10%
Switzerland
26 cantons
Uri
10%
India
28 states
8 union territories
Uttarakhand
10%
Belarus
6 voblastsi
1 capital
Vitebsk
10%
Iran
31 ostanha
West Azerbaijan
10%
Micronesia FS
4 states
Yap
10%
Russia
46 oblasts
22 republics
4 autonomous okrugs
9 krais
1 autonomous oblast
3 federal cities
Yaroslavl
10%
Afghanistan
34 velaya'at
Zabul
10%
Turkey
81 il
Adana
9%
Ethiopia
10 kililoch
2 astedader akababiwach
Afar
9%
Niger
7 régions
1 Communauté urbaine
Agadez
9%
Ethiopia
10 kililoch
2 astedader akababiwach
Amhara
9%
Chile
16 regiones
Antofagasta
9%
Japan
47 todōfuken
Aomori
9%
Jordan
12 muhāfazāt
Balqa
9%
Angola
18 províncias
Bié
9%
Papua New Guinea
20 provinces
1 autonomous region
1 capital
Bougainville
9%
Russia
46 oblasts
22 republics
4 autonomous okrugs
9 krais
1 autonomous oblast
3 federal cities
Bryansk
9%
Burkina Faso
13 régions
Central-North
9%
Indonesia
34 provinsi
Central Sulawesi
9%
Argentina
23 provinces
1 autonomous city
Chaco
9%
Russia
46 oblasts
22 republics
4 autonomous okrugs
9 krais
1 autonomous oblast
3 federal cities
Chukotka
9%
Honduras
18 departamentos | Panama
10 provincias
4 comarcas indígenas
Colón
9%
Argentina
23 provinces
1 autonomous city
Corrientes
9%
Afghanistan
34 velaya'at
Farah
9%
Romania
41 județe
1 capital
Iași
9%
Slovenia
212 občine
Ig
9%
India
28 states
8 union territories
Jharkhand
9%
Malaysia
13 negeri
3 wilayah persekutuan
Johor
9%
Iran
31 ostanha
Kerman
9%
Iran
31 ostanha
Khuzestan
9%
Montenegro
22 opštine
1 prijestonica
1 glavni grad
Kotor
9%
Albania
12 qarqe
Kukës
9%
India
28 states
8 union territories
Lakshadweep
9%
Croatia
20 županije
1 capital
Lika-Senj
9%
Poland
16 województwa
Lower Silesia
9%
Japan
47 todōfuken
Nagano
9%
Sri Lanka
9 provinces
North Central
9%
Finland
18 maakuntaa
1 itsehallinnollinen maakunta
Northern Savonia
9%
Egypt
27 muhāfazāt
North Sinai
9%
Afghanistan
34 velaya'at
Nuristan
9%
Micronesia FS
4 states
Pohnpei
9%
Georgia
9 mkhare
2 avt'onomiuri resp'ublik'a
1 city
Racha-Lechkhumi and Kvemo Svaneti
9%
Mauritius
4 islands
Rodrigues
9%
Japan
47 todōfuken
Saga
9%
Latvia
110 novadi
9 republikas pilsētas
Sala
9%
Malaysia
13 negeri
3 wilayah persekutuan
Sarawak
9%
Finland
18 maakuntaa
1 itsehallinnollinen maakunta
Southern Savonia
9%
United Kingdom
4 constituent countries
3 crown dependencies
12 non-Antarctic civilian overseas territories
2 sovereign base areas
South Georgia and South Sandwich Islands
9%
Egypt
27 muhāfazāt
South Sinai
9%
Estonia
15 maakonnad
Tartu
9%
Vietnam
58 tỉnh
5 thành phố trực thuộc trung ương
Thừa Thiên–Huế
9%
Romania
41 județe
1 capital
Timiș
9%
Mexico
31 estados
1 distrito federal
Tlaxcala
9%
Samoa
11 itūmālō
Va'a-o-Fonoti
9%
Poland
16 województwa
West Pomerania
9%
Iran
31 ostanha
Yazd
9%
Ukraine
24 oblasti
1 misto zi spetsial'nym statusom
Zaporizhia
9%
Samoa
11 itūmālō
A'ana
8%
Switzerland
26 cantons
Aargau
8%
Norway
11 fylker
2 integral overseas areas
1 dependency
Agder
8%
Japan
47 todōfuken
Aichi
8%
Japan
47 todōfuken
Akita
8%
Iraq
19 muhāfazāt
Al Anbar
8%
Armenia
10 marzer
1 autonomous city
Ararat
8%
Peru
25 regiones
1 provincia
Arequipa
8%
Chile
16 regiones
Arica and Parinacota
8%
Maldives
17 atolls
4 cities
Baa
8%
Turkmenistan
5 welaýatlar
1 capital
Balkan
8%
Philippines
16 rehiyong pampangasiwaan
1 awtonomong rehiyon
Bangsamoro
8%
Russia
46 oblasts
22 republics
4 autonomous okrugs
9 krais
1 autonomous oblast
3 federal cities
Belgorod
8%
Albania
12 qarqe
Berat
8%
Colombia
32 departamentos
1 capital | Ecuador
24 provincias | Venezuela
23 estados
2 special status areas
Bolívar
8%
Romania
41 județe
1 capital
Brașov
8%
Bosnia and Herzegovina
2 entities
1 distrikt
Brčko
8%
Uzbekistan
12 viloyatlar
1 respublika
1 capital
Bukhara
8%
Turkey
81 il
Bursa
8%
Cuba
16 provincias
Camagüey
8%
Indonesia
34 provinsi
Central Kalimantan
8%
Burkina Faso
13 régions
Central-South
8%
Equatorial Guinea
8 provincias
Central South
8%
Thailand
76 changwat
1 capital
Chiang Mai
8%
Argentina
23 provinces
1 autonomous city
Chubut
8%
Russia
46 oblasts
22 republics
4 autonomous okrugs
9 krais
1 autonomous oblast
3 federal cities
Chuvashia
8%
Bahamas
31 districts
1 capital area
City of Freeport
8%
Portugal
18 distritos
2 regiões autónomas
Coimbra
8%
Philippines
16 rehiyong pampangasiwaan
1 awtonomong rehiyon
Davao
8%
Afghanistan
34 velaya'at
Daykundi
8%
Albania
12 qarqe
Dibër
8%
Turkey
81 il
Diyarbakır
8%
Sudan
18 wilaya'at
East Darfur
8%
Argentina
23 provinces
1 autonomous city
Entre Ríos
8%
Iran
31 ostanha
Fars
8%
Argentina
23 provinces
1 autonomous city
Formosa
8%
South Africa
9 provinces
Free State
8%
Turkey
81 il
Gaziantep
8%
Afghanistan
34 velaya'at
Ghazni
8%
Japan
47 todōfuken
Gifu
8%
New Zealand
11 non-unitary regions
5 unitary authorities
2 states in free-association
1 self-administering territory
1 special territorial authority
2 outlying islands
Gisborne / East Cape
8%
Hungary
19 megye
1 capital
Győr-Moson-Sopron
8%
Syria
14 muhāfazāt
Hama
8%
Japan
47 todōfuken
Hyōgo
8%
Croatia
20 županije
1 capital
Istria
8%
Russia
46 oblasts
22 republics
4 autonomous okrugs
9 krais
1 autonomous oblast
3 federal cities
Ivanovo
8%
Japan
47 todōfuken
Iwate
8%
Kyrgyzstan
7 oblasttar
2 šaarlar
Jalal-Abad
8%
Norway
11 fylker
2 integral overseas areas
1 dependency
Jan Mayen
8%
United States
50 states
1 federal district
1 incorporated territory
4 unincorporated organized territories
1 unincorporated unorganized self-governing territory
8 unincorporated unorganized territories
Jarvis Island
8%
Switzerland
26 cantons
Jura
8%
Russia
46 oblasts
22 republics
4 autonomous okrugs
9 krais
1 autonomous oblast
3 federal cities
Kabardino-Balkaria
8%
Japan
47 todōfuken
Kagoshima
8%
Finland
18 maakuntaa
1 itsehallinnollinen maakunta
Kainuu
8%
Russia
46 oblasts
22 republics
4 autonomous okrugs
9 krais
1 autonomous oblast
3 federal cities
Kaluga
8%
Japan
47 todōfuken
Kanagawa
8%
Russia
46 oblasts
22 republics
4 autonomous okrugs
9 krais
1 autonomous oblast
3 federal cities
Karachay-Cherkessia
8%
Ukraine
24 oblasti
1 misto zi spetsial'nym statusom
Kherson
8%
Bangladesh
8 bibhag
Khulna
8%
Ireland
26 counties
3 cities
2 cities and counties
Kildare
8%
Turkey
81 il
Konya
8%
Palau
16 states
Koror
8%
Russia
46 oblasts
22 republics
4 autonomous okrugs
9 krais
1 autonomous oblast
3 federal cities
Kursk
8%
Morocco
12 regions
Laâyoune-Sakia El Hamra
8%
South Africa
9 provinces
Limpopo
8%
Afghanistan
34 velaya'at
Logar
8%
Iran
31 ostanha
Lorestan
8%
Peru
25 regiones
1 provincia
Loreto
8%
Chile
16 regiones
Los Ríos
8%
Ireland
26 counties
3 cities
2 cities and counties
Louth
8%
Switzerland
26 cantons
Luzern
8%
Solomon Islands
9 provinces
1 capital
Makira-Ulawa
8%
Poland
16 województwa
Masovia
8%
Ireland
26 counties
3 cities
2 cities and counties
Meath
8%
Japan
47 todōfuken
Miyagi
8%
Japan
47 todōfuken
Miyazaki
8%
Argentina
23 provinces
1 autonomous city
Neuquén
8%
Nigeria
36 states
1 federal capital territory
Niger
8%
Afghanistan
34 velaya'at
Nimruz
8%
Sudan
18 wilaya'at
North Darfur
8%
Iran
31 ostanha
North Khorasan
8%
Democratic Republic of the Congo
26 provinces
North Kivu
8%
North Macedonia
80 opštini
Ohrid
8%
Japan
47 todōfuken
Ōita
8%
Japan
47 todōfuken
Okayama
8%
Czechia
13 krajů
1 capital
Olomouc
8%
Poland
16 województwa
Opole
8%
Afghanistan
34 velaya'at
Panjshir
8%
Estonia
15 maakonnad
Pärnu
8%
Afghanistan
34 velaya'at
Parwan
8%
Malaysia
13 negeri
3 wilayah persekutuan
Penang
8%
Finland
18 maakuntaa
1 itsehallinnollinen maakunta
Pirkanmaa
8%
Czechia
13 krajů
1 capital
Plzeň
8%
Portugal
18 distritos
2 regiões autónomas
Portalegre
8%
Syria
14 muhāfazāt
Raqqa
8%
Malaysia
13 negeri
3 wilayah persekutuan
Sabah
8%
Burkina Faso
13 régions
Sahel
8%
Switzerland
26 cantons
Saint Gallen
8%
Antigua and Barbuda
6 parishes
2 dependencies | Barbados
11 parishes
Saint Philip
8%
Japan
47 todōfuken
Saitama
8%
El Salvador
14 departamentos
Santa Ana
8%
Andorra
7 parishes
Sant Julià de Lòria
8%
Switzerland
26 cantons
Schaffhausen
8%
Switzerland
26 cantons
Schwyz
8%
Azerbaijan
66 rayonlar
12 cities
Shaki
8%
United Arab Emirates
7 imarat
Sharjah
8%
Japan
47 todōfuken
Shimane
8%
Cambodia
24 khêt
1 autonomous municipality
Siem Reap
8%
Ireland
26 counties
3 cities
2 cities and counties
Sligo
8%
Russia
46 oblasts
22 republics
4 autonomous okrugs
9 krais
1 autonomous oblast
3 federal cities
Smolensk
8%
Sudan
18 wilaya'at
South Darfur
8%
Iran
31 ostanha
South Khorasan
8%
Democratic Republic of the Congo
26 provinces
South Kivu
8%
Russia
46 oblasts
22 republics
4 autonomous okrugs
9 krais
1 autonomous oblast
3 federal cities
Stavropol
8%
Poland
16 województwa
Świętokrzyskie
8%
Taiwan
6 zhíxiáshì
13 xiàn
3 shì
Tainan
8%
Switzerland
26 cantons
Ticino
8%
Mali
10 régions
1 capital
Tombouctou
8%
Japan
47 todōfuken
Toyama
8%
Russia
46 oblasts
22 republics
4 autonomous okrugs
9 krais
1 autonomous oblast
3 federal cities
Tyumen
8%
Russia
46 oblasts
22 republics
4 autonomous okrugs
9 krais
1 autonomous oblast
3 federal cities
Udmurtia
8%
Switzerland
26 cantons
Valais
8%
Sweden
21 län
Västerbotten
8%
Switzerland
26 cantons
Vaud
8%
Norway
11 fylker
2 integral overseas areas
1 dependency
Vestfold og Telemark
8%
Norway
11 fylker
2 integral overseas areas
1 dependency
Viken
8%
Russia
46 oblasts
22 republics
4 autonomous okrugs
9 krais
1 autonomous oblast
3 federal cities
Vologda
8%
Sudan
18 wilaya'at
West Darfur
8%
Indonesia
34 provinsi
West Sulawesi
8%
Ireland
26 counties
3 cities
2 cities and counties
Wicklow
8%
Japan
47 todōfuken
Yamagata
8%
Switzerland
26 cantons
Zug
8%
United Arab Emirates
7 imarat
Ajman
7%
United Kingdom
4 constituent countries
3 crown dependencies
12 non-Antarctic civilian overseas territories
2 sovereign base areas
Akrotiri
7%
Kazakhstan
14 oblys
4 qala
Aktobe
7%
Iceland
72 sveitarfélög
Akureyri
7%
Iran
31 ostanha
Ardabil
7%
Afghanistan
34 velaya'at
Badghis
7%
Afghanistan
34 velaya'at
Baghlan
7%
United States
50 states
1 federal district
1 incorporated territory
4 unincorporated organized territories
1 unincorporated unorganized self-governing territory
8 unincorporated unorganized territories
Baker Island
7%
Russia
46 oblasts
22 republics
4 autonomous okrugs
9 krais
1 autonomous oblast
3 federal cities
Bashkortostan
7%
Angola
18 províncias
Benguela
7%
Portugal
18 distritos
2 regiões autónomas
Bragança
7%
New Zealand
11 non-unitary regions
5 unitary authorities
2 states in free-association
1 self-administering territory
1 special territorial authority
2 outlying islands
Canterbury
7%
Portugal
18 distritos
2 regiões autónomas
Castelo Branco
7%
Sudan
18 wilaya'at
Central Darfur
7%
Burkina Faso
13 régions
Central-West
7%
Saint Lucia
10 quartiers | Solomon Islands
9 provinces
1 capital
Choiseul
7%
Japan
47 todōfuken
Ehime
7%
Algeria
58 wilayas
El Menia
7%
Andorra
7 parishes
Escaldes-Engordany
7%
Afghanistan
34 velaya'at
Faryab
7%
Japan
47 todōfuken
Fukui
7%
Mali
10 régions
1 capital
Gao
7%
Albania
12 qarqe
Gjirokastër
7%
Bahamas
31 districts
1 capital area
Grand Cay
7%
Comoros
3 îles autonomes
Grande Comore
7%
Japan
47 todōfuken
Gunma
7%
Estonia
15 maakonnad
Hiiu
7%
Iran
31 ostanha
Hormozgān
7%
Japan
47 todōfuken
Ibaraki
7%
Norway
11 fylker
2 integral overseas areas
1 dependency
Innlandet
7%
Japan
47 todōfuken
Ishikawa
7%
Japan
47 todōfuken
Kagawa
7%
Slovenia
212 občine
Kanal
7%
Afghanistan
34 velaya'at
Kapisa
7%
Iran
31 ostanha
Kermanshah
7%
Russia
46 oblasts
22 republics
4 autonomous okrugs
9 krais
1 autonomous oblast
3 federal cities
Khabarovsk
7%
Tanzania
31 mkoa
Kilimanjaro
7%
Russia
46 oblasts
22 republics
4 autonomous okrugs
9 krais
1 autonomous oblast
3 federal cities
Kirov
7%
Albania
12 qarqe
Korçë
7%
Micronesia FS
4 states
Kosrae
7%
Japan
47 todōfuken
Kumamoto
7%
Afghanistan
34 velaya'at
Kunar
7%
Finland
18 maakuntaa
1 itsehallinnollinen maakunta
Kymenlaakso
7%
Chad
23 régions
Lac
7%
Andorra
7 parishes
La Massana
7%
Argentina
23 provinces
1 autonomous city
La Pampa
7%
Russia
46 oblasts
22 republics
4 autonomous okrugs
9 krais
1 autonomous oblast
3 federal cities
Lipetsk
7%
Chile
16 regiones
Magallanes
7%
Slovenia
212 občine
Maribor
7%
Iran
31 ostanha
Mazandaran
7%
Malaysia
13 negeri
3 wilayah persekutuan
Melaka / Malacca
7%
Venezuela
23 estados
2 special status areas
Mérida
7%
United States
50 states
1 federal district
1 incorporated territory
4 unincorporated organized territories
1 unincorporated unorganized self-governing territory
8 unincorporated unorganized territories
Midway Islands
7%
Algeria
58 wilayas
Mila
7%
Argentina
23 provinces
1 autonomous city | Paraguay
17 departamentos
1 capital
Misiones
7%
Kosovo
7 rajone
Mitrovica
7%
Belarus
6 voblastsi
1 capital
Mogilev
7%
Switzerland
26 cantons
Neuchâtel
7%
Egypt
27 muhāfazāt
New Valley
7%
Afghanistan
34 velaya'at
Paktia
7%
Afghanistan
34 velaya'at
Paktika
7%
Kosovo
7 rajone
Peja/Peć
7%
Russia
46 oblasts
22 republics
4 autonomous okrugs
9 krais
1 autonomous oblast
3 federal cities
Penza
7%
United Arab Emirates
7 imarat
Ras al-Khaimah
7%
Bulgaria
28 oblasti
Ruse
7%
Slovenia
212 občine
Ruše
7%
Jamaica
14 parishes
Saint Elizabeth
7%
Afghanistan
34 velaya'at
Samangan
7%
Japan
47 todōfuken
Shiga
7%
Japan
47 todōfuken
Shizuoka
7%
Turkey
81 il
Siirt
7%
Libya
22 sha'biyat
Sirte
7%
Bulgaria
28 oblasti
Stara Zagora
7%
Russia
46 oblasts
22 republics
4 autonomous okrugs
9 krais
1 autonomous oblast
3 federal cities
Sverdlovsk
7%
Bangladesh
8 bibhag
Sylhet
7%
Taiwan
6 zhíxiáshì
13 xiàn
3 shì
Taichung
7%
Afghanistan
34 velaya'at
Takhar
7%
Finland
18 maakuntaa
1 itsehallinnollinen maakunta
Tavastia
7%
Switzerland
26 cantons
Thurgau
7%
Ireland
26 counties
3 cities
2 cities and counties
Tipperary
7%
Japan
47 todōfuken
Tochigi
7%
Japan
47 todōfuken
Tokushima
7%
Japan
47 todōfuken
Tottori
7%
Norway
11 fylker
2 integral overseas areas
1 dependency
Trøndelag
7%
Sweden
21 län
Västra Götaland
7%
Bulgaria
28 oblasti
Vidin
7%
Ireland
26 counties
3 cities
2 cities and counties
Westmeath
7%
Japan
47 todōfuken
Yamaguchi
7%
Japan
47 todōfuken
Yamanashi
7%
Namibia
14 regions
Zambezi
7%
Colombia
32 departamentos
1 capital
Antioquia
6%
Jordan
12 muhāfazāt
Aqaba
6%
Tanzania
31 mkoa
Arusha
6%
Egypt
27 muhāfazāt
Asyut
6%
Colombia
32 departamentos
1 capital
Atlántico
6%
Slovakia
8 kraje
Banská Bystrica
6%
New Zealand
11 non-unitary regions
5 unitary authorities
2 states in free-association
1 self-administering territory
1 special territorial authority
2 outlying islands
Bay of Plenty
6%
Slovenia
212 občine
Bled
6%
Sudan
18 wilaya'at
Blue Nile
6%
Peru
25 regiones
1 provincia
Callao
6%
Saint Lucia
10 quartiers
Canaries
6%
Argentina
23 provinces
1 autonomous city
Catamarca
6%
Burkina Faso
13 régions
Central-East
6%
Ukraine
24 oblasti
1 misto zi spetsial'nym statusom
Chernihiv
6%
Paraguay
17 departamentos
1 capital
Concepción
6%
South Korea
8 do
6 gwangyeoksi
1 teukbyeol jachido
1 teukbyeol jachisi
1 teukbyeolsi
Daejeon
6%
Egypt
27 muhāfazāt
Damietta
6%
Turkey
81 il
Edirne
6%
Cameroon
10 régions
Far North
6%
France
13 régions
5 régions d'outre-mer
5 collectivités d'outre-mer
1 collectivité sui generis
1 territoire d'outre-mer
French Southern Lands
6%
Switzerland
26 cantons
Fribourg
6%
Iran
31 ostanha
Gilan
6%
Iran
31 ostanha
Golestan
6%
Romania
41 județe
1 capital
Gorj
6%
Honduras
18 departamentos
Gracias a Dios
6%
Sweden
21 län
Halland
6%
Jamaica
14 parishes
Hanover
6%
Estonia
15 maakonnad
Harju
6%
Iran
31 ostanha
Ilam
6%
Cuba
16 provincias
Isla de la Juventud
6%
Sweden
21 län
Jämtland
6%
Sweden
21 län
Jönköping
6%
Afghanistan
34 velaya'at
Jowzjan
6%
Latvia
110 novadi
9 republikas pilsētas
Jūrmala
6%
Cambodia
24 khêt
1 autonomous municipality
Kampong Cham
6%
Turkey
81 il
Kars
6%
Japan
47 todōfuken
Kōchi
6%
Slovenia
212 občine
Koper
6%
Ireland
26 counties
3 cities
2 cities and counties
Leitrim
6%
Laos
17 khoueng
1 nakhon louang
Louangphabang / Luang Prabang
6%
Indonesia
34 provinsi
Maluku
6%
Papua New Guinea
20 provinces
1 autonomous region
1 capital
Manus
6%
Russia
46 oblasts
22 republics
4 autonomous okrugs
9 krais
1 autonomous oblast
3 federal cities
Mari El
6%
Lebanon
8 muhāfazāt
Mount Lebanon
6%
South Africa
9 provinces
Mpumalanga
6%
Ukraine
24 oblasti
1 misto zi spetsial'nym statusom
Mykolaiv
6%
Bangladesh
8 bibhag
Mymensingh
6%
Afghanistan
34 velaya'at
Nangarhar
6%
New Zealand
11 non-unitary regions
5 unitary authorities
2 states in free-association
1 self-administering territory
1 special territorial authority
2 outlying islands
Nelson
6%
Bahamas
31 districts
1 capital area
New Providence
6%
Slovakia
8 kraje
Nitra
6%
Sweden
21 län
Norrbotten
6%
Bahamas
31 districts
1 capital area
North Abaco
6%
Bahamas
31 districts
1 capital area
North Andros
6%
Indonesia
34 provinsi
North Maluku
6%
Sweden
21 län
Örebro
6%
Russia
46 oblasts
22 republics
4 autonomous okrugs
9 krais
1 autonomous oblast
3 federal cities
Oryol
6%
Sweden
21 län
Östergötland
6%
Cyprus
6 eparchies
Paphos
6%
Bulgaria
28 oblasti
Pernik
6%
Benin
12 départements | Nigeria
36 states
1 federal capital territory
Plateau
6%
Republic of the Congo
12 departments
Pointe-Noire
6%
Ukraine
24 oblasti
1 misto zi spetsial'nym statusom
Poltava
6%
Ireland
26 counties
3 cities
2 cities and counties
Roscommon
6%
Fiji
4 provinces
1 dependency
Rotuma
6%
Barbados
11 parishes
Saint Lucy
6%
Madagascar
22 faritra
Sava
6%
Iran
31 ostanha
Semnan
6%
Lithuania
10 apskritys
Šiauliai
6%
Algeria
58 wilayas
Sidi Bel Abbès
6%
Yemen
21 muhāfazāt
1 city
Socotra
6%
Tunisia
24 wilaya'at
Sousse
6%
Bahamas
31 districts
1 capital area
South Abaco
6%
Algeria
58 wilayas
Tlemcen
6%
Russia
46 oblasts
22 republics
4 autonomous okrugs
9 krais
1 autonomous oblast
3 federal cities
Ulyanovsk
6%
Afghanistan
34 velaya'at
Urozgan
6%
Bulgaria
28 oblasti
Veliko Tarnovo
6%
Portugal
18 distritos
2 regiões autónomas
Vila Real
6%
Japan
47 todōfuken
Wakayama
6%
United States
50 states
1 federal district
1 incorporated territory
4 unincorporated organized territories
1 unincorporated unorganized self-governing territory
8 unincorporated unorganized territories
Wake Island
6%
Poland
16 województwa
Warmia-Masuria
6%
Indonesia
34 provinsi
Yogyakarta
6%
Mozambique
10 provincias
1 cidade
Zambezia
6%
Mauritius
4 islands
Agaléga
5%
Romania
41 județe
1 capital
Alba
5%
Switzerland
26 cantons
Appenzell Ausserrhoden
5%
Kazakhstan
14 oblys
4 qala
Atyrau
5%
Moldova
32 raioane
3 municipiu
1 unitate teritorială autonomă
1 unitatea teritorială
Bălți
5%
Bangladesh
8 bibhag
Barishal
5%
Portugal
18 distritos
2 regiões autónomas
Beja
5%
Tunisia
24 wilaya'at
Béja
5%
Egypt
27 muhāfazāt
Beni Suef
5%
Bahamas
31 districts
1 capital area
Bimini
5%
Algeria
58 wilayas
Biskra
5%
Sweden
21 län
Blekinge
5%
Zimbabwe
8 provinces
2 cities
Bulawayo
5%
Iran
31 ostanha
Bushehr
5%
Mozambique
10 provincias
1 cidade
Cabo Delgado
5%
Andorra
7 parishes
Canillo
5%
Philippines
16 rehiyong pampangasiwaan
1 awtonomong rehiyon
Central Luzon
5%
Montenegro
22 opštine
1 prijestonica
1 glavni grad
Cetinje
5%
Australia
6 states
3 territories
6 external territories
Coral Sea Islands
5%
United Kingdom
4 constituent countries
3 crown dependencies
12 non-Antarctic civilian overseas territories
2 sovereign base areas
Dhekelia
5%
Ethiopia
10 kililoch
2 astedader akababiwach
Dire Dawa
5%
Algeria
58 wilayas
Djanet
5%
Bulgaria
28 oblasti
Dobrich
5%
Indonesia
34 provinsi
East Nusa Tenggara
5%
Andorra
7 parishes
Encamp
5%
Ecuador
24 provincias
Esmeraldas
5%
Guyana
10 regions
Essequibo Islands-West Demerara
5%
United Arab Emirates
7 imarat
Fujairah
5%
Moldova
32 raioane
3 municipiu
1 unitate teritorială autonomă
1 unitatea teritorială
Gagauzia
5%
Panama
10 provincias
4 comarcas indígenas
Guna Yala
5%
South Korea
8 do
6 gwangyeoksi
1 teukbyeol jachido
1 teukbyeol jachisi
1 teukbyeolsi
Gwangju
5%
Bhutan
20 dzongkhag
Haa
5%
Iran
31 ostanha
Hamadan
5%
Vietnam
58 tỉnh
5 thành phố trực thuộc trung ương
Hải Phòng
5%
Estonia
15 maakonnad
Ida-Viru / Eastern Viru
5%
Syria
14 muhāfazāt
Idlib
5%
Solomon Islands
9 provinces
1 capital
Isabel
5%
Latvia
110 novadi
9 republikas pilsētas
Jelgava
5%
Australia
6 states
3 territories
6 external territories
Jervis Bay Territory
5%
Kazakhstan
14 oblys
4 qala
Karaganda
5%
Russia
46 oblasts
22 republics
4 autonomous okrugs
9 krais
1 autonomous oblast
3 federal cities
Kemerovo
5%
Russia
46 oblasts
22 republics
4 autonomous okrugs
9 krais
1 autonomous oblast
3 federal cities
Khakassia
5%
Russia
46 oblasts
22 republics
4 autonomous okrugs
9 krais
1 autonomous oblast
3 federal cities
Kostroma
5%
Russia
46 oblasts
22 republics
4 autonomous okrugs
9 krais
1 autonomous oblast
3 federal cities
Kurgan
5%
Kazakhstan
14 oblys
4 qala
Kyzylorda
5%
Estonia
15 maakonnad
Lääne-Viru / Western Viru
5%
Malaysia
13 negeri
3 wilayah persekutuan
Labuan
5%
Afghanistan
34 velaya'at
Laghman
5%
Cyprus
6 eparchies
Larnaca
5%
Syria
14 muhāfazāt
Latakia
5%
Czechia
13 krajů
1 capital
Liberec
5%
Poland
16 województwa
Lubusz
5%
Solomon Islands
9 provinces
1 capital
Malaita
5%
Turkey
81 il
Mersin
5%
Libya
22 sha'biyat
Misrata
5%
Russia
46 oblasts
22 republics
4 autonomous okrugs
9 krais
1 autonomous oblast
3 federal cities
Mordovia
5%
Iraq
19 muhāfazāt
Najaf
5%
Mozambique
10 provincias
1 cidade
Nampula
5%
Papua New Guinea
20 provinces
1 autonomous region
1 capital
New Ireland
5%
Ireland
26 counties
3 cities
2 cities and counties
Offaly
5%
Chile
16 regiones
O'Higgins
5%
Belize
6 districts
Orange Walk
5%
Andorra
7 parishes
Ordino
5%
Bolivia
9 departamentos
Oruro
5%
Croatia
20 županije
1 capital
Osijek-Baranja
5%
New Zealand
11 non-unitary regions
5 unitary authorities
2 states in free-association
1 self-administering territory
1 special territorial authority
2 outlying islands
Otago
5%
Nigeria
36 states
1 federal capital territory
Oyo
5%
Finland
18 maakuntaa
1 itsehallinnollinen maakunta
Päijänne Tavastia
5%
United States
50 states
1 federal district
1 incorporated territory
4 unincorporated organized territories
1 unincorporated unorganized self-governing territory
8 unincorporated unorganized territories
Palmyra Atoll
5%
Bolivia
9 departamentos
Pando
5%
Czechia
13 krajů
1 capital
Pardubice
5%
Malaysia
13 negeri
3 wilayah persekutuan
Perlis
5%
Bulgaria
28 oblasti
Pleven
5%
Kosovo
7 rajone
Prizren
5%
Peru
25 regiones
1 provincia
Puno
5%
Iran
31 ostanha
Qazvin
5%
Bangladesh
8 bibhag
Rajshahi
5%
Bangladesh
8 bibhag
Rangpur
5%
Iran
31 ostanha
Razavi Khorasan
5%
Indonesia
34 provinsi
Riau
5%
Indonesia
34 provinsi
Riau Islands
5%
Nigeria
36 states
1 federal capital territory
Rivers
5%
Norway
11 fylker
2 integral overseas areas
1 dependency
Rogaland
5%
Dominica
10 parishes | Grenada
6 parishes
1 dependency | Saint Vincent and the Grenadines
6 parishes
Saint David
5%
Dominica
10 parishes | Grenada
6 parishes
1 dependency | Saint Vincent and the Grenadines
6 parishes
Saint Patrick
5%
Peru
25 regiones
1 provincia
San Martín
5%
Afghanistan
34 velaya'at
Sar-e Pol
5%
Ghana
16 regions
Savannah
5%
Portugal
18 distritos
2 regiões autónomas
Setúbal
5%
Croatia
20 županije
1 capital
Šibenik-Knin
5%
Bulgaria
28 oblasti
Silistra
5%
Sweden
21 län
Södermanland
5%
Bahamas
31 districts
1 capital area
South Andros
5%
Indonesia
34 provinsi
Southeast Sulawesi
5%
Ukraine
24 oblasti
1 misto zi spetsial'nym statusom
Sumy
5%
Russia
46 oblasts
22 republics
4 autonomous okrugs
9 krais
1 autonomous oblast
3 federal cities
Tambov
5%
Algeria
58 wilayas
Tizi Ouzou
5%
Belize
6 districts
Toledo
5%
Venezuela
23 estados
2 special status areas
Trujillo
5%
Sweden
21 län
Värmland
5%
Sweden
21 län
Västernorrland
5%
Portugal
18 distritos
2 regiões autónomas
Viana do Castelo
5%
Afghanistan
34 velaya'at
Wardak
5%
Indonesia
34 provinsi
West Nusa Tenggara
5%
Sudan
18 wilaya'at
White Nile
5%
Mongolia
21 aimags
1 khot
Zavkhan
5%
Bahamas
31 districts
1 capital area
Acklins
4%
Iran
31 ostanha
Alborz
4%
Paraguay
17 departamentos
1 capital
Alto Paraguay
4%
Algeria
58 wilayas
Annaba
4%
Switzerland
26 cantons
Appenzell Innerrhoden
4%
Ghana
16 regions
Ashanti
4%
Australia
6 states
3 territories
6 external territories
Ashmore and Cartier Islands
4%
Portugal
18 distritos
2 regiões autónomas
Aveiro
4%
Turkey
81 il
Aydın
4%
Iraq
19 muhāfazāt
Babil
4%
Indonesia
34 provinsi
Banten
4%
Switzerland
26 cantons
Basel-Landschaft / Basel Rural
4%
Algeria
58 wilayas
Batna
4%
Brunei
4 daerah
Belait
4%
Chile
16 regiones
Biobío
4%
Bulgaria
28 oblasti
Blagoevgrad
4%
Algeria
58 wilayas
Blida
4%
Croatia
20 županije
1 capital
Brod-Posavina
4%
Ireland
26 counties
3 cities
2 cities and counties
Carlow
4%
Colombia
32 departamentos
1 capital
Cauca
4%
Ireland
26 counties
3 cities
2 cities and counties
Cavan
4%
Slovenia
212 občine
Celje
4%
Bahamas
31 districts
1 capital area
Central Andros
4%
Czechia
13 krajů
1 capital
Central Bohemian
4%
New Zealand
11 non-unitary regions
5 unitary authorities
2 states in free-association
1 self-administering territory
1 special territorial authority
2 outlying islands
Chatham Islands
4%
Ecuador
24 provincias
Chimborazo
4%
Algeria
58 wilayas
Chlef
4%
Bolivia
9 departamentos
Chuquisaca
4%
Cuba
16 provincias
Cienfuegos
4%
Belize
6 districts
Corozal
4%
Morocco
12 regions
Dakhla-Oued Ed-Dahab
4%
Panama
10 provincias
4 comarcas indígenas
Darién
4%
Algeria
58 wilayas
Djelfa
4%
Romania
41 județe
1 capital
Dolj
4%
Bahamas
31 districts
1 capital area
East Grand Bahama
4%
Papua New Guinea
20 provinces
1 autonomous region
1 capital
East New Britain
4%
Algeria
58 wilayas
El Bayadh
4%
Portugal
18 distritos
2 regiões autónomas
Évora
4%
Uzbekistan
12 viloyatlar
1 respublika
1 capital
Fergana
4%
Uruguay
19 departamentos
Flores
4%
Botswana
10 rural districts
7 urban districts
Francistown
4%
Romania
41 județe
1 capital
Giurgiu
4%
Indonesia
34 provinsi
Gorontalo
4%
Switzerland
26 cantons
Grisons
4%
Ethiopia
10 kililoch
2 astedader akababiwach
Harari
4%
Bulgaria
28 oblasti
Haskovo
4%
New Zealand
11 non-unitary regions
5 unitary authorities
2 states in free-association
1 self-administering territory
1 special territorial authority
2 outlying islands
Hawke's Bay
4%
United States
50 states
1 federal district
1 incorporated territory
4 unincorporated organized territories
1 unincorporated unorganized self-governing territory
8 unincorporated unorganized territories
Howland Island
4%
Czechia
13 krajů
1 capital
Hradec Králové
4%
Angola
18 províncias
Huambo
4%
Algeria
58 wilayas
Illizi
4%
Nigeria
36 states
1 federal capital territory
Imo
4%
Bulgaria
28 oblasti
Kardzhali
4%
Croatia
20 županije
1 capital
Karlovac
4%
Myanmar
7 daysamyarr
7 pyinaalmyarr
1 union territory
5 self-administered zones
1 self-administered division
Kayin
4%
Malaysia
13 negeri
3 wilayah persekutuan
Kedah
4%
Russia
46 oblasts
22 republics
4 autonomous okrugs
9 krais
1 autonomous oblast
3 federal cities
Khanty-Mansi
4%
Sweden
21 län
Kronoberg
4%
Bulgaria
28 oblasti
Kyustendil
4%
Marshall Islands
24 municipalities
Lae
4%
South Sudan
10 states
3 areas
Lakes
4%
El Salvador
14 departamentos | Peru
25 regiones
1 provincia
La Libertad
4%
Indonesia
34 provinsi
Lampung
4%
Ireland
26 counties
3 cities
2 cities and counties
Laois
4%
Turkmenistan
5 welaýatlar
1 capital
Lebap
4%
Equatorial Guinea
8 provincias
Litoral
4%
Ireland
26 counties
3 cities
2 cities and counties
Longford
4%
Slovenia
212 občine
Luče
4%
Peru
25 regiones
1 provincia
Madre de Dios
4%
Colombia
32 departamentos
1 capital
Magdalena
4%
North Macedonia
80 opštini
Makedonski Brod
4%
Iran
31 ostanha
Markazi
4%
New Zealand
11 non-unitary regions
5 unitary authorities
2 states in free-association
1 self-administering territory
1 special territorial authority
2 outlying islands
Marlborough
4%
Palau
16 states
Melekeok
4%
Algeria
58 wilayas
Naâma
4%
Ecuador
24 provincias
Napo
4%
Kyrgyzstan
7 oblasttar
2 šaarlar
Naryn
4%
Latvia
110 novadi
9 republikas pilsētas
Nīca
4%
Switzerland
26 cantons
Nidwalden
4%
Iraq
19 muhāfazāt
Nineveh
4%
Switzerland
26 cantons
Obwalden
4%
Kazakhstan
14 oblys
4 qala
Pavlodar
4%
Malaysia
13 negeri
3 wilayah persekutuan
Perak
4%
Poland
16 województwa
Podkarpackie
4%
Poland
16 województwa
Podlaskie
4%
Croatia
20 županije
1 capital
Požega-Slavonia
4%
Malaysia
13 negeri
3 wilayah persekutuan
Putrajaya
4%
Egypt
27 muhāfazāt
Qena
4%
Guatemala
22 departamentos
Quetzaltenango
4%
Bulgaria
28 oblasti
Razgrad
4%
Mauritius
4 islands
Saint Brandon
4%
Jamaica
14 parishes
Saint Catherine
4%
Uruguay
19 departamentos
Salto
4%
Dominican Republic
31 provincias
1 distrito nacional
San Cristóbal
4%
Trinidad and Tobago
9 regions
1 island
3 boroughs
2 cities
San Fernando
4%
Portugal
18 distritos
2 regiões autónomas
Santarém
4%
Guatemala
22 departamentos
Santa Rosa
4%
Malaysia
13 negeri
3 wilayah persekutuan
Selangor
4%
Bulgaria
28 oblasti
Shumen
4%
Bulgaria
28 oblasti
Sliven
4%
Egypt
27 muhāfazāt
Sohag
4%
Switzerland
26 cantons
Solothurn
4%
Ireland
26 counties
3 cities
2 cities and counties
South Dublin
4%
Ethiopia
10 kililoch
2 astedader akababiwach
Southern Nations, Nationalities, and Peoples
4%
Thailand
76 changwat
1 capital
Surin
4%
Algeria
58 wilayas
Tamanghasset
4%
Tanzania
31 mkoa
Tanga
4%
Morocco
12 regions
Tanger-Tetouan-Al Hoceima
4%
New Zealand
11 non-unitary regions
5 unitary authorities
2 states in free-association
1 self-administering territory
1 special territorial authority
2 outlying islands
Taranaki
4%
Bulgaria
28 oblasti
Targovishte
4%
Syria
14 muhāfazāt
Tartus
4%
Chad
23 régions
Tibesti
4%
Algeria
58 wilayas
Tindouf
4%
Turkey
81 il
Trabzon
4%
Slovakia
8 kraje
Trenčín
4%
Thailand
76 changwat
1 capital
Udon Thani
4%
Colombia
32 departamentos
1 capital
Valle del Cauca
4%
Croatia
20 županije
1 capital
Varaždin
4%
Ukraine
24 oblasti
1 misto zi spetsial'nym statusom
Vinnytsia
4%
Ghana
16 regions
Volta
4%
Bulgaria
28 oblasti
Vratsa
4%
Croatia
20 županije
1 capital
Vukovar-Srijem
4%
Libya
22 sha'biyat
Wadi al Hayaa
4%
Philippines
16 rehiyong pampangasiwaan
1 awtonomong rehiyon
Western Visayas
4%
Bahamas
31 districts
1 capital area
West Grand Bahama
4%
Papua New Guinea
20 provinces
1 autonomous region
1 capital
West New Britain
4%
Bulgaria
28 oblasti
Yambol
4%
Russia
46 oblasts
22 republics
4 autonomous okrugs
9 krais
1 autonomous oblast
3 federal cities
Zabaykalsky
4%
Iran
31 ostanha
Zanjan
4%
Jordan
12 muhāfazāt
Zarqa
4%
Ukraine
24 oblasti
1 misto zi spetsial'nym statusom
Zhytomyr
4%
Slovakia
8 kraje
Žilina
4%
Czechia
13 krajů
1 capital
Zlín
4%
Cameroon
10 régions | Nigeria
36 states
1 federal capital territory
Adamawa
3%
Georgia
9 mkhare
2 avt'onomiuri resp'ublik'a
1 city
Adjara
3%
Algeria
58 wilayas | Mauritania
15 régions
Adrar
3%
North Macedonia
80 opštini
Aerodrom
3%
Algeria
58 wilayas
Aïn Defla
3%
Algeria
58 wilayas
Aïn Témouchent
3%
Kazakhstan
14 oblys
4 qala
Akmola
3%
Costa Rica
7 provincias
Alajuela
3%
Yemen
21 muhāfazāt
1 city
Al Jawf
3%
Qatar
8 baladiya'at
Al Rayyan
3%
Yemen
21 muhāfazāt
1 city
Amanat Al Asimah
3%
Peru
25 regiones
1 provincia
Ancash
3%
Uzbekistan
12 viloyatlar
1 respublika
1 capital
Andijan
3%
Comoros
3 îles autonomes
Anjouan
3%
Saint Lucia
10 quartiers
Anse la Raye
3%
Latvia
110 novadi
9 republikas pilsētas
Ape
3%
Romania
41 județe
1 capital
Arad
3%
Colombia
32 departamentos
1 capital
Arauca
3%
Chile
16 regiones
Araucanía
3%
Romania
41 județe
1 capital
Argeș
3%
Armenia
10 marzer
1 autonomous city
Armavir
3%
Djibouti
5 régions
1 city
Arta
3%
Cuba
16 provincias
Artemisa
3%
Haiti
10 départements
Artibonite
3%
Marshall Islands
24 municipalities
Aur
3%
Somalia
18 gobolada
Awdal
3%
Peru
25 regiones
1 provincia
Ayacucho
3%
Thailand
76 changwat
1 capital
Ayutthaya / Phra Nakhon Si Ayutthaya
3%
Lebanon
8 muhāfazāt
Baalbek-Hermel
3%
Romania
41 județe
1 capital
Bacău
3%
Hungary
19 megye
1 capital
Bács-Kiskun
3%
Kazakhstan
14 oblys
4 qala
Baikonur
3%
Somalia
18 gobolada
Bakool
3%
Indonesia
34 provinsi
Bangka Belitung Islands
3%
Hungary
19 megye
1 capital
Baranya
3%
Cambodia
24 khêt
1 autonomous municipality
Battambang
3%
Algeria
58 wilayas
Béchar
3%
Egypt
27 muhāfazāt
Beheira
3%
Algeria
58 wilayas
Béjaïa
3%
Hungary
19 megye
1 capital
Békés
3%
Indonesia
34 provinsi
Bengkulu
3%
Angola
18 províncias
Bengo
3%
Algeria
58 wilayas
Béni Abbès
3%
Ethiopia
10 kililoch
2 astedader akababiwach
Benishangul-Gumuz
3%
Lebanon
8 muhāfazāt
Beqaa
3%
Bahamas
31 districts
1 capital area
Berry Islands
3%
Equatorial Guinea
8 provincias
Bioko North
3%
Equatorial Guinea
8 provincias
Bioko South
3%
Romania
41 județe
1 capital
Bistrița-Năsăud
3%
North Macedonia
80 opštini
Bitola
3%
Croatia
20 županije
1 capital
Bjelovar-Bilogora
3%
Bahamas
31 districts
1 capital area
Black Point
3%
Cape Verde
22 concelhos
Boa Vista
3%
Algeria
58 wilayas
Bouïra
3%
Algeria
58 wilayas
Boumerdès
3%
Norway
11 fylker
2 integral overseas areas
1 dependency
Bouvet Island
3%
Colombia
32 departamentos
1 capital
Boyacá
3%
Romania
41 județe
1 capital
Brăila
3%
Romania
41 județe
1 capital
Buzău
3%
Peru
25 regiones
1 provincia
Cajamarca
3%
Moldova
32 raioane
3 municipiu
1 unitate teritorială autonomă
1 unitatea teritorială | Romania
41 județe
1 capital
Călărași
3%
Colombia
32 departamentos
1 capital
Caldas
3%
Romania
41 județe
1 capital
Caraș-Severin
3%
Costa Rica
7 provincias
Cartago
3%
Colombia
32 departamentos
1 capital
Casanare
3%
Belize
6 districts
Cayo
3%
Bahamas
31 districts
1 capital area
Central Abaco
3%
Serbia
24 okruzi
1 grad
Central Banat
3%
Bahamas
31 districts
1 capital area
Central Eleuthera
3%
Gambia
5 regions
1 city
Central River
3%
Philippines
16 rehiyong pampangasiwaan
1 awtonomong rehiyon
Central Visayas
3%
Colombia
32 departamentos
1 capital
Cesar
3%
Iran
31 ostanha
Chahar Mahaal and Bakhtiari
3%
Taiwan
6 zhíxiáshì
13 xiàn
3 shì
Changhua
3%
Ukraine
24 oblasti
1 misto zi spetsial'nym statusom
Cherkasy
3%
Ukraine
24 oblasti
1 misto zi spetsial'nym statusom
Chernivtsi
3%
Thailand
76 changwat
1 capital
Chiang Rai
3%
Taiwan
6 zhíxiáshì
13 xiàn
3 shì
Chiayi
3%
Colombia
32 departamentos
1 capital
Chocó
3%
Thailand
76 changwat
1 capital
Chonburi
3%
Uruguay
19 departamentos
Colonia
3%
Zambia
10 provinces
Copperbelt
3%
Paraguay
17 departamentos
1 capital | Philippines
16 rehiyong pampangasiwaan
1 awtonomong rehiyon
Cordillera
3%
Ecuador
24 provincias
Cotopaxi
3%
Slovenia
212 občine
Črna na Gekem
3%
Slovenia
212 občine
Črnomelj
3%
Bahamas
31 districts
1 capital area
Crooked Island
3%
Nigeria
36 states
1 federal capital territory
Cross River
3%
Angola
18 províncias
Cuando Cubango
3%
Colombia
32 departamentos
1 capital
Cundinamarca
3%
Sweden
21 län
Dalarna
3%
Romania
41 județe
1 capital
Dâmbovița
3%
Myanmar
7 daysamyarr
7 pyinaalmyarr
1 union territory
5 self-administered zones
1 self-administered division
Danu
3%
Syria
14 muhāfazāt
Daraa
3%
North Macedonia
80 opštini
Debar
3%
Guyana
10 regions
Demerara-Mahaica
3%
Libya
22 sha'biyat
Derna
3%
Luxembourg
12 cantons
Diekirch
3%
Vietnam
58 tỉnh
5 thành phố trực thuộc trung ương
Điện Biên
3%
Iraq
19 muhāfazāt
Diyala
3%
Iraq
19 muhāfazāt
Duhok
3%
Ireland
26 counties
3 cities
2 cities and counties
Dún Laoghaire–Rathdown
3%
Papua New Guinea
20 provinces
1 autonomous region
1 capital
Eastern Highlands
3%
Philippines
16 rehiyong pampangasiwaan
1 awtonomong rehiyon
Eastern Visayas
3%
Nigeria
36 states
1 federal capital territory
Edo
3%
Algeria
58 wilayas
El M'Ghair
3%
Algeria
58 wilayas
El Oued
3%
Nigeria
36 states
1 federal capital territory
Enugu
3%
Turkey
81 il
Erzurum
3%
Liechtenstein
11 Gemeinden
Eschen
3%
Bahamas
31 districts
1 capital area
Exuma
3%
Egypt
27 muhāfazāt
Faiyum
3%
Cyprus
6 eparchies
Famagusta
3%
San Marino
9 castelli
Fiorentino
3%
Honduras
18 departamentos
Francisco Morazán
3%
Bulgaria
28 oblasti
Gabrovo
3%
Romania
41 județe
1 capital
Galați
3%
Ethiopia
10 kililoch
2 astedader akababiwach
Gambela
3%
South Korea
8 do
6 gwangyeoksi
1 teukbyeol jachido
1 teukbyeol jachisi
1 teukbyeolsi
Gangwon
3%
Eritrea
6 zoba
Gash-Barka
3%
Sweden
21 län
Gävleborg
3%
Algeria
58 wilayas
Ghardaïa
3%
Libya
22 sha'biyat
Ghat
3%
Kosovo
7 rajone
Gjakova
3%
Switzerland
26 cantons
Glarus
3%
Slovenia
212 občine
Grad
3%
Haiti
10 départements | Seychelles
26 districts
Grand'Anse
3%
Cuba
16 provincias
Granma
3%
Bahamas
31 districts
1 capital area
Green Turtle Cay
3%
Colombia
32 departamentos
1 capital
Guainía
3%
Portugal
18 distritos
2 regiões autónomas
Guarda
3%
South Korea
8 do
6 gwangyeoksi
1 teukbyeol jachido
1 teukbyeol jachisi
1 teukbyeolsi
Gyeonggi
3%
Saudi Arabia
13 manaţiq
Ha'il
3%
Bahamas
31 districts
1 capital area
Harbour Island
3%
Romania
41 județe
1 capital
Harghita
3%
Turkey
81 il
Hatay
3%
Montenegro
22 opštine
1 prijestonica
1 glavni grad
Herceg Novi
3%
Panama
10 provincias
4 comarcas indígenas
Herrera
3%
Hungary
19 megye
1 capital
Heves
3%
Eswatini
4 tifundza
Hhohho
3%
Cuba
16 provincias
Holguín
3%
Bahamas
31 districts
1 capital area
Hope Town
3%
Taiwan
6 zhíxiáshì
13 xiàn
3 shì
Hsinchu
3%
Taiwan
6 zhíxiáshì
13 xiàn
3 shì
Hualien
3%
Colombia
32 departamentos
1 capital
Huila
3%
Angola
18 províncias
Huíla
3%
Romania
41 județe
1 capital
Hunedoara
3%
Romania
41 județe
1 capital
Ialomița
3%
Romania
41 județe
1 capital
Ilfov
3%
Georgia
9 mkhare
2 avt'onomiuri resp'ublik'a
1 city
Imereti
3%
Bahamas
31 districts
1 capital area
Inagua
3%
Algeria
58 wilayas
In Guezzam
3%
Mozambique
10 provincias
1 cidade
Inhambane
3%
Algeria
58 wilayas
In Salah
3%
Turkey
81 il
Isparta
3%
Kyrgyzstan
7 oblasttar
2 šaarlar
Issyk Kul
3%
Slovenia
212 občine
Izola
3%
Indonesia
34 provinsi
Jambi
3%
Kazakhstan
14 oblys
4 qala
Jambyl
3%
Estonia
15 maakonnad
Järva
3%
Latvia
110 novadi
9 republikas pilsētas
Jēkabpils
3%
Slovenia
212 občine
Jesenice
3%
Uzbekistan
12 viloyatlar
1 respublika
1 capital
Jizzakh
3%
Estonia
15 maakonnad
Jõgeva
3%
United States
50 states
1 federal district
1 incorporated territory
4 unincorporated organized territories
1 unincorporated unorganized self-governing territory
8 unincorporated unorganized territories
Johnston Atoll
3%
Peru
25 regiones
1 provincia
Junín
3%
Guatemala
22 departamentos
Jutiapa
3%
Myanmar
7 daysamyarr
7 pyinaalmyarr
1 union territory
5 self-administered zones
1 self-administered division
Kachin
3%
North Korea
9 do
1 chikhalsi
2 t'ŭkpyŏlsi
1 t'ŭkkŭpsi
Kaesong
3%
Egypt
27 muhāfazāt
Kafr El Sheikh
3%
Sweden
21 län
Kalmar
3%
Iraq
19 muhāfazāt
Karbala
3%
Mali
10 régions
1 capital
Kayes
3%
Turkey
81 il
Kayseri
3%
Taiwan
6 zhíxiáshì
13 xiàn
3 shì
Keelung
3%
Malaysia
13 negeri
3 wilayah persekutuan
Kelantan
3%
Algeria
58 wilayas
Khenchela
3%
Ukraine
24 oblasti
1 misto zi spetsial'nym statusom
Khmelnytskyi
3%
United States
50 states
1 federal district
1 incorporated territory
4 unincorporated organized territories
1 unincorporated unorganized self-governing territory
8 unincorporated unorganized territories
Kingman Reef
3%
Taiwan
6 zhíxiáshì
13 xiàn
3 shì
Kinmen
3%
Turkey
81 il
Kırklareli
3%
Ukraine
24 oblasti
1 misto zi spetsial'nym statusom
Kirovohrad
3%
Turkey
81 il
Kocaeli
3%
Iran
31 ostanha
Kohgiluyeh and Boyer-Ahmad
3%
Hungary
19 megye
1 capital
Komárom-Esztergom
3%
Iceland
72 sveitarfélög
Kópavogur
3%
Croatia
20 županije
1 capital
Koprivnica-Križevci
3%
Thailand
76 changwat
1 capital
Krabi
3%
Slovenia
212 občine
Kranj
3%
Croatia
20 županije
1 capital
Krapina-Zagorje
3%
Cyprus
6 eparchies
Kyrenia
3%
Monaco
10 quartiers
La Condamine
3%
Algeria
58 wilayas
Laghouat
3%
Peru
25 regiones
1 provincia
Lambayeque
3%
Dominican Republic
31 provincias
1 distrito nacional
La Romana
3%
Cuba
16 provincias
Las Tunas
3%
Dominican Republic
31 provincias
1 distrito nacional
La Vega
3%
Portugal
18 distritos
2 regiões autónomas
Leiria
3%
Latvia
110 novadi
9 republikas pilsētas
Liepāja
3%
Costa Rica
7 provincias
Limón
3%
Armenia
10 marzer
1 autonomous city
Lori
3%
Panama
10 provincias
4 comarcas indígenas
Los Santos
3%
Bulgaria
28 oblasti
Lovech
3%
Somalia
18 gobolada
Lower Juba
3%
Gambia
5 regions
1 city
Lower River
3%
Guyana
10 regions
Mahaica-Berbice
3%
Jamaica
14 parishes
Manchester
3%
Bahamas
31 districts
1 capital area
Mangrove Cay
3%
Kazakhstan
14 oblys
4 qala
Mangystau
3%
Mozambique
10 provincias
1 cidade
Manica
3%
Zimbabwe
8 provinces
2 cities
Manicaland
3%
Romania
41 județe
1 capital
Maramureș
3%
Algeria
58 wilayas
Mascara
3%
Zimbabwe
8 provinces
2 cities
Mashonaland Central
3%
Zimbabwe
8 provinces
2 cities
Mashonaland East
3%
Zimbabwe
8 provinces
2 cities
Mashonaland West
3%
Zimbabwe
8 provinces
2 cities
Matabeleland North
3%
Zimbabwe
8 provinces
2 cities
Matabeleland South
3%
Cuba
16 provincias
Matanzas
3%
Egypt
27 muhāfazāt
Matruh
3%
Chile
16 regiones
Maule
3%
Bahamas
31 districts
1 capital area
Mayaguana
3%
Algeria
58 wilayas
Médéa
3%
Croatia
20 županije
1 capital
Međimurje
3%
Romania
41 județe
1 capital
Mehedinți
3%
Colombia
32 departamentos
1 capital
Meta
3%
Taiwan
6 zhíxiáshì
13 xiàn
3 shì
Miaoli
3%
Somalia
18 gobolada
Middle Juba
3%
Zimbabwe
8 provinces
2 cities
Midlands
3%
Egypt
27 muhāfazāt
Minya
3%
Comoros
3 îles autonomes
Mohéli
3%
Ireland
26 counties
3 cities
2 cities and counties
Monaghan
3%
Bahamas
31 districts
1 capital area
Moore's Island
3%
Czechia
13 krajů
1 capital
Moravian-Silesian
3%
Algeria
58 wilayas
Mostaganem
3%
Angola
18 províncias
Moxico
3%
Algeria
58 wilayas
M'Sila
3%
Tanzania
31 mkoa
Mtwara
3%
Bahrain
4 muhāfazāt
Muharraq
3%
Romania
41 județe
1 capital
Mureș
3%
Lebanon
8 muhāfazāt
Nabatieh
3%
Azerbaijan
66 rayonlar
12 cities
Nakhchivan
3%
Kenya
47 kaunti
Nakuru
3%
Angola
18 províncias
Namibe
3%
Taiwan
6 zhíxiáshì
13 xiàn
3 shì
Nantou
3%
Colombia
32 departamentos
1 capital
Nariño
3%
Panama
10 provincias
4 comarcas indígenas
Naso Tjër Di Comarca
3%
United States
50 states
1 federal district
1 incorporated territory
4 unincorporated organized territories
1 unincorporated unorganized self-governing territory
8 unincorporated unorganized territories
Navassa Island
3%
Uzbekistan
12 viloyatlar
1 respublika
1 capital
Navoiy
3%
Romania
41 județe
1 capital
Neamț
3%
Malaysia
13 negeri
3 wilayah persekutuan
Negeri Sembilan
3%
Mozambique
10 provincias
1 cidade
Niassa
3%
Haiti
10 départements
Nippes
3%
Serbia
24 okruzi
1 grad
North Banat
3%
Bahamas
31 districts
1 capital area
North Eleuthera
3%
Eritrea
6 zoba
Northern Red Sea
3%
North Korea
9 do
1 chikhalsi
2 t'ŭkpyŏlsi
1 t'ŭkkŭpsi
North Hamgyong
3%
South Korea
8 do
6 gwangyeoksi
1 teukbyeol jachido
1 teukbyeol jachisi
1 teukbyeolsi
North Jeolla
3%
Colombia
32 departamentos
1 capital
North Santander
3%
Mauritania
15 régions
Nouakchott North
3%
Mauritania
15 régions
Nouakchott South
3%
Mauritania
15 régions
Nouakchott West
3%
Slovenia
212 občine
Novo Mesto
3%
Chile
16 regiones
Ñuble
3%
Djibouti
5 régions
1 city
Obock
3%
Latvia
110 novadi
9 republikas pilsētas
Ogre
3%
Romania
41 județe
1 capital
Olt
3%
Nigeria
36 states
1 federal capital territory
Ondo
3%
Algeria
58 wilayas
Ouargla
3%
Benin
12 départements
Ouémé
3%
Algeria
58 wilayas
Oum el-Bouaghi
3%
Malaysia
13 negeri
3 wilayah persekutuan
Pahang
3%
Lithuania
10 apskritys
Panevėžys
3%
Bhutan
20 dzongkhag
Paro
3%
Bulgaria
28 oblasti
Pazardzhik
3%
Taiwan
6 zhíxiáshì
13 xiàn
3 shì
Pingtung
3%
Slovenia
212 občine
Piran
3%
Peru
25 regiones
1 provincia
Piura
3%
Guyana
10 regions
Pomeroon-Supenaam
3%
Romania
41 județe
1 capital
Prahova
3%
Paraguay
17 departamentos
1 capital
Presidente Hayes
3%
Slovakia
8 kraje
Prešov
3%
North Macedonia
80 opštini
Prilep
3%
Croatia
20 županije
1 capital
Primorje-Gorski Kotar
3%
Dominican Republic
31 provincias
1 distrito nacional
Puerto Plata
3%
Colombia
32 departamentos
1 capital
Putumayo
3%
Egypt
27 muhāfazāt
Qalyubia
3%
Uzbekistan
12 viloyatlar
1 respublika
1 capital
Qashqadaryo
3%
Colombia
32 departamentos
1 capital
Quindío
3%
Bahamas
31 districts
1 capital area
Ragged Island
3%
Antigua and Barbuda
6 parishes
2 dependencies
Redonda
3%
Slovenia
212 občine
Renče - Vogrsko
3%
Solomon Islands
9 provinces
1 capital
Rennell and Bellona
3%
Cape Verde
22 concelhos
Ribeira Brava
3%
Syria
14 muhāfazāt
Rif Dimashq
3%
Ukraine
24 oblasti
1 misto zi spetsial'nym statusom
Rivne
3%
Bahamas
31 districts
1 capital area
Rum Cay
3%
Libya
22 sha'biyat
Sabha
3%
Algeria
58 wilayas
Saïda
3%
Monaco
10 quartiers
Saint Michel
3%
Iraq
19 muhāfazāt
Saladin
3%
Romania
41 județe
1 capital
Sălaj
3%
Turkey
81 il
Samsun
3%
Georgia
9 mkhare
2 avt'onomiuri resp'ublik'a
1 city
Samtskhe-Javakheti
3%
Somalia
18 gobolada
Sanaag
3%
Colombia
32 departamentos
1 capital
San Andrés and Providencia
3%
Guatemala
22 departamentos
San Marcos
3%
Honduras
18 departamentos
Santa Bárbara
3%
Colombia
32 departamentos
1 capital
Santander
3%
El Salvador
14 departamentos
San Vicente
3%
Cape Verde
22 concelhos
São Miguel
3%
Romania
41 județe
1 capital
Satu Mare
3%
Algeria
58 wilayas
Sétif
3%
Azerbaijan
66 rayonlar
12 cities
Shirvan
3%
Kazakhstan
14 oblys
4 qala
Shymkent
3%
Romania
41 județe
1 capital
Sibiu
3%
Ethiopia
10 kililoch
2 astedader akababiwach
Sidama
3%
Turkey
81 il
Sinop
3%
Suriname
10 districten
Sipaliwini
3%
Croatia
20 županije
1 capital
Sisak-Moslavina
3%
Turkey
81 il
Sivas
3%
Algeria
58 wilayas
Skikda
3%
Slovenia
212 občine
Slovenska Bistrica
3%
Bulgaria
28 oblasti
Smolyan
3%
Philippines
16 rehiyong pampangasiwaan
1 awtonomong rehiyon
SOCCSKSARGEN
3%
Mozambique
10 provincias
1 cidade
Sofala
3%
Somalia
18 gobolada
Sool
3%
Algeria
58 wilayas
Souk Ahras
3%
Serbia
24 okruzi
1 grad
South Banat
3%
Czechia
13 krajů
1 capital
South Bohemian
3%
Nicaragua
15 departamentos
2 regiones autónomas
South Carribean Coast
3%
Bahamas
31 districts
1 capital area
South Eleuthera
3%
Eritrea
6 zoba
Southern Red Sea
3%
North Korea
9 do
1 chikhalsi
2 t'ŭkpyŏlsi
1 t'ŭkkŭpsi
South Hamgyong
3%
South Korea
8 do
6 gwangyeoksi
1 teukbyeol jachido
1 teukbyeol jachisi
1 teukbyeolsi
South Jeolla
3%
Bahamas
31 districts
1 capital area
Spanish Wells
3%
Belize
6 districts
Stann Creek
3%
North Macedonia
80 opštini
Štip
3%
North Macedonia
80 opštini
Struga
3%
North Macedonia
80 opštini
Strumica
3%
Iraq
19 muhāfazāt
Sulaymaniyah
3%
Armenia
10 marzer
1 autonomous city
Syunik
3%
Hungary
19 megye
1 capital
Szabolcs-Szatmár-Bereg
3%
Peru
25 regiones
1 provincia
Tacna
3%
Djibouti
5 régions
1 city
Tadjourah
3%
Taiwan
6 zhíxiáshì
13 xiàn
3 shì
Taitung
3%
Democratic Republic of the Congo
26 provinces
Tanganyika
3%
Taiwan
6 zhíxiáshì
13 xiàn
3 shì
Taoyuan
3%
Bolivia
9 departamentos
Tarija
3%
Armenia
10 marzer
1 autonomous city
Tavush
3%
Algeria
58 wilayas
Tébessa
3%
Romania
41 județe
1 capital
Teleorman
3%
Brunei
4 daerah
Temburong
3%
Solomon Islands
9 provinces
1 capital
Temotu
3%
Malaysia
13 negeri
3 wilayah persekutuan
Terengganu
3%
Ukraine
24 oblasti
1 misto zi spetsial'nym statusom
Ternopil
3%
Mozambique
10 provincias
1 cidade
Tete
3%
North Macedonia
80 opštini
Tetovo
3%
Kenya
47 kaunti
Tharaka-Nithi
3%
Senegal
14 régions
Thiès
3%
Algeria
58 wilayas
Tiaret
3%
Algeria
58 wilayas
Timimoun
3%
Uruguay
19 departamentos
Treinta y Tres
3%
Liechtenstein
11 Gemeinden
Triesen
3%
Slovakia
8 kraje
Trnava
3%
Romania
41 județe
1 capital
Tulcea
3%
Peru
25 regiones
1 provincia
Tumbes
3%
Brunei
4 daerah
Tutong
3%
Peru
25 regiones
1 provincia
Ucayali
3%
South Korea
8 do
6 gwangyeoksi
1 teukbyeol jachido
1 teukbyeol jachisi
1 teukbyeolsi
Ulsan
3%
United Arab Emirates
7 imarat
Umm al-Quwain
3%
Qatar
8 baladiya'at
Umm Salal
3%
Guyana
10 regions
Upper Demerara-Berbice
3%
South Sudan
10 states
3 areas
Upper Nile
3%
Gambia
5 regions
1 city
Upper River
3%
Czechia
13 krajů
1 capital
Ústí nad Labem
3%
Romania
41 județe
1 capital
Vâlcea
3%
Estonia
15 maakonnad
Valga
3%
Romania
41 județe
1 capital
Vaslui
3%
Sweden
21 län
Västmanland
3%
Colombia
32 departamentos
1 capital
Vaupés
3%
Armenia
10 marzer
1 autonomous city
Vayots Dzor
3%
North Macedonia
80 opštini
Veles
3%
Latvia
110 novadi
9 republikas pilsētas
Ventspils
3%
Colombia
32 departamentos
1 capital
Vichada
3%
Estonia
15 maakonnad
Viljandi
3%
Croatia
20 županije
1 capital
Virovitica-Podravina
3%
Ukraine
24 oblasti
1 misto zi spetsial'nym statusom
Volyn
3%
Estonia
15 maakonnad
Võru
3%
Romania
41 județe
1 capital
Vrancea
3%
Czechia
13 krajů
1 capital
Vysočina
3%
New Zealand
11 non-unitary regions
5 unitary authorities
2 states in free-association
1 self-administering territory
1 special territorial authority
2 outlying islands
Waikato
3%
Papua New Guinea
20 provinces
1 autonomous region
1 capital
Western Highlands
3%
Taiwan
6 zhíxiáshì
13 xiàn
3 shì
Yilan
3%
Taiwan
6 zhíxiáshì
13 xiàn
3 shì
Yunlin
3%
Angola
18 províncias
Zaire
3%
Ukraine
24 oblasti
1 misto zi spetsial'nym statusom
Zakarpattia
3%
Hungary
19 megye
1 capital
Zala
3%
Philippines
16 rehiyong pampangasiwaan
1 awtonomong rehiyon
Zamboanga Peninsula
3%
Niger
7 régions
1 Communauté urbaine
Zinder
3%
Venezuela
23 estados
2 special status areas
Zulia
3%
Azerbaijan
66 rayonlar
12 cities
Absheron
2%
San Marino
9 castelli
Acquaviva
2%
Turkey
81 il
Ağrı
2%
Ghana
16 regions
Ahafo
2%
El Salvador
14 departamentos
Ahuachapán
2%
Chile
16 regiones
Aisén
2%
Slovenia
212 občine
Ajdovščina
2%
Lebanon
8 muhāfazāt
Akkar
2%
Nigeria
36 states
1 federal capital territory
Akwa Ibom
2%
Yemen
21 muhāfazāt
1 city
Al Hudaydah
2%
Djibouti
5 régions
1 city
Ali Sabieh
2%
Guatemala
22 departamentos
Alta Verapaz
2%
Libya
22 sha'biyat
Al Wahat
2%
Lithuania
10 apskritys
Alytus
2%
Turkey
81 il
Amasya
2%
Vietnam
58 tỉnh
5 thành phố trực thuộc trung ương
An Giang
2%
Nauru
14 districts
Anibare
2%
Seychelles
26 districts
Anse aux Pins
2%
Eritrea
6 zoba
Anseba
2%
Peru
25 regiones
1 provincia
Apurímac
2%
Armenia
10 marzer
1 autonomous city
Aragatsotn
2%
Turkey
81 il
Ardahan
2%
Uruguay
19 departamentos
Artigas
2%
Turkey
81 il
Artvin
2%
Saudi Arabia
13 manaţiq
'Asir
2%
Syria
14 muhāfazāt
As-Suwayda
2%
Dominican Republic
31 provincias
1 distrito nacional
Azua
2%
Ecuador
24 provincias
Azuay
2%
Nepal
7 pradesh
Bagmati
2%
Saudi Arabia
13 manaţiq
Bahah
2%
Guatemala
22 departamentos
Baja Verapaz
2%
Somalia
18 gobolada
Banaadir
2%
Guyana
10 regions
Barima-Waini
2%
Turkey
81 il
Bartın
2%
Central African Republic
16 préfectures
1 capital
Basse-Kotto
2%
Democratic Republic of the Congo
26 provinces
Bas-Uele
2%
Chad
23 régions
Batha
2%
Kyrgyzstan
7 oblasttar
2 šaarlar
Batken
2%
Mongolia
21 aimags
1 khot
Bayan-Ölgii
2%
Slovenia
212 občine
Beltinci
2%
Moldova
32 raioane
3 municipiu
1 unitate teritorială autonomă
1 unitatea teritorială
Bender
2%
Nigeria
36 states
1 federal capital territory
Benue
2%
Philippines
16 rehiyong pampangasiwaan
1 awtonomong rehiyon
Bicol
2%
Montenegro
22 opštine
1 prijestonica
1 glavni grad
Bijelo Polje
2%
Turkey
81 il
Bitlis
2%
Nicaragua
15 departamentos
2 regiones autónomas
Boaco
2%
Nauru
14 districts
Boe
2%
Slovenia
212 občine
Bohinjska
2%
Guinea-Bissau
8 regiões
1 sector autónomo
Bolama
2%
Turkey
81 il
Bolu
2%
Ghana
16 regions
Bono
2%
Ghana
16 regions
Bono East
2%
Paraguay
17 departamentos
1 capital
Boquerón
2%
Chad
23 régions
Borkou
2%
Nigeria
36 states
1 federal capital territory
Borno
2%
Hungary
19 megye
1 capital
Borsod-Abaúj-Zemplén
2%
Romania
41 județe
1 capital
Botoșani
2%
Mauritania
15 régions
Brakna
2%
Cape Verde
22 concelhos
Brava
2%
Suriname
10 districten
Brokopondo
2%
El Salvador
14 departamentos
Cabañas
2%
Guinea-Bissau
8 regiões
1 sector autónomo
Cacheu
2%
Philippines
16 rehiyong pampangasiwaan
1 awtonomong rehiyon
Cagayan Valley
2%
Turkey
81 il
Çanakkale
2%
Colombia
32 departamentos
1 capital
Caquetá
2%
Grenada
6 parishes
1 dependency
Carriacou and Petite Martinique
2%
Seychelles
26 districts
Cascade
2%
Burkina Faso
13 régions
Cascades
2%
South Sudan
10 states
3 areas
Central Equatoria
2%
Slovenia
212 občine
Cerknica
2%
Slovenia
212 občine
Cerkno
2%
Latvia
110 novadi
9 republikas pilsētas
Cēsis
2%
El Salvador
14 departamentos
Chalatenango
2%
Chad
23 régions
Chari-Baguirmi
2%
Saint Vincent and the Grenadines
6 parishes
Charlotte
2%
Botswana
10 rural districts
7 urban districts
Chobe
2%
Kyrgyzstan
7 oblasttar
2 šaarlar
Chuy
2%
Cuba
16 provincias
Ciego de Ávila
2%
Jamaica
14 parishes
Clarendon
2%
Luxembourg
12 cantons
Clervaux
2%
Vietnam
58 tỉnh
5 thành phố trực thuộc trung ương
Cần Thơ
2%
Suriname
10 districten
Commewijne
2%
Honduras
18 departamentos
Copán
2%
Suriname
10 districten
Coronie
2%
Honduras
18 departamentos
Cortés
2%
Romania
41 județe
1 capital
Covasna
2%
Hungary
19 megye
1 capital
Csongrád
2%
Angola
18 províncias
Cunene
2%
Guyana
10 regions
Cuyuni-Mazaruni
2%
Egypt
27 muhāfazāt
Dakahlia
2%
Montenegro
22 opštine
1 prijestonica
1 glavni grad
Danilovgrad
2%
Turkmenistan
5 welaýatlar
1 capital
Dashoguz
2%
North Macedonia
80 opštini
Demir Kapija
2%
Turkey
81 il
Denizli
2%
Saint Lucia
10 quartiers
Dennery
2%
Oman
11 muhāfazāt
Dhofar
2%
Niger
7 régions
1 Communauté urbaine
Diffa
2%
Djibouti
5 régions
1 city
Dikhil
2%
Slovenia
212 občine
Divača
2%
Niger
7 régions
1 Communauté urbaine
Dosso
2%
Slovenia
212 občine
Dravograd
2%
Dominican Republic
31 provincias
1 distrito nacional
Duarte
2%
Guyana
10 regions
East Berbice-Corentyne
2%
South Sudan
10 states
3 areas
Eastern Equatoria
2%
Guatemala
22 departamentos
El Progreso
2%
Algeria
58 wilayas
El Taref
2%
Papua New Guinea
20 provinces
1 autonomous region
1 capital
Enga
2%
Seychelles
26 districts
English River
2%
Namibia
14 regions
Erongo
2%
San Marino
9 castelli
Faetano
2%
Venezuela
23 estados
2 special status areas
Falcón
2%
Hungary
19 megye
1 capital
Fejér
2%
Kosovo
7 rajone
Ferizaj
2%
Ireland
26 counties
3 cities
2 cities and counties
Fingal
2%
Nepal
7 pradesh
Gandaki
2%
Iceland
72 sveitarfélög
Garðabær
2%
North Macedonia
80 opštini
Gazi Baba
2%
Somalia
18 gobolada
Gedo
2%
Armenia
10 marzer
1 autonomous city
Gegharkunik
2%
North Macedonia
80 opštini
Gevgelija
2%
Botswana
10 rural districts
7 urban districts
Ghanzi
2%
Egypt
27 muhāfazāt
Gharbia
2%
Kosovo
7 rajone
Gjilan
2%
Slovenia
212 občine
Gornja Radgona
2%
North Macedonia
80 opštini
Gostivar
2%
Seychelles
26 districts
Grand'Anse Praslin
2%
Luxembourg
12 cantons
Grevenmacher
2%
Costa Rica
7 provincias
Guanacaste
2%
Colombia
32 departamentos
1 capital
Guaviare
2%
Algeria
58 wilayas
Guelma
2%
Chad
23 régions
Guéra
2%
Yemen
21 muhāfazāt
1 city
Hadramaut
2%
Iceland
72 sveitarfélög
Hafnarfjörður
2%
Syria
14 muhāfazāt
Hasaka
2%
Dominican Republic
31 provincias
1 distrito nacional
Hato Mayor
2%
Central African Republic
16 préfectures
1 capital
Haute-Kotto
2%
Democratic Republic of the Congo
26 provinces
Haut-Uele
2%
Costa Rica
7 provincias
Heredia
2%
Somalia
18 gobolada
Hiran
2%
Mauritania
15 régions
Hodh El Gharbi
2%
Slovenia
212 občine
Hrastnik
2%
Slovenia
212 občine
Hrpelje-Kozina
2%
Peru
25 regiones
1 provincia
Huancavelica
2%
Peru
25 regiones
1 provincia
Huánuco
2%
Guatemala
22 departamentos
Huehuetenango
2%
Slovenia
212 občine
Idrija
2%
Slovenia
212 občine
Ilirska Bistrica
2%
Philippines
16 rehiyong pampangasiwaan
1 awtonomong rehiyon
Ilocos
2%
Dominican Republic
31 provincias
1 distrito nacional
Independencia
2%
Jordan
12 muhāfazāt
Irbid
2%
Azerbaijan
66 rayonlar
12 cities
Ismailli
2%
Guatemala
22 departamentos
Izabal
2%
Libya
22 sha'biyat
Jabal al Gharbi
2%
Guatemala
22 departamentos
Jalapa
2%
Hungary
19 megye
1 capital
Jász-Nagykun-Szolnok
2%
Saudi Arabia
13 manaţiq
Jawf
2%
Jordan
12 muhāfazāt
Jerash
2%
Algeria
58 wilayas
Jijel
2%
Nicaragua
15 departamentos
2 regiones autónomas
Jinotega
2%
Libya
22 sha'biyat
Jufra
2%
Nigeria
36 states
1 federal capital territory
Kaduna
2%
Georgia
9 mkhare
2 avt'onomiuri resp'ublik'a
1 city
Kakheti
2%
Slovenia
212 občine
Kamnik
2%
Thailand
76 changwat
1 capital
Kanchanaburi
2%
Chad
23 régions
Kanem
2%
Guinea
8 régions
Kankan
2%
Turkey
81 il
Karaman
2%
Nepal
7 pradesh
Karnali
2%
Nigeria
36 states
1 federal capital territory
Katsina
2%
Nigeria
36 states
1 federal capital territory
Kebbi
2%
Tunisia
24 wilaya'at
Kef
2%
Botswana
10 rural districts
7 urban districts
Kgalagadi
2%
Mongolia
21 aimags
1 khot
Khentii
2%
Thailand
76 changwat
1 capital
Khon Kaen
2%
Mongolia
21 aimags
1 khot
Khovd
2%
Mali
10 régions
1 capital
Kidal
2%
Turkey
81 il
Kilis
2%
North Macedonia
80 opštini
Kočani
2%
Slovenia
212 občine
Kočevje
2%
Nigeria
36 states
1 federal capital territory
Kogi
2%
North Macedonia
80 opštini
Konče
2%
Kazakhstan
14 oblys
4 qala
Kostanay
2%
North Macedonia
80 opštini
Kriva Palanka
2%
Libya
22 sha'biyat
Kufra
2%
Georgia
9 mkhare
2 avt'onomiuri resp'ublik'a
1 city
Kvemo Kartli
2%
Democratic Republic of the Congo
26 provinces
Kwango
2%
Dominican Republic
31 provincias
1 distrito nacional
La Altagracia
2%
Guinea
8 régions
Labé
2%
Colombia
32 departamentos
1 capital
La Guajira
2%
Kenya
47 kaunti
Laikipia
2%
Thailand
76 changwat
1 capital
Lampang
2%
Vietnam
58 tỉnh
5 thành phố trực thuộc trung ương
Lào Cai
2%
Monaco
10 quartiers
Larvotto / Bas Moulins
2%
Slovenia
212 občine
Laško
2%
Honduras
18 departamentos
Lempira
2%
Slovenia
212 občine
Lenart
2%
Slovenia
212 občine
Lendava
2%
Democratic Republic of the Congo
26 provinces
Lomami
2%
Democratic Republic of the Congo
26 provinces
Lualaba
2%
Nepal
7 pradesh
Lumbini
2%
Angola
18 províncias
Lunda Norte
2%
Angola
18 províncias
Malanje
2%
Central African Republic
16 préfectures
1 capital
Mambéré-Kadéï
2%
New Zealand
11 non-unitary regions
5 unitary authorities
2 states in free-association
1 self-administering territory
1 special territorial authority
2 outlying islands
Manawatu-Wanganui
2%
Turkey
81 il
Manisa
2%
Niger
7 régions
1 Communauté urbaine
Maradi
2%
Togo
5 régions
Maritime
2%
Libya
22 sha'biyat
Marj
2%
Zimbabwe
8 provinces
2 cities
Masvingo
2%
North Macedonia
80 opštini
Mavrovo and Rostuša
2%
Cuba
16 provincias
Mayabeque
2%
Kenya
47 kaunti
Meru
2%
Saint Lucia
10 quartiers
Micoud
2%
Venezuela
23 estados
2 special status areas
Miranda
2%
Slovenia
212 občine
Miren-Konstanjevica
2%
Benin
12 départements
Mono
2%
Dominican Republic
31 provincias
1 distrito nacional
Monte Cristi
2%
Dominican Republic
31 provincias
1 distrito nacional
Monte Plata
2%
Mali
10 régions
1 capital
Mopti
2%
Peru
25 regiones
1 provincia
Moquegua
2%
El Salvador
14 departamentos
Morazán
2%
Turkey
81 il
Muğla
2%
Libya
22 sha'biyat
Murqub
2%
Libya
22 sha'biyat
Murzuq
2%
Oman
11 muhāfazāt
Musandam
2%
Tanzania
31 mkoa
Mwanza
2%
Thailand
76 changwat
1 capital
Nakhon Ratchasima
2%
Libya
22 sha'biyat
Nalut
2%
Uzbekistan
12 viloyatlar
1 respublika
1 capital
Namangan
2%
Thailand
76 changwat
1 capital
Narathiwat
2%
Kenya
47 kaunti
Narok
2%
North Macedonia
80 opštini
Negotino
2%
Suriname
10 districten
Nickerie
2%
Montenegro
22 opštine
1 prijestonica
1 glavni grad
Nikšić
2%
Hungary
19 megye
1 capital
Nógrád
2%
Serbia
24 okruzi
1 grad
North Bačka
2%
Nicaragua
15 departamentos
2 regiones autónomas
North Carribean Coast
2%
Somalia
18 gobolada
Nugal
2%
Tuvalu
9 municipalities
Nui
2%
Honduras
18 departamentos
Olancho
2%
Ecuador
24 provincias
Orellana
2%
Slovenia
212 občine
Ormož
2%
Turkey
81 il
Osmaniye
2%
Nigeria
36 states
1 federal capital territory
Osun
2%
Ghana
16 regions
Oti
2%
Central African Republic
16 préfectures
1 capital
Ouham-Pendé
2%
Algeria
58 wilayas
Ouled Djellal
2%
Myanmar
7 daysamyarr
7 pyinaalmyarr
1 union territory
5 self-administered zones
1 self-administered division
Pa'O
2%
Peru
25 regiones
1 provincia
Pasco
2%
Uruguay
19 departamentos
Paysandú
2%
Dominican Republic
31 provincias
1 distrito nacional
Pedernales
2%
Tanzania
31 mkoa
Pemba North
2%
Tanzania
31 mkoa
Pemba South
2%
Taiwan
6 zhíxiáshì
13 xiàn
3 shì
Penghu
2%
Dominican Republic
31 provincias
1 distrito nacional
Peravia
2%
Guatemala
22 departamentos
Petén
2%
Thailand
76 changwat
1 capital
Phang Nga
2%
Ecuador
24 provincias
Pichincha
2%
Serbia
24 okruzi
1 grad
Pirot
2%
Republic of the Congo
12 departments | Togo
5 régions
Plateaux
2%
Seychelles
26 districts
Pointe La Rue
2%
Estonia
15 maakonnad
Põlva
2%
Venezuela
23 estados
2 special status areas
Portuguesa
2%
Guyana
10 regions
Potaro-Siparuni
2%
Slovenia
212 občine
Ptuj
2%
Costa Rica
7 provincias
Puntarenas
2%
Guatemala
22 departamentos
Quiché
2%
Syria
14 muhāfazāt
Quneitra
2%
Vietnam
58 tỉnh
5 thành phố trực thuộc trung ương
Quảng Nam
2%
Vietnam
58 tỉnh
5 thành phố trực thuộc trung ương
Quảng Ninh
2%
Vietnam
58 tỉnh
5 thành phố trực thuộc trung ương
Quảng Trị
2%
Maldives
17 atolls
4 cities
Raa
2%
Estonia
15 maakonnad
Rapla
2%
Thailand
76 changwat
1 capital
Ratchaburi
2%
Algeria
58 wilayas
Relizane
2%
Colombia
32 departamentos
1 capital
Risaralda
2%
Uruguay
19 departamentos
Rivera
2%
Liberia
15 counties
River Gee
2%
Myanmar
7 daysamyarr
7 pyinaalmyarr
1 union territory
5 self-administered zones
1 self-administered division
Sagaing
2%
Dominican Republic
31 provincias
1 distrito nacional
Samaná
2%
Georgia
9 mkhare
2 avt'onomiuri resp'ublik'a
1 city
Samegrelo-Zemo Svaneti
2%
Dominican Republic
31 provincias
1 distrito nacional
Sánchez Ramírez
2%
Turkey
81 il
Şanlıurfa
2%
Ecuador
24 provincias
Santa Elena
2%
Cape Verde
22 concelhos
São Domingos
2%
Cape Verde
22 concelhos
São Filipe
2%
Cape Verde
22 concelhos
São Salvador do Mundo
2%
Cape Verde
22 concelhos
São Vicente
2%
Suriname
10 districten
Saramacca
2%
Laos
17 khoueng
1 nakhon louang
Savannakhét
2%
Liechtenstein
11 Gemeinden
Schellenberg
2%
Maldives
17 atolls
4 cities
Seenu / Addu
2%
San Marino
9 castelli
Serravalle
2%
Armenia
10 marzer
1 autonomous city
Shirak
2%
Latvia
110 novadi
9 republikas pilsētas
Sigulda
2%
Mali
10 régions
1 capital
Sikasso
2%
Chad
23 régions
Sila
2%
Slovenia
212 občine
Šmartno ob Paki
2%
Slovenia
212 občine
Šmartno pri Litiji
2%
Hungary
19 megye
1 capital
Somogy
2%
Thailand
76 changwat
1 capital
Songkhla
2%
El Salvador
14 departamentos
Sonsonate
2%
Serbia
24 okruzi
1 grad
South Bačka
2%
Czechia
13 krajů
1 capital
South Moravian
2%
Philippines
16 rehiyong pampangasiwaan
1 awtonomong rehiyon
Southwestern Tagalog / Mimaropa
2%
Serbia
24 okruzi
1 grad
Srem
2%
Romania
41 județe
1 capital
Suceava
2%
Nepal
7 pradesh
Sudurpashchim
2%
Azerbaijan
66 rayonlar
12 cities
Sumqayit
2%
Thailand
76 changwat
1 capital
Surat Thani
2%
Saudi Arabia
13 manaţiq
Tabuk
2%
Niger
7 régions
1 Communauté urbaine
Tahoua
2%
Yemen
21 muhāfazāt
1 city
Taiz
2%
Nigeria
36 states
1 federal capital territory
Taraba
2%
Moldova
32 raioane
3 municipiu
1 unitate teritorială autonomă
1 unitatea teritorială
Taraclia
2%
Chile
16 regiones
Tarapacá
2%
Azerbaijan
66 rayonlar
12 cities
Tartar
2%
Turkey
81 il
Tekirdağ
2%
Niger
7 régions
1 Communauté urbaine
Tillabéri
2%
Algeria
58 wilayas
Tipaza
2%
Algeria
58 wilayas
Tissemsilt
2%
Montenegro
22 opštine
1 prijestonica
1 glavni grad
Tivat
2%
Somalia
18 gobolada
Togdheer
2%
Colombia
32 departamentos
1 capital
Tolima
2%
Hungary
19 megye
1 capital
Tolna
2%
Jamaica
14 parishes
Trelawny
2%
Liechtenstein
11 Gemeinden
Triesenberg
2%
Ecuador
24 provincias
Tungurahua
2%
Kenya
47 kaunti
Turkana
2%
Montenegro
22 opštine
1 prijestonica
1 glavni grad
Ulcinj
2%
Moldova
32 raioane
3 municipiu
1 unitate teritorială autonomă
1 unitatea teritorială
Ungheni
2%
Guyana
10 regions
Upper Takutu-Upper Essequibo
2%
Sri Lanka
9 provinces
Uva
2%
Latvia
110 novadi
9 republikas pilsētas
Valka
2%
Latvia
110 novadi
9 republikas pilsētas
Valmiera
2%
Dominican Republic
31 provincias
1 distrito nacional
Valverde
2%
Slovenia
212 občine
Velenje
2%
Panama
10 provincias
4 comarcas indígenas
Veraguas
2%
Hungary
19 megye
1 capital
Veszprém
2%
Luxembourg
12 cantons
Vianden
2%
Cuba
16 provincias
Villa Clara
2%
Portugal
18 distritos
2 regiões autónomas
Viseu
2%
South Sudan
10 states
3 areas
Western Equatoria
2%
Jamaica
14 parishes
Westmoreland
2%
Nigeria
36 states
1 federal capital territory
Yobe
2%
Honduras
18 departamentos
Yoro
2%
Slovenia
212 občine
Zagorje ob Savi
2%
Nigeria
36 states
1 federal capital territory
Zamfara
2%
Ecuador
24 provincias
Zamora-Chinchipe
2%
Tanzania
31 mkoa
Zanzibar Urban West
2%
Serbia
24 okruzi
1 grad
Zlatibor
2%
Benin
12 départements
Zou
2%
Nigeria
36 states
1 federal capital territory
Abia
1%
South Sudan
10 states
3 areas
Abyei
1%
Latvia
110 novadi
9 republikas pilsētas
Ādaži
1%
Turkey
81 il
Adıyaman
1%
Turkey
81 il
Afyonkarahisar
1%
Azerbaijan
66 rayonlar
12 cities
Agdam
1%
East Timor
12 municipalities
1 special administrative region
Aileu
1%
Nauru
14 districts
Aiwo
1%
Latvia
110 novadi
9 republikas pilsētas
Aizkraukle
1%
Latvia
110 novadi
9 republikas pilsētas
Aknīste
1%
Turkey
81 il
Aksaray
1%
Kuwait
6 muhāfazāt
Al Asimah
1%
Latvia
110 novadi
9 republikas pilsētas
Aloja
1%
Iraq
19 muhāfazāt
Al-Qādisiyyah
1%
Latvia
110 novadi
9 republikas pilsētas
Alūksne
1%
Oman
11 muhāfazāt
Al Wusta
1%
Paraguay
17 departamentos
1 capital
Amambay
1%
Thailand
76 changwat
1 capital
Amnat Charoen
1%
Uganda
135 districts
1 capital
Amuria
1%
Uganda
135 districts
1 capital
Amuru
1%
Nauru
14 districts
Anabar
1%
Nigeria
36 states
1 federal capital territory
Anambra
1%
Montenegro
22 opštine
1 prijestonica
1 glavni grad
Andrijevica
1%
Moldova
32 raioane
3 municipiu
1 unitate teritorială autonomă
1 unitatea teritorială
Anenii Noi
1%
Nauru
14 districts
Anetan
1%
Thailand
76 changwat
1 capital
Ang Thong
1%
Slovenia
212 občine
Ankaran
1%
Equatorial Guinea
8 provincias
Annobón
1%
Madagascar
22 faritra
Anosy
1%
Seychelles
26 districts
Anse Royale
1%
Uganda
135 districts
1 capital
Apac
1%
Slovenia
212 občine
Apače
1%
Venezuela
23 estados
2 special status areas
Apure
1%
North Macedonia
80 opštini
Aračinovo
1%
Tunisia
24 wilaya'at
Ariana
1%
Mauritania
15 régions
Assaba
1%
Myanmar
7 daysamyarr
7 pyinaalmyarr
1 union territory
5 self-administered zones
1 self-administered division
Ayeyarwady
1%
Latvia
110 novadi
9 republikas pilsētas
Babīte
1%
Guinea-Bissau
8 regiões
1 sector autónomo
Bafatá
1%
Myanmar
7 daysamyarr
7 pyinaalmyarr
1 union territory
5 self-administered zones
1 self-administered division
Bago
1%
Nauru
14 districts
Baiti
1%
Turkey
81 il
Balıkesir
1%
Liechtenstein
11 Gemeinden
Balzers
1%
Central African Republic
16 préfectures
1 capital
Bamingui-Bangoran
1%
Dominican Republic
31 provincias
1 distrito nacional
Baoruco
1%
Dominican Republic
31 provincias
1 distrito nacional
Barahona
1%
Vietnam
58 tỉnh
5 thành phố trực thuộc trung ương
Bà Rịa–Vũng Tàu
1%
Venezuela
23 estados
2 special status areas
Barinas
1%
Kenya
47 kaunti
Baringo
1%
Moldova
32 raioane
3 municipiu
1 unitate teritorială autonomă
1 unitatea teritorială
Basarabeasca
1%
Nigeria
36 states
1 federal capital territory
Bauchi
1%
Latvia
110 novadi
9 republikas pilsētas
Bauska
1%
Nigeria
36 states
1 federal capital territory
Bayelsa
1%
Vietnam
58 tỉnh
5 thành phố trực thuộc trung ương
Bắc Ninh
1%
Seychelles
26 districts
Beau Vallon
1%
Seychelles
26 districts
Bel Air
1%
Seychelles
26 districts
Bel Ombre
1%
Slovenia
212 občine
Benedikt
1%
Morocco
12 regions
Béni Mellal-Khénifra
1%
North Macedonia
80 opštini
Berovo
1%
Turkey
81 il
Bingöl
1%
Vietnam
58 tỉnh
5 thành phố trực thuộc trung ương
Bình Định
1%
Guinea-Bissau
8 regiões
1 sector autónomo
Biombo
1%
East Timor
12 municipalities
1 special administrative region
Bobonaro
1%
Panama
10 provincias
4 comarcas indígenas
Bocas del Toro
1%
North Macedonia
80 opštini
Bogdanci
1%
North Macedonia
80 opštini
Bogovinje
1%
Guinea
8 régions
Boké
1%
Kenya
47 kaunti
Bomet
1%
Liberia
15 counties
Bomi
1%
Liberia
15 counties
Bong
1%
San Marino
9 castelli
Borgo Maggiore
1%
Slovenia
212 občine
Borovnica
1%
North Macedonia
80 opštini
Bosilovo
1%
Burkina Faso
13 régions
Boucle du Mouhoun
1%
Slovenia
212 občine
Bovec
1%
Serbia
24 okruzi
1 grad
Braničevo
1%
Slovenia
212 občine
Brežice
1%
Slovenia
212 občine
Brezovica
1%
Moldova
32 raioane
3 municipiu
1 unitate teritorială autonomă
1 unitatea teritorială
Briceni
1%
North Macedonia
80 opštini
Brvenica
1%
Nauru
14 districts
Buada
1%
Montenegro
22 opštine
1 prijestonica
1 glavni grad
Budva
1%
Thailand
76 changwat
1 capital
Bueng Kan
1%
Bhutan
20 dzongkhag
Bumthang
1%
Turkey
81 il
Burdur
1%
Thailand
76 changwat
1 capital
Buriram
1%
Kenya
47 kaunti | Uganda
135 districts
1 capital
Busia
1%
North Macedonia
80 opštini
Butel
1%
Lesotho
10 districts
Butha-Buthe
1%
Libya
22 sha'biyat
Butnan
1%
Paraguay
17 departamentos
1 capital
Caazapá
1%
Moldova
32 raioane
3 municipiu
1 unitate teritorială autonomă
1 unitatea teritorială
Cahul
1%
Vietnam
58 tỉnh
5 thành phố trực thuộc trung ương
Cà Mau
1%
Uruguay
19 departamentos
Canelones
1%
Paraguay
17 departamentos
1 capital
Canindeyú
1%
Slovenia
212 občine
Cankova
1%
Moldova
32 raioane
3 municipiu
1 unitate teritorială autonomă
1 unitatea teritorială
Cantemir
1%
Luxembourg
12 cantons
Capellen
1%
Philippines
16 rehiyong pampangasiwaan
1 awtonomong rehiyon
Caraga
1%
Nicaragua
15 departamentos
2 regiones autónomas
Carazo
1%
Ecuador
24 provincias
Carchi
1%
North Macedonia
80 opštini
Čaška
1%
Moldova
32 raioane
3 municipiu
1 unitate teritorială autonomă
1 unitatea teritorială
Căușeni
1%
Slovenia
212 občine
Cerklje na Gerenjskem
1%
North Macedonia
80 opštini
Češinovo-Obleševo
1%
Thailand
76 changwat
1 capital
Chachoengsao
1%
Trinidad and Tobago
9 regions
1 island
3 boroughs
2 cities
Chaguanas
1%
Thailand
76 changwat
1 capital
Chai Nat
1%
Thailand
76 changwat
1 capital
Chaiyaphum
1%
Laos
17 khoueng
1 nakhon louang
Champasak
1%
Thailand
76 changwat
1 capital
Chanthaburi
1%
San Marino
9 castelli
Chiesanuova
1%
Guatemala
22 departamentos
Chimaltenango
1%
Nicaragua
15 departamentos
2 regiones autónomas
Chinandega
1%
Guatemala
22 departamentos
Chiquimula
1%
Panama
10 provincias
4 comarcas indígenas
Chiriquí
1%
Nicaragua
15 departamentos
2 regiones autónomas
Chontales
1%
Panama
10 provincias
4 comarcas indígenas
Coclé
1%
Benin
12 départements
Collines
1%
Honduras
18 departamentos
Comayagua
1%
Côte d'Ivoire
12 districts
2 districts autonomes
Comoé
1%
Chile
16 regiones
Coquimbo
1%
Slovenia
212 občine
Črenšovci
1%
Moldova
32 raioane
3 municipiu
1 unitate teritorială autonomă
1 unitatea teritorială
Criuleni
1%
Angola
18 províncias
Cuanza Norte
1%
Angola
18 províncias
Cuanza Sul
1%
North Macedonia
80 opštini
Čučer-Sandevo
1%
El Salvador
14 departamentos
Cuscatlán
1%
Dominican Republic
31 provincias
1 distrito nacional
Dajabón
1%
North Macedonia
80 opštini
Debarca
1%
North Macedonia
80 opštini
Delčevo
1%
North Macedonia
80 opštini
Demir Hisar
1%
Nauru
14 districts
Denigomodu
1%
Slovenia
212 občine
Destrnik
1%
Iraq
19 muhāfazāt
Dhi Qar
1%
Madagascar
22 faritra
Diana
1%
Trinidad and Tobago
9 regions
1 island
3 boroughs
2 cities
Diego Martin
1%
Tajikistan
3 viloyatho
1 viloyat mukhtor
1 capital
Districts of Republican Subordination
1%
Vietnam
58 tỉnh
5 thành phố trực thuộc trung ương
Đắk Lắk
1%
Latvia
110 novadi
9 republikas pilsētas
Dobele
1%
Slovenia
212 občine
Dobrovapolhov Gradec
1%
Slovenia
212 občine
Dobrovnik
1%
North Macedonia
80 opštini
Dojran
1%
North Macedonia
80 opštini
Dolneni
1%
San Marino
9 castelli
Domagnano
1%
Slovenia
212 občine
Domžale
1%
Moldova
32 raioane
3 municipiu
1 unitate teritorială autonomă
1 unitatea teritorială
Dondușeni
1%
Benin
12 départements
Donga
1%
Slovenia
212 občine
Dornava
1%
Morocco
12 regions
Drâa-Tafilalet
1%
Moldova
32 raioane
3 municipiu
1 unitate teritorială autonomă
1 unitatea teritorială
Drochia
1%
Moldova
32 raioane
3 municipiu
1 unitate teritorială autonomă
1 unitatea teritorială
Dubăsari
1%
Slovenia
212 občine
Duplek
1%
Uruguay
19 departamentos
Durazno
1%
Chad
23 régions
Eastern Logone
1%
Papua New Guinea
20 provinces
1 autonomous region
1 capital
East Sepik
1%
Marshall Islands
24 municipalities
Ebon
1%
Nigeria
36 states
1 federal capital territory
Ebonyi
1%
Luxembourg
12 cantons
Echternach
1%
Moldova
32 raioane
3 municipiu
1 unitate teritorială autonomă
1 unitatea teritorială
Edineț
1%
Kenya
47 kaunti
Elgeyo-Marakwet
1%
Dominican Republic
31 provincias
1 distrito nacional
Elías Piña
1%
Dominican Republic
31 provincias
1 distrito nacional
El Seibo
1%
Panama
10 provincias
4 comarcas indígenas
Emberá
1%
Kenya
47 kaunti
Embu
1%
Chad
23 régions
Ennedi-East
1%
Chad
23 régions
Ennedi-West
1%
Democratic Republic of the Congo
26 provinces
Équateur
1%
Turkey
81 il
Erzincan
1%
Guatemala
22 departamentos
Escuintla
1%
Turkey
81 il
Eskişehir
1%
Dominican Republic
31 provincias
1 distrito nacional
Espaillat
1%
Nicaragua
15 departamentos
2 regiones autónomas
Estelí
1%
Nauru
14 districts
Ewa
1%
Moldova
32 raioane
3 municipiu
1 unitate teritorială autonomă
1 unitatea teritorială
Fălești
1%
Guinea
8 régions
Faranah
1%
Venezuela
23 estados
2 special status areas
Federal Dependencies
1%
Moldova
32 raioane
3 municipiu
1 unitate teritorială autonomă
1 unitatea teritorială
Florești
1%
Monaco
10 quartiers
Fontvieille
1%
Guinea-Bissau
8 regiões
1 sector autónomo
Gabu
1%
Somalia
18 gobolada
Galguduud
1%
Kenya
47 kaunti
Garissa
1%
North Macedonia
80 opštini
Gjorče Petrov
1%
Seychelles
26 districts
Glacis
1%
Côte d'Ivoire
12 districts
2 districts autonomes
Gôh-Djiboua
1%
Nigeria
36 states
1 federal capital territory
Gombe
1%
Slovenia
212 občine
Gorenja Vas-Poljane
1%
Mauritania
15 régions
Gorgol
1%
Slovenia
212 občine
Gorišnica
1%
Slovenia
212 občine
Gorje
1%
Slovenia
212 občine
Gornji Grad
1%
Slovenia
212 občine
Gornji Petrovci
1%
North Macedonia
80 opštini
Gradsko
1%
Latvia
110 novadi
9 republikas pilsētas
Grobina
1%
Saint Lucia
10 quartiers
Gros Islet
1%
Slovenia
212 občine
Grosuplje
1%
Paraguay
17 departamentos
1 capital
Guairá
1%
Ecuador
24 provincias
Guayas
1%
Morocco
12 regions
Guelmim-Oued Noun
1%
Latvia
110 novadi
9 republikas pilsētas
Gulbene
1%
Papua New Guinea
20 provinces
1 autonomous region
1 capital
Gulf
1%
Georgia
9 mkhare
2 avt'onomiuri resp'ublik'a
1 city
Guria
1%
Tonga
5 provinces
Ha'apai
1%
Chad
23 régions
Hadjer-Lamis
1%
Vietnam
58 tỉnh
5 thành phố trực thuộc trung ương
Hà Giang
1%
Yemen
21 muhāfazāt
1 city
Hajjah
1%
Iraq
19 muhāfazāt
Halabja
1%
Namibia
14 regions
Hardap
1%
Democratic Republic of the Congo
26 provinces
Haut-Katanga
1%
Democratic Republic of the Congo
26 provinces
Haut-Lomami
1%
Central African Republic
16 préfectures
1 capital
Haut-Mbomou
1%
Burkina Faso
13 régions
Hauts-Bassins
1%
Papua New Guinea
20 provinces
1 autonomous region
1 capital
Hela
1%
Dominican Republic
31 provincias
1 distrito nacional
Hermanas Mirabal
1%
Moldova
32 raioane
3 municipiu
1 unitate teritorială autonomă
1 unitatea teritorială
Hîncești
1%
Kenya
47 kaunti
Homa Bay
1%
Moldova
32 raioane
3 municipiu
1 unitate teritorială autonomă
1 unitatea teritorială
Ialoveni
1%
Turkey
81 il
Iğdır
1%
Nauru
14 districts
Ijuw
1%
North Macedonia
80 opštini
Ilinden
1%
Ecuador
24 provincias
Imbabura
1%
Mauritania
15 régions
Inchiri
1%
Honduras
18 departamentos
Intibucá
1%
Kenya
47 kaunti
Isiolo
1%
Spain
17 comunidades autónomas
2 ciudades autónomas
3 plazas menores de soberanía
Islas Alhucemas
1%
Egypt
27 muhāfazāt
Ismailia
1%
Paraguay
17 departamentos
1 capital
Itapúa
1%
Democratic Republic of the Congo
26 provinces
Ituri
1%
Azerbaijan
66 rayonlar
12 cities
Jabrayil
1%
Libya
22 sha'biyat
Jafara
1%
Azerbaijan
66 rayonlar
12 cities
Jalilabad
1%
North Macedonia
80 opštini
Jegunovce
1%
Nigeria
36 states
1 federal capital territory
Jigawa
1%
Saudi Arabia
13 manaţiq
Jizan
1%
South Sudan
10 states
3 areas
Jonglei
1%
Slovenia
212 občine
Juršinci
1%
Kenya
47 kaunti
Kajiado
1%
Kenya
47 kaunti
Kakamega
1%
Thailand
76 changwat
1 capital
Kalasin
1%
Azerbaijan
66 rayonlar
12 cities
Kalbajar
1%
Thailand
76 changwat
1 capital
Kamphaeng Phet
1%
Senegal
14 régions
Kaolack
1%
Namibia
14 regions
ǁKaras / !Karas
1%
North Macedonia
80 opštini
Karbinci
1%
North Macedonia
80 opštini
Karpoš
1%
Democratic Republic of the Congo
26 provinces
Kasaï
1%
Democratic Republic of the Congo
26 provinces
Kasaï-Central
1%
Democratic Republic of the Congo
26 provinces
Kasaï-Oriental
1%
Sudan
18 wilaya'at
Kassala
1%
Turkey
81 il
Kastamonu
1%
North Macedonia
80 opštini
Kavadarci
1%
Namibia
14 regions
Kavango East
1%
Namibia
14 regions
Kavango West
1%
Myanmar
7 daysamyarr
7 pyinaalmyarr
1 union territory
5 self-administered zones
1 self-administered division
Kayah
1%
Latvia
110 novadi
9 republikas pilsētas
Ķegums
1%
Central African Republic
16 préfectures
1 capital
Kémo
1%
Kenya
47 kaunti
Kericho
1%
New Zealand
11 non-unitary regions
5 unitary authorities
2 states in free-association
1 self-administering territory
1 special territorial authority
2 outlying islands
Kermadec Islands
1%
Botswana
10 rural districts
7 urban districts
Kgatleng
1%
Azerbaijan
66 rayonlar
12 cities
Khankendi
1%
Tajikistan
3 viloyatho
1 viloyat mukhtor
1 capital
Khatlon
1%
Mongolia
21 aimags
1 khot
Khövsgöl
1%
Kenya
47 kaunti
Kiambu
1%
North Macedonia
80 opštini
Kičevo
1%
Slovenia
212 občine
Kidričevo
1%
Vietnam
58 tỉnh
5 thành phố trực thuộc trung ương
Kiên Giang
1%
Tanzania
31 mkoa
Kigoma
1%
Kenya
47 kaunti
Kilifi
1%
Guinea
8 régions
Kindia
1%
Turkey
81 il
Kırıkkale
1%
Kenya
47 kaunti
Kirinyaga
1%
North Macedonia
80 opštini
Kisela Voda
1%
Kenya
47 kaunti
Kisii
1%
Kenya
47 kaunti
Kisumu
1%
Kenya
47 kaunti
Kitui
1%
Slovenia
212 občine
Kobarid
1%
Slovenia
212 občine
Kobilje
1%
Myanmar
7 daysamyarr
7 pyinaalmyarr
1 union territory
5 self-administered zones
1 self-administered division
Kokang
1%
Serbia
24 okruzi
1 grad
Kolubara
1%
Slovenia
212 občine
Komen
1%
Democratic Republic of the Congo
26 provinces
Kongo Central
1%
Armenia
10 marzer
1 autonomous city
Kotayk
1%
Mali
10 régions
1 capital
Koulikoro
1%
Slovenia
212 občine
Kozje
1%
Slovenia
212 občine
Kranjska Gora
1%
North Macedonia
80 opštini
Kratovo
1%
North Macedonia
80 opštini
Krivogaštani
1%
Slovenia
212 občine
Križevci
1%
Slovenia
212 občine
Krško
1%
North Macedonia
80 opštini
Kruševo
1%
Latvia
110 novadi
9 republikas pilsētas
Kuldīga
1%
North Macedonia
80 opštini
Kumanovo
1%
Namibia
14 regions
Kunene
1%
Slovenia
212 občine
Kungota
1%
Turkey
81 il
Kütahya
1%
Slovenia
212 občine
Kuzma
1%
Marshall Islands
24 municipalities
Kwajalein
1%
Kenya
47 kaunti
Kwale
1%
Botswana
10 rural districts
7 urban districts
Kweneng
1%
Democratic Republic of the Congo
26 provinces
Kwilu
1%
Maldives
17 atolls
4 cities
Laamu
1%
Saint Lucia
10 quartiers
Laborie
1%
Côte d'Ivoire
12 districts
2 districts autonomes
Lacs
1%
Côte d'Ivoire
12 districts
2 districts autonomes
Lagunes
1%
Yemen
21 muhāfazāt
1 city
Lahij
1%
Thailand
76 changwat
1 capital
Lamphun
1%
Kenya
47 kaunti
Lamu
1%
Venezuela
23 estados
2 special status areas
Lara
1%
Monaco
10 quartiers
La Rousse/ Saint Roman
1%
Moldova
32 raioane
3 municipiu
1 unitate teritorială autonomă
1 unitatea teritorială
Leova
1%
Monaco
10 quartiers
Les Révoires
1%
Taiwan
6 zhíxiáshì
13 xiàn
3 shì
Lienchiang
1%
Tanzania
31 mkoa
Lindi
1%
North Macedonia
80 opštini
Lipkovo
1%
Slovenia
212 občine
Litija
1%
Latvia
110 novadi
9 republikas pilsētas
Līvāni
1%
Slovenia
212 občine
Ljubno
1%
Slovenia
212 občine
Ljutomer
1%
Central African Republic
16 préfectures
1 capital
Lobaye
1%
Slovenia
212 občine
Logatec
1%
Ecuador
24 provincias
Loja
1%
Vietnam
58 tỉnh
5 thành phố trực thuộc trung ương
Long An
1%
Thailand
76 changwat
1 capital
Lopburi
1%
North Macedonia
80 opštini
Lozovo
1%
Zambia
10 provinces
Luapula
1%
Eswatini
4 tifundza
Lubombo
1%
Angola
18 províncias
Lunda Sul
1%
Kenya
47 kaunti
Machakos
1%
Serbia
24 okruzi
1 grad
Mačva
1%
Latvia
110 novadi
9 republikas pilsētas
Madona
1%
Nicaragua
15 departamentos
2 regiones autónomas
Madriz
1%
Myanmar
7 daysamyarr
7 pyinaalmyarr
1 union territory
5 self-administered zones
1 self-administered division
Magway
1%
Thailand
76 changwat
1 capital
Maha Sarakham
1%
Cape Verde
22 concelhos
Maio
1%
North Macedonia
80 opštini
Makedonska Kamenica
1%
Kenya
47 kaunti
Makueni
1%
Vanuatu
6 provinces
Malampa
1%
Turkey
81 il
Malatya
1%
Guinea
8 régions
Mamou
1%
Ecuador
24 provincias
Manabí
1%
Kenya
47 kaunti
Mandera
1%
Chad
23 régions
Mandoul
1%
Tanzania
31 mkoa
Manyara
1%
Eswatini
4 tifundza
Manzini
1%
Turkey
81 il
Mardin
1%
Lithuania
10 apskritys
Marijampolė
1%
Suriname
10 districten
Marowijne
1%
Kenya
47 kaunti
Marsabit
1%
Nicaragua
15 departamentos
2 regiones autónomas
Matagalpa
1%
Senegal
14 régions
Matam
1%
Chad
23 régions
Mayo-Kebbi East
1%
Chad
23 régions
Mayo-Kebbi West
1%
Iraq
19 muhāfazāt
Maysan
1%
Uganda
135 districts
1 capital
Mbale
1%
Tanzania
31 mkoa
Mbeya
1%
Central African Republic
16 préfectures
1 capital
Mbomou
1%
Slovenia
212 občine
Medvode
1%
Mali
10 régions
1 capital
Ménaka
1%
Nauru
14 districts
Meneng
1%
Luxembourg
12 cantons
Mersch
1%
Kenya
47 kaunti
Migori
1%
Azerbaijan
66 rayonlar
12 cities
Mingachevir
1%
North Macedonia
80 opštini
Mogila
1%
Monaco
10 quartiers
Moneghetti / Boulevard de Belgique
1%
Democratic Republic of the Congo
26 provinces
Mongala
1%
Dominican Republic
31 provincias
1 distrito nacional
Monseñor Nouel
1%
Côte d'Ivoire
12 districts
2 districts autonomes
Montagnes
1%
Seychelles
26 districts
Mont Buxton
1%
San Marino
9 castelli
Montegiardino
1%
Seychelles
26 districts
Mont Fleuri
1%
Egypt
27 muhāfazāt
Monufia
1%
Serbia
24 okruzi
1 grad
Moravica
1%
Tanzania
31 mkoa
Morogoro
1%
Iceland
72 sveitarfélög
Mosfellsbær
1%
Cape Verde
22 concelhos
Mosteiros
1%
Georgia
9 mkhare
2 avt'onomiuri resp'ublik'a
1 city
Mtskheta-Mtianeti
1%
Zambia
10 provinces
Muchinga
1%
Somalia
18 gobolada
Mudug
1%
Thailand
76 changwat
1 capital
Mukdahan
1%
Kenya
47 kaunti
Murang'a
1%
Slovenia
212 občine
Murska Sobota
1%
Iraq
19 muhāfazāt
Muthanna
1%
Saudi Arabia
13 manaţiq
Najran
1%
Thailand
76 changwat
1 capital
Nakhon Nayok
1%
Thailand
76 changwat
1 capital
Nakhon Phanom
1%
Thailand
76 changwat
1 capital
Nakhon Sawan
1%
Thailand
76 changwat
1 capital
Nakhon Si Thammarat
1%
North Korea
9 do
1 chikhalsi
2 t'ŭkpyŏlsi
1 t'ŭkkŭpsi
Nampo
1%
Kenya
47 kaunti
Nandi
1%
Nigeria
36 states
1 federal capital territory
Nasarawa
1%
Paraguay
17 departamentos
1 capital
Ñeembucú
1%
Azerbaijan
66 rayonlar
12 cities
Neftchala
1%
Turkey
81 il
Nevşehir
1%
Panama
10 provincias
4 comarcas indígenas
Ngäbe-Buglé
1%
Nauru
14 districts
Nibok
1%
Serbia
24 okruzi
1 grad
Nišava
1%
Moldova
32 raioane
3 municipiu
1 unitate teritorială autonomă
1 unitatea teritorială
Nisporeni
1%
Thailand
76 changwat
1 capital
Nong Bua Lam Phu
1%
Thailand
76 changwat
1 capital
Nonthaburi
1%
South Sudan
10 states
3 areas
Northern Bahr el Ghazal
1%
Philippines
16 rehiyong pampangasiwaan
1 awtonomong rehiyon
Northern Mindanao
1%
South Korea
8 do
6 gwangyeoksi
1 teukbyeol jachido
1 teukbyeol jachisi
1 teukbyeolsi
North Gyeongsang
1%
North Korea
9 do
1 chikhalsi
2 t'ŭkpyŏlsi
1 t'ŭkkŭpsi
North Hwanghae
1%
Sudan
18 wilaya'at
North Kordofan
1%
North Korea
9 do
1 chikhalsi
2 t'ŭkpyŏlsi
1 t'ŭkkŭpsi
North Pyongan
1%
Democratic Republic of the Congo
26 provinces
North Ubangi
1%
North Macedonia
80 opštini
Novaci
1%
North Macedonia
80 opštini
Novo Selo
1%
Nicaragua
15 departamentos
2 regiones autónomas
Nueva Segovia
1%
Libya
22 sha'biyat
Nuqat al Khams
1%
Kenya
47 kaunti
Nyamira
1%
Kenya
47 kaunti
Nyandarua
1%
Kenya
47 kaunti
Nyeri
1%
Guinea
8 régions
Nzérékoré
1%
Moldova
32 raioane
3 municipiu
1 unitate teritorială autonomă
1 unitatea teritorială
Ocnița
1%
Honduras
18 departamentos
Ocotepeque
1%
East Timor
12 municipalities
1 special administrative region
Oecusse
1%
Nigeria
36 states
1 federal capital territory
Ogun
1%
Guinea-Bissau
8 regiões
1 sector autónomo
Oio
1%
Turkey
81 il
Ordu
1%
Moldova
32 raioane
3 municipiu
1 unitate teritorială autonomă
1 unitatea teritorială
Orhei
1%
Chad
23 régions
Ouaddaï
1%
Central African Republic
16 préfectures
1 capital
Ouaka
1%
Central African Republic
16 préfectures
1 capital
Ouham
1%
Uganda
135 districts
1 capital
Oyam
1%
Myanmar
7 daysamyarr
7 pyinaalmyarr
1 union territory
5 self-administered zones
1 self-administered division
Pa Laung
1%
Paraguay
17 departamentos
1 capital
Paraguarí
1%
Ecuador
24 provincias
Pastaza
1%
Thailand
76 changwat
1 capital
Pathum Thani
1%
Thailand
76 changwat
1 capital
Pattani
1%
Cape Verde
22 concelhos
Paul
1%
North Macedonia
80 opštini
Pehčevo
1%
Palau
16 states
Peleliu
1%
Trinidad and Tobago
9 regions
1 island
3 boroughs
2 cities
Penal-Debe
1%
Vanuatu
6 provinces
Penama
1%
Slovenia
212 občine
Pesnica
1%
Montenegro
22 opštine
1 prijestonica
1 glavni grad
Petnjica
1%
North Macedonia
80 opštini
Petrovec
1%
Thailand
76 changwat
1 capital
Phatthalung
1%
Thailand
76 changwat
1 capital
Phayao
1%
Thailand
76 changwat
1 capital
Phetchabun
1%
Thailand
76 changwat
1 capital
Phetchaburi
1%
Thailand
76 changwat
1 capital
Phichit
1%
Thailand
76 changwat
1 capital
Phitsanulok
1%
Thailand
76 changwat
1 capital
Phrae
1%
South Sudan
10 states
3 areas
Pibor
1%
Slovenia
212 občine
Pivka
1%
Liechtenstein
11 Gemeinden
Planken
1%
North Macedonia
80 opštini
Plasnica
1%
Montenegro
22 opštine
1 prijestonica
1 glavni grad
Plav
1%
Serbia
24 okruzi
1 grad
Podunavlje
1%
Trinidad and Tobago
9 regions
1 island
3 boroughs
2 cities
Point Fortin
1%
Jamaica
14 parishes
Portland
1%
Slovenia
212 občine
Postojna
1%
Thailand
76 changwat
1 capital
Prachinburi
1%
Latvia
110 novadi
9 republikas pilsētas
Preiļi
1%
Slovenia
212 občine
Prevalje
1%
Trinidad and Tobago
9 regions
1 island
3 boroughs
2 cities
Princes Town
1%
North Macedonia
80 opštini
Probištip
1%
Bhutan
20 dzongkhag
Punakha
1%
Saudi Arabia
13 manaţiq
Qassim
1%
Azerbaijan
66 rayonlar
12 cities
Quba
1%
Guinea-Bissau
8 regiões
1 sector autónomo
Quinara
1%
Vietnam
58 tỉnh
5 thành phố trực thuộc trung ương
Quảng Bình
1%
Slovenia
212 občine
Radeče
1%
Slovenia
212 občine
Radenci
1%
North Macedonia
80 opštini
Radoviš
1%
Slovenia
212 občine
Radovljica
1%
Myanmar
7 daysamyarr
7 pyinaalmyarr
1 union territory
5 self-administered zones
1 self-administered division
Rakhine
1%
North Macedonia
80 opštini
Rankovce
1%
Thailand
76 changwat
1 capital
Ranong
1%
Thailand
76 changwat
1 capital
Rayong
1%
Luxembourg
12 cantons
Redange
1%
Luxembourg
12 cantons
Remich
1%
North Macedonia
80 opštini
Resen
1%
Guatemala
22 departamentos
Retalhuleu
1%
Iceland
72 sveitarfélög
Reykjanesbær
1%
Latvia
110 novadi
9 republikas pilsētas
Rēzekne
1%
Moldova
32 raioane
3 municipiu
1 unitate teritorială autonomă
1 unitatea teritorială
Rezina
1%
Cape Verde
22 concelhos
Ribeira Grande de Santiago
1%
Slovenia
212 občine
Ribnica
1%
Slovenia
212 občine
Ribnica na Pohorju
1%
Moldova
32 raioane
3 municipiu
1 unitate teritorială autonomă
1 unitatea teritorială
Rîșcani
1%
Nicaragua
15 departamentos
2 regiones autónomas
Rivas
1%
Liberia
15 counties
Rivercess
1%
Slovenia
212 občine
Rogaška Slatina
1%
Slovenia
212 občine
Rogatec
1%
Thailand
76 changwat
1 capital
Roi Et
1%
Latvia
110 novadi
9 republikas pilsētas
Roja
1%
Marshall Islands
24 municipalities
Rongelap
1%
North Macedonia
80 opštini
Rosoman
1%
Montenegro
22 opštine
1 prijestonica
1 glavni grad
Rožaje
1%
Tanzania
31 mkoa
Ruvuma
1%
South Sudan
10 states
3 areas
Ruweng
1%
Guatemala
22 departamentos
Sacatepéquez
1%
Yemen
21 muhāfazāt
1 city
Sa'dah
1%
Thailand
76 changwat
1 capital
Sa Kaeo
1%
Turkey
81 il
Sakarya
1%
Thailand
76 changwat
1 capital
Sakon Nakhon
1%
Chad
23 régions
Salamat
1%
Latvia
110 novadi
9 republikas pilsētas
Saldus
1%
Slovenia
212 občine
Šalovci
1%
Kenya
47 kaunti
Samburu
1%
Thailand
76 changwat
1 capital
Samut Prakan
1%
Thailand
76 changwat
1 capital
Samut Songkhram
1%
Papua New Guinea
20 provinces
1 autonomous region
1 capital
Sandaun / West Sepik
1%
Central African Republic
16 préfectures
1 capital
Sangha-Mbaéré
1%
Trinidad and Tobago
9 regions
1 island
3 boroughs
2 cities
Sangre Grande
1%
Democratic Republic of the Congo
26 provinces
Sankuru
1%
Cape Verde
22 concelhos
São Lourenço dos Órgãos
1%
Thailand
76 changwat
1 capital
Saraburi
1%
Côte d'Ivoire
12 districts
2 districts autonomes
Sassandra-Marahoué
1%
Côte d'Ivoire
12 districts
2 districts autonomes | Togo
5 régions
Savanes
1%
Montenegro
22 opštine
1 prijestonica
1 glavni grad
Šavnik
1%
Mali
10 régions
1 capital
Ségou
1%
South Korea
8 do
6 gwangyeoksi
1 teukbyeol jachido
1 teukbyeol jachisi
1 teukbyeolsi
Sejong
1%
Iceland
72 sveitarfélög
Seltjarnarnes
1%
Slovenia
212 občine
Šempeter - Vrtojba
1%
Sudan
18 wilaya'at
Sennar
1%
Slovenia
212 občine
Šentilj
1%
Slovenia
212 občine
Šentjernej
1%
Iceland
72 sveitarfélög
Seyðisfjörður
1%
Slovenia
212 občine
Sežana
1%
Egypt
27 muhāfazāt
Sharqia
1%
Vanuatu
6 provinces
Shefa
1%
Georgia
9 mkhare
2 avt'onomiuri resp'ublik'a
1 city
Shida Kartli
1%
Eswatini
4 tifundza
Shiselweni
1%
Azerbaijan
66 rayonlar
12 cities
Shusha
1%
Kenya
47 kaunti
Siaya
1%
Cambodia
24 khêt
1 autonomous municipality
Sihanoukville
1%
Thailand
76 changwat
1 capital
Sing Buri
1%
Moldova
32 raioane
3 municipiu
1 unitate teritorială autonomă
1 unitatea teritorială
Sîngerei
1%
Uzbekistan
12 viloyatlar
1 respublika
1 capital
Sirdaryo
1%
Turkey
81 il
Şırnak
1%
Thailand
76 changwat
1 capital
Sisaket
1%
Slovenia
212 občine
Škofja Loka
1%
Slovenia
212 občine
Slovenske Konjice
1%
Slovenia
212 občine
Šmarje pri Jelšah
1%
Latvia
110 novadi
9 republikas pilsētas
Smiltene
1%
Vietnam
58 tỉnh
5 thành phố trực thuộc trung ương
Sóc Trăng
1%
Nigeria
36 states
1 federal capital territory
Sokoto
1%
Moldova
32 raioane
3 municipiu
1 unitate teritorială autonomă
1 unitatea teritorială
Șoldănești
1%
Guatemala
22 departamentos
Sololá
1%
North Macedonia
80 opštini
Sopište
1%
Moldova
32 raioane
3 municipiu
1 unitate teritorială autonomă
1 unitatea teritorială
Soroca
1%
Slovenia
212 občine
Šoštanj
1%
Saint Lucia
10 quartiers
Soufrière
1%
Papua New Guinea
20 provinces
1 autonomous region
1 capital
Southern Highlands
1%
South Korea
8 do
6 gwangyeoksi
1 teukbyeol jachido
1 teukbyeol jachisi
1 teukbyeolsi
South Gyeongsang
1%
North Korea
9 do
1 chikhalsi
2 t'ŭkpyŏlsi
1 t'ŭkkŭpsi
South Hwanghae
1%
Sudan
18 wilaya'at
South Kordofan
1%
North Korea
9 do
1 chikhalsi
2 t'ŭkpyŏlsi
1 t'ŭkkŭpsi
South Pyongan
1%
Democratic Republic of the Congo
26 provinces
South Ubangi
1%
North Macedonia
80 opštini
Staro Nagoričane
1%
Moldova
32 raioane
3 municipiu
1 unitate teritorială autonomă
1 unitatea teritorială
Ștefan Vodă
1%
North Macedonia
80 opštini
Studeničani
1%
Guatemala
22 departamentos
Suchitepéquez
1%
Ecuador
24 provincias
Sucumbíos
1%
Tajikistan
3 viloyatho
1 viloyat mukhtor
1 capital
Sughd
1%
Mongolia
21 aimags
1 khot
Sükhbaatar
1%
Thailand
76 changwat
1 capital
Sukhothai
1%
Serbia
24 okruzi
1 grad
Šumadija
1%
Thailand
76 changwat
1 capital
Suphan Buri
1%
North Macedonia
80 opštini
Šuto Orizari
1%
Iceland
72 sveitarfélög
Svalbarðshreppur
1%
Slovenia
212 občine
Sveta Ana
1%
North Macedonia
80 opštini
Sveti Nikole
1%
Vanuatu
6 provinces
Tafea
1%
Jordan
12 muhāfazāt
Tafilah
1%
Kenya
47 kaunti
Taita–Taveta
1%
Kyrgyzstan
7 oblasttar
2 šaarlar
Talas
1%
Latvia
110 novadi
9 republikas pilsētas
Talsi
1%
Chad
23 régions
Tandjilé
1%
Myanmar
7 daysamyarr
7 pyinaalmyarr
1 union territory
5 self-administered zones
1 self-administered division
Tanintharyi
1%
Mali
10 régions
1 capital
Taoudénit
1%
Cape Verde
22 concelhos
Tarrafal
1%
Cape Verde
22 concelhos
Tarrafal de São Nicolau
1%
North Macedonia
80 opštini
Tearce
1%
Moldova
32 raioane
3 municipiu
1 unitate teritorială autonomă
1 unitatea teritorială
Telenești
1%
Lithuania
10 apskritys
Telšiai
1%
Vietnam
58 tỉnh
5 thành phố trực thuộc trung ương
Thanh Hóa
1%
New Zealand
11 non-unitary regions
5 unitary authorities
2 states in free-association
1 self-administering territory
1 special territorial authority
2 outlying islands
Three Kings Islands
1%
Mauritania
15 régions
Tiris
1%
Slovenia
212 občine
Tišina
1%
Turkey
81 il
Tokat
1%
Guinea-Bissau
8 regiões
1 sector autónomo
Tombali
1%
Tonga
5 provinces
Tongatapu
1%
Vanuatu
6 provinces
Torba
1%
Guatemala
22 departamentos
Totonicapán
1%
Algeria
58 wilayas
Touggourt
1%
Thailand
76 changwat
1 capital
Trang
1%
Thailand
76 changwat
1 capital
Trat
1%
Slovenia
212 občine
Trbovlje
1%
Slovenia
212 občine
Trebnje
1%
Democratic Republic of the Congo
26 provinces
Tshopo
1%
Democratic Republic of the Congo
26 provinces
Tshuapa
1%
Montenegro
22 opštine
1 prijestonica
1 glavni grad
Tuzi
1%
Nauru
14 districts
Uaboe
1%
Kenya
47 kaunti
Uasin Gishu
1%
Thailand
76 changwat
1 capital
Ubon Ratchathani
1%
Angola
18 províncias
Uíge
1%
South Sudan
10 states
3 areas
Unity
1%
Turkey
81 il
Uşak
1%
El Salvador
14 departamentos
Usulután
1%
Lithuania
10 apskritys
Utena
1%
Thailand
76 changwat
1 capital
Uthai Thani
1%
Thailand
76 changwat
1 capital
Uttaradit
1%
Mongolia
21 aimags
1 khot
Uvs
1%
Central African Republic
16 préfectures
1 capital
Vakaga
1%
North Macedonia
80 opštini
Valandovo
1%
North Macedonia
80 opštini
Vasilevo
1%
North Macedonia
80 opštini
Vevčani
1%
Slovenia
212 občine
Videm
1%
Saint Lucia
10 quartiers
Vieux Fort
1%
Kenya
47 kaunti
Vihiga
1%
Vietnam
58 tỉnh
5 thành phố trực thuộc trung ương
Vĩnh Long
1%
North Macedonia
80 opštini
Vinica
1%
East Timor
12 municipalities
1 special administrative region
Viqueque
1%
North Macedonia
80 opštini
Vrapčište
1%
Slovenia
212 občine
Vrhnika
1%
Libya
22 sha'biyat
Wadi al Shatii
1%
Chad
23 régions
Wadi Fira
1%
Kenya
47 kaunti
Wajir
1%
Suriname
10 districten
Wanica
1%
South Sudan
10 states
3 areas
Warrap
1%
Iraq
19 muhāfazāt
Wasit
1%
Serbia
24 okruzi
1 grad
West Bačka
1%
South Sudan
10 states
3 areas
Western Bahr el Ghazal
1%
Chad
23 régions
Western Logone
1%
Sudan
18 wilaya'at
West Kordofan
1%
Kenya
47 kaunti
West Pokot
1%
Somalia
18 gobolada
Woqooyi Galbeed / Maroodi Jeex
1%
Uzbekistan
12 viloyatlar
1 respublika
1 capital
Xorazm
1%
Thailand
76 changwat
1 capital
Yala
1%
Turkey
81 il
Yalova
1%
Thailand
76 changwat
1 capital
Yasothon
1%
Azerbaijan
66 rayonlar
12 cities
Yevlakh
1%
Montenegro
22 opštine
1 prijestonica
1 glavni grad
Žabljak
1%
Guatemala
22 departamentos
Zacapa
1%
Tunisia
24 wilaya'at
Zaghouan
1%
Serbia
24 okruzi
1 grad
Zaječar
1%
Slovenia
212 občine
Žalec
1%
Azerbaijan
66 rayonlar
12 cities
Zangilan
1%
Côte d'Ivoire
12 districts
2 districts autonomes
Zanzan
1%
Tanzania
31 mkoa
Zanzibar North
1%
Tanzania
31 mkoa
Zanzibar South
1%
Libya
22 sha'biyat
Zawiya
1%
North Macedonia
80 opštini
Zelenikovo
1%
North Macedonia
80 opštini
Želino
1%
Slovenia
212 občine
Zreče
1%
North Macedonia
80 opštini
Zrnovci
1%
Slovenia
212 občine
Žužemberk
1%
Uganda
135 districts
1 capital
Abim
0%
Yemen
21 muhāfazāt
1 city
Abyan
0%
Oman
11 muhāfazāt
Ad Dakhiliyah
0%
Oman
11 muhāfazāt
Ad Dhahirah
0%
Uganda
135 districts
1 capital
Adjumani
0%
Uganda
135 districts
1 capital
Agago
0%
Azerbaijan
66 rayonlar
12 cities
Agdash
0%
Azerbaijan
66 rayonlar
12 cities
Aghjabadi
0%
Latvia
110 novadi
9 republikas pilsētas
Aglona
0%
Azerbaijan
66 rayonlar
12 cities
Agstafa
0%
Azerbaijan
66 rayonlar
12 cities
Agsu
0%
São Tomé and Principe
6 distritos
1 autonomous region
Água Grande
0%
Kuwait
6 muhāfazāt
Ahmadi
0%
Marshall Islands
24 municipalities
Ailinglaplap
0%
Marshall Islands
24 municipalities
Ailuk
0%
Palau
16 states
Aimeliik
0%
East Timor
12 municipalities
1 special administrative region
Ainaro
0%
Palau
16 states
Airai
0%
Latvia
110 novadi
9 republikas pilsētas
Aizpute
0%
Jordan
12 muhāfazāt
Ajloun
0%
Iceland
72 sveitarfélög
Akrahreppur
0%
Iceland
72 sveitarfélög
Akranes
0%
Madagascar
22 faritra
Alaotra-Mangoro
0%
Oman
11 muhāfazāt
Al Batinah North
0%
Oman
11 muhāfazāt
Al Batinah South
0%
Yemen
21 muhāfazāt
1 city
Al Bayda
0%
Oman
11 muhāfazāt
Al Buraymi
0%
Qatar
8 baladiya'at
Al Daayen
0%
Uganda
135 districts
1 capital
Alebtong
0%
Benin
12 départements
Alibori
0%
Maldives
17 atolls
4 cities
Alif Alif
0%
Maldives
17 atolls
4 cities
Alif Dhaal
0%
Sudan
18 wilaya'at
Al Jazirah
0%
Yemen
21 muhāfazāt
1 city
Al Mahwit
0%
Sudan
18 wilaya'at
Al Qadarif
0%
Qatar
8 baladiya'at
Al-Shahaniya
0%
Qatar
8 baladiya'at
Al Shamal
0%
Latvia
110 novadi
9 republikas pilsētas
Alsunga
0%
Qatar
8 baladiya'at
Al Wakrah
0%
Latvia
110 novadi
9 republikas pilsētas
Amata
0%
Uganda
135 districts
1 capital
Amolatar
0%
Yemen
21 muhāfazāt
1 city
'Amran
0%
Uganda
135 districts
1 capital
Amudat
0%
Madagascar
22 faritra
Analamanga
0%
Madagascar
22 faritra
Analanjirofo
0%
Madagascar
22 faritra
Androy
0%
Palau
16 states
Angaur
0%
Seychelles
26 districts
Anse Boileau
0%
Seychelles
26 districts
Anse Etoile
0%
Venezuela
23 estados
2 special status areas
Anzoátegui
0%
Venezuela
23 estados
2 special status areas
Aragua
0%
Iceland
72 sveitarfélög
Árborg
0%
Trinidad and Tobago
9 regions
1 island
3 boroughs
2 cities
Arima
0%
Mongolia
21 aimags
1 khot
Arkhangai
0%
Iceland
72 sveitarfélög
Árneshreppur
0%
Marshall Islands
24 municipalities
Arno
0%
Uganda
135 districts
1 capital
Arua
0%
Iceland
72 sveitarfélög
Ásahreppur
0%
Oman
11 muhāfazāt
Ash Sharqiyah North
0%
Oman
11 muhāfazāt
Ash Sharqiyah South
0%
Azerbaijan
66 rayonlar
12 cities
Astara
0%
Benin
12 départements
Atakora
0%
Madagascar
22 faritra
Atsimo-Andrefana
0%
Madagascar
22 faritra
Atsimo-Atsinanana
0%
Madagascar
22 faritra
Atsinanana
0%
Laos
17 khoueng
1 nakhon louang
Attapeu
0%
Samoa
11 itūmālō
Atua
0%
Latvia
110 novadi
9 republikas pilsētas
Auce
0%
Azerbaijan
66 rayonlar
12 cities
Babek
0%
Chad
23 régions
Bahr el Gazel
0%
Seychelles
26 districts
Baie Lazare
0%
Seychelles
26 districts
Baie Sainte Anne
0%
Azerbaijan
66 rayonlar
12 cities
Balakan
0%
Latvia
110 novadi
9 republikas pilsētas
Baldone
0%
Latvia
110 novadi
9 republikas pilsētas
Baltinava
0%
Latvia
110 novadi
9 republikas pilsētas
Balvi
0%
Cambodia
24 khêt
1 autonomous municipality
Banteay Menachey
0%
Azerbaijan
66 rayonlar
12 cities
Barda
0%
Côte d'Ivoire
12 districts
2 districts autonomes
Bas-Sassandra
0%
East Timor
12 municipalities
1 special administrative region
Baucau
0%
Mongolia
21 aimags
1 khot
Bayankhongor
0%
Turkey
81 il
Bayburt
0%
Vietnam
58 tỉnh
5 thành phố trực thuộc trung ương
Bắc Giang
0%
Vietnam
58 tỉnh
5 thành phố trực thuộc trung ương
Bắc Kạn
0%
Vietnam
58 tỉnh
5 thành phố trực thuộc trung ương
Bạc Liêu
0%
Tunisia
24 wilaya'at
Ben Arous
0%
Montenegro
22 opštine
1 prijestonica
1 glavni grad
Berane
0%
Lesotho
10 districts
Berea
0%
Madagascar
22 faritra
Betsiboka
0%
Latvia
110 novadi
9 republikas pilsētas
Beverīna
0%
Azerbaijan
66 rayonlar
12 cities
Beylagan
0%
Azerbaijan
66 rayonlar
12 cities
Bilasuvar
0%
Turkey
81 il
Bilecik
0%
Vietnam
58 tỉnh
5 thành phố trực thuộc trung ương
Bình Dương
0%
Vietnam
58 tỉnh
5 thành phố trực thuộc trung ương
Bình Phước
0%
Vietnam
58 tỉnh
5 thành phố trực thuộc trung ương
Bình Thuận
0%
Slovenia
212 občine
Bistrica ob Geotli
0%
Tunisia
24 wilaya'at
Bizerte
0%
Iceland
72 sveitarfélög
Bláskógabyggð
0%
Iceland
72 sveitarfélög
Blönduóssbær
0%
Vietnam
58 tỉnh
5 thành phố trực thuộc trung ương
Bến Tre
0%
Madagascar
22 faritra
Boeny
0%
Laos
17 khoueng
1 nakhon louang
Bokèo
0%
Laos
17 khoueng
1 nakhon louang
Bolikhamxai
0%
Iceland
72 sveitarfélög
Bolungarvík
0%
Madagascar
22 faritra
Bongolava
0%
Iceland
72 sveitarfélög
Borgarbyggð
0%
Iceland
72 sveitarfélög
Borgarfjarðarhreppur
0%
Benin
12 départements
Borgou
0%
Republic of the Congo
12 departments
Bouenza
0%
Slovenia
212 občine
Braslovče
0%
Latvia
110 novadi
9 republikas pilsētas
Brocēni
0%
Burundi
18 provinces
Bubanza
0%
Uganda
135 districts
1 capital
Budaka
0%
Uganda
135 districts
1 capital
Bududa
0%
Uganda
135 districts
1 capital
Bugiri
0%
Uganda
135 districts
1 capital
Bugweri
0%
Uganda
135 districts
1 capital
Buhweju
0%
Uganda
135 districts
1 capital
Buikwe
0%
Uganda
135 districts
1 capital
Bukedea
0%
Uganda
135 districts
1 capital
Bukomansimbi
0%
Uganda
135 districts
1 capital
Bukwa
0%
Uganda
135 districts
1 capital
Bulambuli
0%
Mongolia
21 aimags
1 khot
Bulgan
0%
Uganda
135 districts
1 capital
Buliisa
0%
Uganda
135 districts
1 capital
Bundibugyo
0%
Kenya
47 kaunti
Bungoma
0%
Uganda
135 districts
1 capital
Bunyangabu
0%
Latvia
110 novadi
9 republikas pilsētas
Burtnieki
0%
Burundi
18 provinces
Bururi
0%
Uganda
135 districts
1 capital
Bushenyi
0%
Uganda
135 districts
1 capital
Butaleja
0%
Uganda
135 districts
1 capital
Butambala
0%
Uganda
135 districts
1 capital
Butebo
0%
Uganda
135 districts
1 capital
Buvuma
0%
Uganda
135 districts
1 capital
Buyende
0%
Paraguay
17 departamentos
1 capital
Caaguazú
0%
Philippines
16 rehiyong pampangasiwaan
1 awtonomong rehiyon
Calabarzon
0%
Turkey
81 il
Çankırı
0%
Burundi
18 provinces
Cankuzo
0%
São Tomé and Principe
6 distritos
1 autonomous region
Cantagalo
0%
Vietnam
58 tỉnh
5 thành phố trực thuộc trung ương
Cao Bằng
0%
Venezuela
23 estados
2 special status areas
Carabobo
0%
Latvia
110 novadi
9 republikas pilsētas
Carkinava
0%
São Tomé and Principe
6 distritos
1 autonomous region
Caué
0%
Burkina Faso
13 régions
Central Plateau
0%
Slovenia
212 občine
Cerkvenjak
0%
Uruguay
19 departamentos
Cerro Largo
0%
Latvia
110 novadi
9 republikas pilsētas
Cesvaine
0%
North Korea
9 do
1 chikhalsi
2 t'ŭkpyŏlsi
1 t'ŭkkŭpsi
Chagang
0%
Papua New Guinea
20 provinces
1 autonomous region
1 capital
Chimbu / Simbu
0%
Honduras
18 departamentos
Choluteca
0%
Bhutan
20 dzongkhag
Chukha
0%
Thailand
76 changwat
1 capital
Chumphun
0%
Burundi
18 provinces
Cibitoke
0%
Latvia
110 novadi
9 republikas pilsētas
Cibla
0%
Moldova
32 raioane
3 municipiu
1 unitate teritorială autonomă
1 unitatea teritorială
Cimișlia
0%
Slovenia
212 občine
Cirkulane
0%
Venezuela
23 estados
2 special status areas
Cojedes
0%
Turkey
81 il
Çorum
0%
Trinidad and Tobago
9 regions
1 island
3 boroughs
2 cities
Couva-Tabaquite-Talparo
0%
East Timor
12 municipalities
1 special administrative region
Covalima
0%
Republic of the Congo
12 departments
Cuvette
0%
Republic of the Congo
12 departments
Cuvette West
0%
Bhutan
20 dzongkhag
Dagana
0%
Latvia
110 novadi
9 republikas pilsētas
Dagda
0%
Mauritania
15 régions
Dakhlet Nouadhibou
0%
Iceland
72 sveitarfélög
Dalabyggð
0%
Iceland
72 sveitarfélög
Dalvíkurbyggð
0%
Mongolia
21 aimags
1 khot
Darkhan-Uul
0%
Azerbaijan
66 rayonlar
12 cities
Dashkasan
0%
Venezuela
23 estados
2 special status areas
Delta Amacuro
0%
Côte d'Ivoire
12 districts
2 districts autonomes
Denguélé
0%
Maldives
17 atolls
4 cities
Dhaalu
0%
Yemen
21 muhāfazāt
1 city
Dhale
0%
Yemen
21 muhāfazāt
1 city
Dhamar
0%
Senegal
14 régions
Diourbel
0%
Equatorial Guinea
8 provincias
Djibloho
0%
Iceland
72 sveitarfélög
Djúpavogshreppur
0%
Vietnam
58 tỉnh
5 thành phố trực thuộc trung ương
Đắk Nông
0%
Vietnam
58 tỉnh
5 thành phố trực thuộc trung ương
Đồng Nai
0%
Vietnam
58 tỉnh
5 thành phố trực thuộc trung ương
Đồng Tháp
0%
Slovenia
212 občine
Dobje
0%
Slovenia
212 občine
Dobrepolje
0%
Slovenia
212 občine
Dobrna
0%
Slovenia
212 občine
Dobrovo
0%
Uganda
135 districts
1 capital
Dokolo
0%
Slovenia
212 občine
Dolenskje Toplice
0%
Mongolia
21 aimags
1 khot
Dornogovi
0%
Latvia
110 novadi
9 republikas pilsētas
Dundaga
0%
Mongolia
21 aimags
1 khot
Dundgovi
0%
Latvia
110 novadi
9 republikas pilsētas
Durbe
0%
Turkey
81 il
Düzce
0%
Nigeria
36 states
1 federal capital territory
Ekiti
0%
Turkey
81 il
Elazığ
0%
Marshall Islands
24 municipalities
Enewetak/Ujelang
0%
Latvia
110 novadi
9 republikas pilsētas
Engure
0%
Latvia
110 novadi
9 republikas pilsētas
Ērgļi
0%
East Timor
12 municipalities
1 special administrative region
Ermera
0%
Gabon
9 provinces
Estuaire
0%
Tonga
5 provinces
Eua
0%
Iceland
72 sveitarfélög
Eyjafjarðarsveit
0%
Iceland
72 sveitarfélög
Eyja-og Miklaholtshreppur
0%
Maldives
17 atolls
4 cities
Faafu
0%
Samoa
11 itūmālō
Fa'asaleleaga
0%
Kuwait
6 muhāfazāt
Farwaniya
0%
Senegal
14 régions
Fatick
0%
Azerbaijan
66 rayonlar
12 cities
Fizuli
0%
Iceland
72 sveitarfélög
Fjallabyggð
0%
Iceland
72 sveitarfélög
Fjarðabyggð
0%
Iceland
72 sveitarfélög
Fljótsdalshérað
0%
Iceland
72 sveitarfélög
Fljótsdalshreppur
0%
Iceland
72 sveitarfélög
Flóahreppur
0%
Maldives
17 atolls
4 cities
Gaafu Alif
0%
Maldives
17 atolls
4 cities
Gaafu Dhaalu
0%
Tunisia
24 wilaya'at
Gabès
0%
Azerbaijan
66 rayonlar
12 cities
Gadabay
0%
Tunisia
24 wilaya'at
Gafsa
0%
Samoa
11 itūmālō
Gaga'emauga
0%
Samoa
11 itūmālō
Gaga'ifomauga
0%
Liechtenstein
11 Gemeinden
Gamprin
0%
Latvia
110 novadi
9 republikas pilsētas
Garkalne
0%
Bhutan
20 dzongkhag
Gasa
0%
Liberia
15 counties
Gbarpolu
0%
Tanzania
31 mkoa
Geita
0%
Vietnam
58 tỉnh
5 thành phố trực thuộc trung ương
Gia Lai
0%
Turkey
81 il
Giresun
0%
Moldova
32 raioane
3 municipiu
1 unitate teritorială autonomă
1 unitatea teritorială
Glodeni
0%
Maldives
17 atolls
4 cities
Gnaviyani
0%
Azerbaijan
66 rayonlar
12 cities
Gobustan
0%
Uganda
135 districts
1 capital
Gomba
0%
Azerbaijan
66 rayonlar
12 cities
Goranboy
0%
Mongolia
21 aimags
1 khot
Govisümber
0%
Azerbaijan
66 rayonlar
12 cities
Goychay
0%
Azerbaijan
66 rayonlar
12 cities
Goygol
0%
Liberia
15 counties
Grand Bassa
0%
Liberia
15 counties
Grand Cape Mount
0%
Liberia
15 counties
Grand Gedeh
0%
Liberia
15 counties
Grand Kru
0%
Iceland
72 sveitarfélög
Grímsnes- og Grafningshreppur
0%
Iceland
72 sveitarfélög
Grindavíkurbær
0%
Iceland
72 sveitarfélög
Grundarfjarðarbær
0%
Iceland
72 sveitarfélög
Grýtubakkahreppur
0%
Venezuela
23 estados
2 special status areas
Guárico
0%
Mauritania
15 régions
Guidimaka
0%
Uganda
135 districts
1 capital
Gulu
0%
Turkey
81 il
Gümüşhane
0%
Montenegro
22 opštine
1 prijestonica
1 glavni grad
Gusinje
0%
Maldives
17 atolls
4 cities
Haa Alif
0%
Maldives
17 atolls
4 cities
Haa Dhaalu
0%
Slovenia
212 občine
Hajdina
0%
Azerbaijan
66 rayonlar
12 cities
Hajigabul
0%
Turkey
81 il
Hakkâri
0%
Vietnam
58 tỉnh
5 thành phố trực thuộc trung ương
Hà Nam
0%
Vietnam
58 tỉnh
5 thành phố trực thuộc trung ương
Hà Tĩnh
0%
Palau
16 states
Hatohobei
0%
Gabon
9 provinces
Haut-Ogooué
0%
Kuwait
6 muhāfazāt
Hawalli
0%
Iceland
72 sveitarfélög
Helgafellssveit
0%
Vietnam
58 tỉnh
5 thành phố trực thuộc trung ương
Hải Dương
0%
Vietnam
58 tỉnh
5 thành phố trực thuộc trung ương
Hòa Bình
0%
Slovenia
212 občine
Hoče - Slivnica
0%
Mauritania
15 régions
Hodh Ech Chargui
0%
Slovenia
212 občine
Hodoš
0%
Uganda
135 districts
1 capital
Hoima
0%
Iceland
72 sveitarfélög
Hörgársveit
0%
Slovenia
212 občine
Horjul
0%
Iceland
72 sveitarfélög
Hornafjörður
0%
Laos
17 khoueng
1 nakhon louang
Houaphan
0%
Iceland
72 sveitarfélög
Hrunamannahreppur
0%
Vietnam
58 tỉnh
5 thành phố trực thuộc trung ương
Hậu Giang
0%
Iceland
72 sveitarfélög
Húnaþing vestra
0%
Iceland
72 sveitarfélög
Húnavatnshreppur
0%
Vietnam
58 tỉnh
5 thành phố trực thuộc trung ương
Hưng Yên
0%
Iceland
72 sveitarfélög
Hvalfjarðarsveit
0%
Iceland
72 sveitarfélög
Hveragerði
0%
Uganda
135 districts
1 capital
Ibanda
0%
Yemen
21 muhāfazāt
1 city
Ibb
0%
Latvia
110 novadi
9 republikas pilsētas
Iecava
0%
Uganda
135 districts
1 capital
Iganga
0%
Madagascar
22 faritra
Ihorombe
0%
Latvia
110 novadi
9 republikas pilsētas
Ikšķile
0%
Latvia
110 novadi
9 republikas pilsētas
Ilūkste
0%
Azerbaijan
66 rayonlar
12 cities
Imishli
0%
Latvia
110 novadi
9 republikas pilsētas
Inčukalns
0%
Tanzania
31 mkoa
Iringa
0%
Iceland
72 sveitarfélög
Ísafjarðarbær
0%
Uganda
135 districts
1 capital
Isingiro
0%
Spain
17 comunidades autónomas
2 ciudades autónomas
3 plazas menores de soberanía
Islas Chafarinas
0%
Madagascar
22 faritra
Itasy
0%
Libya
22 sha'biyat
Jabal al Akhdar
0%
Marshall Islands
24 municipalities
Jabat
0%
Serbia
24 okruzi
1 grad
Jablanica
0%
Kuwait
6 muhāfazāt
Jahra
0%
Marshall Islands
24 municipalities
Jaluit
0%
Latvia
110 novadi
9 republikas pilsētas
Jaunjelgava
0%
Latvia
110 novadi
9 republikas pilsētas
Jaunpiebalga
0%
Latvia
110 novadi
9 republikas pilsētas
Jaunpils
0%
Tunisia
24 wilaya'at
Jendouba
0%
Slovenia
212 občine
Jezersko
0%
Uganda
135 districts
1 capital
Jinja
0%
Papua New Guinea
20 provinces
1 autonomous region
1 capital
Jiwaka
0%
Azerbaijan
66 rayonlar
12 cities
Julfa
0%
Botswana
10 rural districts
7 urban districts
Jwaneng
0%
Uganda
135 districts
1 capital
Kaabong
0%
Maldives
17 atolls
4 cities
Kaafu
0%
Uganda
135 districts
1 capital
Kabale
0%
Uganda
135 districts
1 capital
Kabarole
0%
Uganda
135 districts
1 capital
Kaberamaido
0%
Senegal
14 régions
Kaffrine
0%
Uganda
135 districts
1 capital
Kagadi
0%
Tanzania
31 mkoa
Kagera
0%
Turkey
81 il
Kahramanmaraş
0%
Tunisia
24 wilaya'at
Kairouan
0%
Uganda
135 districts
1 capital
Kakumiro
0%
Uganda
135 districts
1 capital
Kalangala
0%
Iceland
72 sveitarfélög
Kaldrananeshreppur
0%
Uganda
135 districts
1 capital
Kaliro
0%
Uganda
135 districts
1 capital
Kalungu
0%
Cambodia
24 khêt
1 autonomous municipality
Kampong Chhnang
0%
Cambodia
24 khêt
1 autonomous municipality
Kampong Speu
0%
Cambodia
24 khêt
1 autonomous municipality
Kampot
0%
Uganda
135 districts
1 capital
Kamuli
0%
Uganda
135 districts
1 capital
Kamwenge
0%
Cambodia
24 khêt
1 autonomous municipality
Kandal
0%
Latvia
110 novadi
9 republikas pilsētas
Kandava
0%
Azerbaijan
66 rayonlar
12 cities
Kangarli
0%
North Korea
9 do
1 chikhalsi
2 t'ŭkpyŏlsi
1 t'ŭkkŭpsi
Kangwon
0%
Uganda
135 districts
1 capital
Kanungu
0%
Uganda
135 districts
1 capital
Kapchorwa
0%
Uganda
135 districts
1 capital
Kapelebyong
0%
Turkey
81 il
Karabük
0%
Uganda
135 districts
1 capital
Karenga
0%
Latvia
110 novadi
9 republikas pilsētas
Kārsava
0%
Burundi
18 provinces
Karuzi
0%
Uganda
135 districts
1 capital
Kasanda
0%
Uganda
135 districts
1 capital
Kasese
0%
Tunisia
24 wilaya'at
Kasserine
0%
Uganda
135 districts
1 capital
Katakwi
0%
Tanzania
31 mkoa
Katavi
0%
Palau
16 states
Kayangel
0%
Burundi
18 provinces
Kayanza
0%
Uganda
135 districts
1 capital
Kayunga
0%
Uganda
135 districts
1 capital
Kazo
0%
Tunisia
24 wilaya'at
Kebili
0%
Senegal
14 régions
Kédougou
0%
Latvia
110 novadi
9 republikas pilsētas
Ķekava
0%
Cambodia
24 khêt
1 autonomous municipality
Kep
0%
Azerbaijan
66 rayonlar
12 cities
Khachmaz
0%
Laos
17 khoueng
1 nakhon louang
Khammouan
0%
Vietnam
58 tỉnh
5 thành phố trực thuộc trung ương
Khánh Hòa
0%
Azerbaijan
66 rayonlar
12 cities
Khizi
0%
Azerbaijan
66 rayonlar
12 cities
Khojali
0%
Azerbaijan
66 rayonlar
12 cities
Khojavend
0%
Namibia
14 regions
Khomas
0%
Uganda
135 districts
1 capital
Kibaale
0%
Uganda
135 districts
1 capital
Kiboga
0%
Uganda
135 districts
1 capital
Kibuku
0%
Uganda
135 districts
1 capital
Kibuube
0%
Turkey
81 il
Kırşehir
0%
Uganda
135 districts
1 capital
Kiruhura
0%
Burundi
18 provinces
Kirundo
0%
Uganda
135 districts
1 capital
Kiryandongo
0%
Uganda
135 districts
1 capital
Kisoro
0%
Uganda
135 districts
1 capital
Kitagwenda
0%
Uganda
135 districts
1 capital
Kitgum
0%
Iceland
72 sveitarfélög
Kjósarhreppur
0%
Uganda
135 districts
1 capital
Koboko
0%
Latvia
110 novadi
9 republikas pilsētas
Kocēni
0%
Latvia
110 novadi
9 republikas pilsētas
Koknese
0%
Montenegro
22 opštine
1 prijestonica
1 glavni grad
Kolašin
0%
Senegal
14 régions
Kolda
0%
Uganda
135 districts
1 capital
Kole
0%
Slovenia
212 občine
Komenda
0%
Vietnam
58 tỉnh
5 thành phố trực thuộc trung ương
Kon Tum
0%
Slovenia
212 občine
Kostanjevica na Krki
0%
Slovenia
212 občine
Kostel
0%
Uganda
135 districts
1 capital
Kotido
0%
Benin
12 départements
Kouffo
0%
Republic of the Congo
12 departments
Kouilou
0%
Latvia
110 novadi
9 republikas pilsētas
Krāslava
0%
Cambodia
24 khêt
1 autonomous municipality
Kratié
0%
Latvia
110 novadi
9 republikas pilsētas
Krimulda
0%
Latvia
110 novadi
9 republikas pilsētas
Krustpils
0%
Uganda
135 districts
1 capital
Kumi
0%
Azerbaijan
66 rayonlar
12 cities
Kurdamir
0%
Uganda
135 districts
1 capital
Kwania
0%
Nigeria
36 states
1 federal capital territory
Kwara
0%
Uganda
135 districts
1 capital
Kween
0%
Uganda
135 districts
1 capital
Kyankwanzi
0%
Uganda
135 districts
1 capital
Kyegegwa
0%
Uganda
135 districts
1 capital
Kyenjojo
0%
Uganda
135 districts
1 capital
Kyotera
0%
Azerbaijan
66 rayonlar
12 cities
Lachin
0%
Monaco
10 quartiers
La Colle
0%
Vietnam
58 tỉnh
5 thành phố trực thuộc trung ương
Lai Châu
0%
Vietnam
58 tỉnh
5 thành phố trực thuộc trung ương
Lâm Đồng
0%
Uganda
135 districts
1 capital
Lamwo
0%
Iceland
72 sveitarfélög
Langanesbyggð
0%
Azerbaijan
66 rayonlar
12 cities
Lankaran
0%
East Timor
12 municipalities
1 special administrative region
Lautém
0%
Uruguay
19 departamentos
Lavalleja
0%
Republic of the Congo
12 departments
Lékoumou
0%
São Tomé and Principe
6 distritos
1 autonomous region
Lembá
0%
Lesotho
10 districts
Leribe
0%
Azerbaijan
66 rayonlar
12 cities
Lerik
0%
Seychelles
26 districts
Les Mamelles
0%
Maldives
17 atolls
4 cities
Lhaviyani
0%
Bhutan
20 dzongkhag
Lhuntse
0%
Latvia
110 novadi
9 republikas pilsētas
Lielvārde
0%
Latvia
110 novadi
9 republikas pilsētas
Līgatne
0%
Marshall Islands
24 municipalities
Likiep
0%
Republic of the Congo
12 departments
Likouala
0%
Latvia
110 novadi
9 republikas pilsētas
Limbaži
0%
East Timor
12 municipalities
1 special administrative region
Liquiçá
0%
Uganda
135 districts
1 capital
Lira
0%
Vietnam
58 tỉnh
5 thành phố trực thuộc trung ương
Lạng Sơn
0%
São Tomé and Principe
6 distritos
1 autonomous region
Lobata
0%
Botswana
10 rural districts
7 urban districts
Lobatse
0%
Liberia
15 counties
Lofa
0%
Slovenia
212 občine
Loška Dolina
0%
Slovenia
212 občine
Loški Potok
0%
Senegal
14 régions
Louga
0%
Slovenia
212 občine
Lovrenc na Pohorju
0%
Somalia
18 gobolada
Lower Shebelle
0%
Laos
17 khoueng
1 nakhon louang
Luang Namtha
0%
Latvia
110 novadi
9 republikas pilsētas
Lubāna
0%
Latvia
110 novadi
9 republikas pilsētas
Ludza
0%
Slovenia
212 občine
Lukovica
0%
Uganda
135 districts
1 capital
Lusot
0%
Uganda
135 districts
1 capital
Luuka
0%
Uganda
135 districts
1 capital
Luweero
0%
Uganda
135 districts
1 capital
Lwengo
0%
Uganda
135 districts
1 capital
Lyantonde
0%
Jordan
12 muhāfazāt
Madaba
0%
Papua New Guinea
20 provinces
1 autonomous region
1 capital
Madang
0%
Uganda
135 districts
1 capital
Madi-Okollo
0%
Thailand
76 changwat
1 capital
Mae Hong Son
0%
Lesotho
10 districts
Mafeteng
0%
Tunisia
24 wilaya'at
Mahdia
0%
Slovenia
212 občine
Majšperk
0%
Burundi
18 provinces
Makamba
0%
Slovenia
212 občine
Makole
0%
Uruguay
19 departamentos
Maldonado
0%
Marshall Islands
24 municipalities
Maloelap
0%
Latvia
110 novadi
9 republikas pilsētas
Mālpils
0%
Uganda
135 districts
1 capital
Manafwa
0%
East Timor
12 municipalities
1 special administrative region
Manatuto
0%
Democratic Republic of the Congo
26 provinces
Maniema
0%
Tunisia
24 wilaya'at
Manouba
0%
East Timor
12 municipalities
1 special administrative region
Manufahi
0%
Uganda
135 districts
1 capital
Maracha
0%
Liberia
15 counties
Margibi
0%
Slovenia
212 občine
Markovci
0%
Latvia
110 novadi
9 republikas pilsētas
Mārupe
0%
Uganda
135 districts
1 capital
Masaka
0%
Azerbaijan
66 rayonlar
12 cities
Masally
0%
Nicaragua
15 departamentos
2 regiones autónomas
Masaya
0%
Uganda
135 districts
1 capital
Masindi
0%
Madagascar
22 faritra
Matsiatra Ambony
0%
Liechtenstein
11 Gemeinden
Mauren
0%
Trinidad and Tobago
9 regions
1 island
3 boroughs
2 cities
Mayaro-Rio Claro
0%
Uganda
135 districts
1 capital
Mayuge
0%
Latvia
110 novadi
9 republikas pilsētas
Mazsalaca
0%
Uganda
135 districts
1 capital
Mbarara
0%
Tunisia
24 wilaya'at
Medenine
0%
Maldives
17 atolls
4 cities
Meemu
0%
Marshall Islands
24 municipalities
Mejit
0%
Madagascar
22 faritra
Melaky
0%
Madagascar
22 faritra
Menabe
0%
Slovenia
212 občine
Mengeš
0%
Latvia
110 novadi
9 republikas pilsētas
Mērsrags
0%
Slovenia
212 občine
Metlika
0%
Slovenia
212 občine
Mežica
0%
São Tomé and Principe
6 distritos
1 autonomous region
Mé-Zóchi
0%
Somalia
18 gobolada
Middle Shebelle
0%
Slovenia
212 občine
Miklavž na Dravskem Polju
0%
Marshall Islands
24 municipalities
Mili
0%
Papua New Guinea
20 provinces
1 autonomous region
1 capital
Milne Bay
0%
Slovenia
212 občine
Mirna
0%
Slovenia
212 občine
Mirna Peč
0%
Slovenia
212 občine
Mislinja
0%
Uganda
135 districts
1 capital
Mitooma
0%
Uganda
135 districts
1 capital
Mityana
0%
Lesotho
10 districts
Mohale's Hoek
0%
Montenegro
22 opštine
1 prijestonica
1 glavni grad
Mojkovac
0%
Lesotho
10 districts
Mokhotlong
0%
Slovenia
212 občine
Mokronog-Trebelno
0%
Venezuela
23 estados
2 special status areas
Monagas
0%
Tunisia
24 wilaya'at
Monastir
0%
Cambodia
24 khêt
1 autonomous municipality
Mondulkiri
0%
Bhutan
20 dzongkhag
Mongar
0%
Liberia
15 counties
Montserrado
0%
Slovenia
212 občine
Moravče
0%
Slovenia
212 občine
Moravske Toplice
0%
Papua New Guinea
20 provinces
1 autonomous region
1 capital
Morobe
0%
Uganda
135 districts
1 capital
Moroto
0%
Chad
23 régions
Moyen-Chari
0%
Gabon
9 provinces
Moyen-Ogooué
0%
Uganda
135 districts
1 capital
Moyo
0%
Slovenia
212 občine
Mozirje
0%
Uganda
135 districts
1 capital
Mpigi
0%
Kuwait
6 muhāfazāt
Mubarak Al-Kabeer
0%
Uganda
135 districts
1 capital
Mubende
0%
Uganda
135 districts
1 capital
Mukono
0%
Burundi
18 provinces
Muramvya
0%
Slovenia
212 občine
Muta
0%
Burundi
18 provinces
Muyinga
0%
Burundi
18 provinces
Mwaro
0%
Iceland
72 sveitarfélög
Mýrdalshreppur
0%
Tunisia
24 wilaya'at
Nabeul
0%
Uganda
135 districts
1 capital
Nabilatuk
0%
Azerbaijan
66 rayonlar
12 cities
Naftalan
0%
Uganda
135 districts
1 capital
Nakapiripirit
0%
Uganda
135 districts
1 capital
Nakaseke
0%
Uganda
135 districts
1 capital
Nakasongola
0%
Thailand
76 changwat
1 capital
Nakhon Pathom
0%
Slovenia
212 občine
Naklo
0%
Uganda
135 districts
1 capital
Namayingo
0%
Vietnam
58 tỉnh
5 thành phố trực thuộc trung ương
Nam Định
0%
Uganda
135 districts
1 capital
Namisindwa
0%
Marshall Islands
24 municipalities
Namorik
0%
Marshall Islands
24 municipalities
Namu
0%
Uganda
135 districts
1 capital
Namutumba
0%
Tuvalu
9 municipalities
Nanumanga
0%
Tuvalu
9 municipalities
Nanumea
0%
Uganda
135 districts
1 capital
Napak
0%
Latvia
110 novadi
9 republikas pilsētas
Naukšēni
0%
Slovenia
212 občine
Nazarje
0%
Uganda
135 districts
1 capital
Nebbi
0%
Latvia
110 novadi
9 republikas pilsētas
Nereta
0%
Botswana
10 rural districts
7 urban districts
Ngamiland
0%
Palau
16 states
Ngaraard
0%
Palau
16 states
Ngarchelong
0%
Palau
16 states
Ngardmau
0%
Palau
16 states
Ngatpang
0%
Palau
16 states
Ngchesar
0%
Palau
16 states
Ngeremlengui
0%
Vietnam
58 tỉnh
5 thành phố trực thuộc trung ương
Nghệ An
0%
Palau
16 states
Ngiwal
0%
Uganda
135 districts
1 capital
Ngora
0%
Gabon
9 provinces
Ngounié
0%
Burundi
18 provinces
Ngozi
0%
Republic of the Congo
12 departments
Niari
0%
Turkey
81 il
Niğde
0%
Liberia
15 counties
Nimba
0%
Vietnam
58 tỉnh
5 thành phố trực thuộc trung ương
Ninh Bình
0%
Vietnam
58 tỉnh
5 thành phố trực thuộc trung ương
Ninh Thuận
0%
Tuvalu
9 municipalities
Niulakita
0%
Tuvalu
9 municipalities
Niutao
0%
Tanzania
31 mkoa
Njombe
0%
Thailand
76 changwat
1 capital
Nong Khai
0%
Maldives
17 atolls
4 cities
Noonu
0%
Iceland
72 sveitarfélög
Norðurþing
0%
Gambia
5 regions
1 city
North Bank
0%
South Korea
8 do
6 gwangyeoksi
1 teukbyeol jachido
1 teukbyeol jachisi
1 teukbyeolsi
North Chungcheong
0%
Uganda
135 districts
1 capital
Ntoroko
0%
Uganda
135 districts
1 capital
Ntungamo
0%
Venezuela
23 estados
2 special status areas
Nueva Esparta
0%
Tuvalu
9 municipalities
Nukufetau
0%
Tuvalu
9 municipalities
Nukulaelae
0%
Uganda
135 districts
1 capital
Nwoya
0%
Gabon
9 provinces
Nyanga
0%
Uganda
135 districts
1 capital
Obongi
0%
Cambodia
24 khêt
1 autonomous municipality
Oddar Meanchey
0%
Slovenia
212 občine
Odranci
0%
Azerbaijan
66 rayonlar
12 cities
Oghuz
0%
Gabon
9 provinces
Ogooué-Ivindo
0%
Gabon
9 provinces
Ogooué-Lolo
0%
Gabon
9 provinces
Ogooué-Maritime
0%
Namibia
14 regions
Ohangwena
0%
Latvia
110 novadi
9 republikas pilsētas
Olaine
0%
Iceland
72 sveitarfélög
Ölfus
0%
Namibia
14 regions
Omaheke
0%
Central African Republic
16 préfectures
1 capital
Ombella-M'Poko
0%
Mongolia
21 aimags
1 khot
Ömnögovi
0%
Uganda
135 districts
1 capital
Omoro
0%
Namibia
14 regions
Omusati
0%
Tonga
5 provinces
Ongo Niua
0%
Slovenia
212 občine
Oplotnica
0%
Botswana
10 rural districts
7 urban districts
Orapa
0%
Azerbaijan
66 rayonlar
12 cities
Ordubad
0%
Mongolia
21 aimags
1 khot
Orkhon
0%
Namibia
14 regions
Oshana
0%
Namibia
14 regions
Oshikoto
0%
Slovenia
212 občine
Osilnica
0%
Namibia
14 regions
Otjozondjupa
0%
Uganda
135 districts
1 capital
Otuke
0%
Laos
17 khoueng
1 nakhon louang
Oudômxai
0%
Mongolia
21 aimags
1 khot
Övörkhangai
0%
Latvia
110 novadi
9 republikas pilsētas
Ozolnieki
0%
Uganda
135 districts
1 capital
Pader
0%
Cambodia
24 khêt
1 autonomous municipality
Pailin
0%
Uganda
135 districts
1 capital
Pakwach
0%
Samoa
11 itūmālō
Palauli
0%
Uganda
135 districts
1 capital
Pallisa
0%
Latvia
110 novadi
9 republikas pilsētas
Pārgauja
0%
Latvia
110 novadi
9 republikas pilsētas
Pāvilosta
0%
Serbia
24 okruzi
1 grad
Pčinja
0%
Bhutan
20 dzongkhag
Pemagatshel
0%
Spain
17 comunidades autónomas
2 ciudades autónomas
3 plazas menores de soberanía
Peñón de Vélez de la Gomera
0%
Laos
17 khoueng
1 nakhon louang
Phôngsali
0%
Vietnam
58 tỉnh
5 thành phố trực thuộc trung ương
Phú Thọ
0%
Vietnam
58 tỉnh
5 thành phố trực thuộc trung ương
Phú Yên
0%
Seychelles
26 districts
Plaisance
0%
Latvia
110 novadi
9 republikas pilsētas
Pļaviņas
0%
Montenegro
22 opštine
1 prijestonica
1 glavni grad
Pljevlja
0%
Montenegro
22 opštine
1 prijestonica
1 glavni grad
Plužine
0%
Slovenia
212 občine
Podčetrtek
0%
Slovenia
212 občine
Podlehnik
0%
Slovenia
212 občine
Podvelka
0%
Slovenia
212 občine
Poljčane
0%
Slovenia
212 občine
Polzela
0%
Serbia
24 okruzi
1 grad
Pomoravlje
0%
Republic of the Congo
12 departments
Pool
0%
Seychelles
26 districts
Port Glaud
0%
Cambodia
24 khêt
1 autonomous municipality
Preah Vihear
0%
Slovenia
212 občine
Prebold
0%
Slovenia
212 občine
Preddvor
0%
Cambodia
24 khêt
1 autonomous municipality
Prey Veng
0%
Latvia
110 novadi
9 republikas pilsētas
Priekule
0%
Latvia
110 novadi
9 republikas pilsētas
Priekuļi
0%
Slovenia
212 občine
Puconci
0%
Cambodia
24 khêt
1 autonomous municipality
Pursat
0%
Tanzania
31 mkoa
Pwani
0%
Azerbaijan
66 rayonlar
12 cities
Qabala
0%
Lesotho
10 districts
Qacha's Nek
0%
Azerbaijan
66 rayonlar
12 cities
Qakh
0%
Azerbaijan
66 rayonlar
12 cities
Qazakh
0%
Azerbaijan
66 rayonlar
12 cities
Qubadli
0%
Vietnam
58 tỉnh
5 thành phố trực thuộc trung ương
Quảng Ngãi
0%
Azerbaijan
66 rayonlar
12 cities
Qusar
0%
Lesotho
10 districts
Quthing
0%
Slovenia
212 občine
Radlje ob Dravi
0%
Uganda
135 districts
1 capital
Rakai
0%
Iceland
72 sveitarfélög
Rangárþing eystra
0%
Iceland
72 sveitarfélög
Rangárþing ytra
0%
Serbia
24 okruzi
1 grad
Rasina
0%
Serbia
24 okruzi
1 grad
Raška
0%
North Korea
9 do
1 chikhalsi
2 t'ŭkpyŏlsi
1 t'ŭkkŭpsi
Rason
0%
Cambodia
24 khêt
1 autonomous municipality
Ratanakiri
0%
Latvia
110 novadi
9 republikas pilsētas
Rauna
0%
Slovenia
212 občine
Ravne na Koroškem
0%
Yemen
21 muhāfazāt
1 city
Raymah
0%
Slovenia
212 občine
Razkrižje
0%
Slovenia
212 občine
Rečica ob Savinji
0%
Iceland
72 sveitarfélög
Reykhólahreppur
0%
Latvia
110 novadi
9 republikas pilsētas
Riebiņi
0%
Turkey
81 il
Rize
0%
Uruguay
19 departamentos
Rocha
0%
Seychelles
26 districts
Roche Caïman
0%
Slovenia
212 občine
Rogašovci
0%
Latvia
110 novadi
9 republikas pilsētas
Ropaži
0%
Uganda
135 districts
1 capital
Rubanda
0%
Uganda
135 districts
1 capital
Rubirizi
0%
Latvia
110 novadi
9 republikas pilsētas
Rucava
0%
Latvia
110 novadi
9 republikas pilsētas
Rugāji
0%
Liechtenstein
11 Gemeinden
Ruggell
0%
Latvia
110 novadi
9 republikas pilsētas
Rūjiena
0%
Uganda
135 districts
1 capital
Rukiga
0%
Uganda
135 districts
1 capital
Rukungiri
0%
Tanzania
31 mkoa
Rukwa
0%
Burundi
18 provinces
Rumonge
0%
Latvia
110 novadi
9 republikas pilsētas
Rundāle
0%
Burundi
18 provinces
Rutana
0%
Burundi
18 provinces
Ruyigi
0%
Uganda
135 districts
1 capital
Rwampara
0%
North Korea
9 do
1 chikhalsi
2 t'ŭkpyŏlsi
1 t'ŭkkŭpsi
Ryanggang
0%
Azerbaijan
66 rayonlar
12 cities
Saatly
0%
Sri Lanka
9 provinces
Sabaragamuwa
0%
Azerbaijan
66 rayonlar
12 cities
Sabirabad
0%
Azerbaijan
66 rayonlar
12 cities
Sadarak
0%
Latvia
110 novadi
9 republikas pilsētas
Salacgrīva
0%
Latvia
110 novadi
9 republikas pilsētas
Salaspils
0%
Laos
17 khoueng
1 nakhon louang
Salavan
0%
Azerbaijan
66 rayonlar
12 cities
Salyan
0%
Bhutan
20 dzongkhag
Samdrup Jongkhar
0%
Bhutan
20 dzongkhag
Samtse
0%
Azerbaijan
66 rayonlar
12 cities
Samukh
0%
Thailand
76 changwat
1 capital
Samut Sakhon
0%
Republic of the Congo
12 departments
Sangha
0%
Bhutan
20 dzongkhag
Sarpang
0%
Thailand
76 changwat
1 capital
Satun
0%
Samoa
11 itūmālō
Satupa'itea
0%
Latvia
110 novadi
9 republikas pilsētas
Saulkrasti
0%
Senegal
14 régions
Sédhiou
0%
Latvia
110 novadi
9 republikas pilsētas
Sēja
0%
Botswana
10 rural districts
7 urban districts
Selebi-Phikwe
0%
Mongolia
21 aimags
1 khot
Selenge
0%
Slovenia
212 občine
Selnica ob Dravi
0%
Slovenia
212 občine
Semič
0%
Slovenia
212 občine
Šenčur
0%
Slovenia
212 občine
Šentjur
0%
Slovenia
212 občine
Šentrupert
0%
Uganda
135 districts
1 capital
Serere
0%
Slovenia
212 občine
Sevnica
0%
Azerbaijan
66 rayonlar
12 cities
Shabran
0%
Yemen
21 muhāfazāt
1 city
Shabwah
0%
Azerbaijan
66 rayonlar
12 cities
Shahbuz
0%
Azerbaijan
66 rayonlar
12 cities
Shamakhi
0%
Azerbaijan
66 rayonlar
12 cities
Shamkir
0%
Azerbaijan
66 rayonlar
12 cities
Sharur
0%
Maldives
17 atolls
4 cities
Shaviyani
0%
Uganda
135 districts
1 capital
Sheema
0%
Tanzania
31 mkoa
Shinyanga
0%
Azerbaijan
66 rayonlar
12 cities
Siazan
0%
Tunisia
24 wilaya'at
Sidi Bouzid
0%
Tunisia
24 wilaya'at
Siliana
0%
Tanzania
31 mkoa
Simiyu
0%
Tanzania
31 mkoa
Singida
0%
Liberia
15 counties
Sinoe
0%
Trinidad and Tobago
9 regions
1 island
3 boroughs
2 cities
Siparia
0%
Uganda
135 districts
1 capital
Sironko
0%
Iceland
72 sveitarfélög
Skaftárhreppur
0%
Iceland
72 sveitarfélög
Skagabyggð
0%
Iceland
72 sveitarfélög
Skagafjörður
0%
Iceland
72 sveitarfélög
Skagaströnd
0%
Iceland
72 sveitarfélög
Skeiða- og Gnúpverjahreppur
0%
Slovenia
212 občine
Škocjan
0%
Slovenia
212 občine
Škofljica
0%
Iceland
72 sveitarfélög
Skorradalshreppur
0%
Latvia
110 novadi
9 republikas pilsētas
Skrīveri
0%
Latvia
110 novadi
9 republikas pilsētas
Skrunda
0%
Iceland
72 sveitarfélög
Skútustaðahreppur
0%
Slovenia
212 občine
Slovenj Gradec
0%
Slovenia
212 občine
Šmarješke Toplice
0%
Iceland
72 sveitarfélög
Snæfellsbær
0%
Slovenia
212 občine
Sodražica
0%
Slovenia
212 občine
Solčava
0%
Tanzania
31 mkoa
Songwe
0%
Vietnam
58 tỉnh
5 thành phố trực thuộc trung ương
Sơn La
0%
Palau
16 states
Sonsorol
0%
Uruguay
19 departamentos
Soriano
0%
Uganda
135 districts
1 capital
Soroti
0%
South Korea
8 do
6 gwangyeoksi
1 teukbyeol jachido
1 teukbyeol jachisi
1 teukbyeolsi
South Chungcheong
0%
Botswana
10 rural districts
7 urban districts
Sowa
0%
Slovenia
212 občine
Središče ob Dravi
0%
Uganda
135 districts
1 capital
Ssembabule
0%
Slovenia
212 občine
Starše
0%
Latvia
110 novadi
9 republikas pilsētas
Stopiņi
0%
Slovenia
212 občine
Štore
0%
Iceland
72 sveitarfélög
Strandabyggð
0%
Moldova
32 raioane
3 municipiu
1 unitate teritorială autonomă
1 unitatea teritorială
Strășeni
0%
Slovenia
212 občine
Straža
0%
Latvia
110 novadi
9 republikas pilsētas
Strenči
0%
Cambodia
24 khêt
1 autonomous municipality
Stung Treng
0%
Iceland
72 sveitarfélög
Stykkishólmur
0%
Iceland
72 sveitarfélög
Súðavíkurhreppur
0%
Iceland
72 sveitarfélög
Suðurnesjabær
0%
Uzbekistan
12 viloyatlar
1 respublika
1 capital
Surxondaryo
0%
Iceland
72 sveitarfélög
Svalbarðsstrandarhreppur
0%
Cambodia
24 khêt
1 autonomous municipality
Svay Rieng
0%
Slovenia
212 občine
Sveta Trojica v Slovenskih Goricah
0%
Slovenia
212 občine
Sveti Andraž v Slovenskih Goricah
0%
Slovenia
212 občine
Sveti Jurij ob Ščavnici
0%
Slovenia
212 občine
Sveti Jurij v Slovenskih Goricah
0%
Slovenia
212 občine
Sveti Tomaž
0%
Slovenia
212 občine
Tabor
0%
Tanzania
31 mkoa
Tabora
0%
Venezuela
23 estados
2 special status areas
Táchira
0%
Uruguay
19 departamentos
Tacuarembó
0%
Seychelles
26 districts
Takamaka
0%
Cambodia
24 khêt
1 autonomous municipality
Takéo
0%
Iceland
72 sveitarfélög
Tálknafjarðarhreppur
0%
Senegal
14 régions
Tambacounda
0%
Mauritania
15 régions
Tangant
0%
Tunisia
24 wilaya'at
Tataouine
0%
Lithuania
10 apskritys
Tauragė
0%
Vietnam
58 tỉnh
5 thành phố trực thuộc trung ương
Tây Ninh
0%
Cambodia
24 khêt
1 autonomous municipality
Tbong Khmum
0%
Uganda
135 districts
1 capital
Terego
0%
Latvia
110 novadi
9 republikas pilsētas
Tērvete
0%
Maldives
17 atolls
4 cities
Thaa
0%
Vietnam
58 tỉnh
5 thành phố trực thuộc trung ương
Thái Bình
0%
Vietnam
58 tỉnh
5 thành phố trực thuộc trung ương
Thái Nguyên
0%
Iceland
72 sveitarfélög
Þingeyjarsveit
0%
Vietnam
58 tỉnh
5 thành phố trực thuộc trung ương
Tiền Giang
0%
Iceland
72 sveitarfélög
Tjörneshreppur
0%
Slovenia
212 občine
Tolmin
0%
Serbia
24 okruzi
1 grad
Toplica
0%
Uganda
135 districts
1 capital
Tororo
0%
Azerbaijan
66 rayonlar
12 cities
Tovuz
0%
Tunisia
24 wilaya'at
Tozeur
0%
Bhutan
20 dzongkhag
Trashigang
0%
Bhutan
20 dzongkhag
Trashiyangtse
0%
Vietnam
58 tỉnh
5 thành phố trực thuộc trung ương
Trà Vinh
0%
Mauritania
15 régions
Trazra
0%
Slovenia
212 občine
Trnovska Vas
0%
Bhutan
20 dzongkhag
Trongsa
0%
Slovenia
212 občine
Tržič
0%
Slovenia
212 občine
Trzin
0%
Bhutan
20 dzongkhag
Tsirang
0%
Samoa
11 itūmālō
Tuamasaga
0%
Latvia
110 novadi
9 republikas pilsētas
Tukums
0%
Trinidad and Tobago
9 regions
1 island
3 boroughs
2 cities
Tunapuna-Piarco
0%
Turkey
81 il
Tunceli
0%
Slovenia
212 občine
Turnišče
0%
Vietnam
58 tỉnh
5 thành phố trực thuộc trung ương
Tuyên Quang
0%
Marshall Islands
24 municipalities
Ujae
0%
Azerbaijan
66 rayonlar
12 cities
Ujar
0%
Marshall Islands
24 municipalities
Utirik
0%
Maldives
17 atolls
4 cities
Vaavu
0%
Latvia
110 novadi
9 republikas pilsētas
Vaiņode
0%
Samoa
11 itūmālō
Vaisigano
0%
Tuvalu
9 municipalities
Vaitupu
0%
Madagascar
22 faritra
Vakinankaratra
0%
Côte d'Ivoire
12 districts
2 districts autonomes
Vallée du Bandama
0%
Latvia
110 novadi
9 republikas pilsētas
Varakļāni
0%
Venezuela
23 estados
2 special status areas
Vargas / La Guaira
0%
Latvia
110 novadi
9 republikas pilsētas
Vārkava
0%
Madagascar
22 faritra
Vatovavy-Fitovinany
0%
Tonga
5 provinces
Vava'u
0%
Latvia
110 novadi
9 republikas pilsētas
Vecpiebalga
0%
Latvia
110 novadi
9 republikas pilsētas
Vecumnieki
0%
Slovenia
212 občine
Velika Polana
0%
Slovenia
212 občine
Velike Lašče
0%
Slovenia
212 občine
Veržej
0%
Iceland
72 sveitarfélög
Vestmannaeyjar
0%
Iceland
72 sveitarfélög
Vesturbyggð
0%
Latvia
110 novadi
9 republikas pilsētas
Viesīte
0%
Latvia
110 novadi
9 republikas pilsētas
Viļaka
0%
Latvia
110 novadi
9 republikas pilsētas
Viļāni
0%
Vietnam
58 tỉnh
5 thành phố trực thuộc trung ương
Vĩnh Phúc
0%
Slovenia
212 občine
Vipava
0%
Slovenia
212 občine
Vitanje
0%
Slovenia
212 občine
Vodice
0%
Iceland
72 sveitarfélög
Vogar
0%
Slovenia
212 občine
Vojnik
0%
Iceland
72 sveitarfélög
Vopnafjarðarhreppur
0%
Slovenia
212 občine
Vransko
0%
Slovenia
212 občine
Vuzenica
0%
Uganda
135 districts
1 capital
Wakiso
0%
Bhutan
20 dzongkhag
Wangdue Phodrang
0%
Luxembourg
12 cantons
Wiltz
0%
Côte d'Ivoire
12 districts
2 districts autonomes
Woroba
0%
Marshall Islands
24 municipalities
Wotho
0%
Marshall Islands
24 municipalities
Wotje
0%
Laos
17 khoueng
1 nakhon louang
Xaignabouli
0%
Laos
17 khoueng
1 nakhon louang
Xaisomboun
0%
Laos
17 khoueng
1 nakhon louang
Xékong
0%
Laos
17 khoueng
1 nakhon louang
Xiangkhouang
0%
Venezuela
23 estados
2 special status areas
Yaracuy
0%
Azerbaijan
66 rayonlar
12 cities
Yardymli
0%
Vietnam
58 tỉnh
5 thành phố trực thuộc trung ương
Yên Bái
0%
Turkey
81 il
Yozgat
0%
Uganda
135 districts
1 capital
Yumbe
0%
Azerbaijan
66 rayonlar
12 cities
Zaqatala
0%
Azerbaijan
66 rayonlar
12 cities
Zardab
0%
Slovenia
212 občine
Zavrč
0%
Slovenia
212 občine
Železniki
0%
Slovenia
212 občine
Žetale
0%
Bhutan
20 dzongkhag
Zhemgang
0%
Senegal
14 régions
Ziguinchor
0%
Latvia
110 novadi
9 republikas pilsētas
Zilupe
0%
Slovenia
212 občine
Žiri
0%
Slovenia
212 občine
Žirovnica
0%
Uganda
135 districts
1 capital
Zombo
0%
Turkey
81 il
Zonguldak
0%

Score Distribution

Percentile by Number Answered

Percent of People with Each Score

Your Score History

You have not taken this quiz since the last reset